{"text_format":"3","workbook":"xlsx","n_sheets":17,"sheets":["Suhrnny list","Zoznam","KL1","KL11","P11","KL12","P12","KL13","P13","KL14","P14","KL15","P15","KL16","P16","KL2","P2"],"not_rendered":{"defined_names":22,"comments":1},"read":"whole","date_system":"1900"}

{"sheet":"Suhrnny list","index":0,"n_rows":41,"n_cols":12,"rows_kept":41,"merged":[[34,3,34,5]]}
[{"$nulls":7},"Súhrnný list stavby"]
[]
[null,"Názov stavby:",{"$nulls":3},"Stavba : PREVÁDZKOVÁ BUDOVA DŽK - STANICA ČERMEĽ",{"$nulls":4},"KS :"]
[null,"Miesto stavby:",{"$nulls":3},"Detská železnica Košice, ČERMEĽ"]
[]
[null,"Odberateľ:",{"$nulls":3},"OZ DŽK, o.z.",{"$nulls":4},"IČO:",42241189]
[null,"Adresa:",{"$nulls":3},"Aténska 15",{"$nulls":4},"DRČ:"]
[{"$nulls":5},"04013 Košice"]
[]
[{"$nulls":7},"Rekapitulácia nákladov stavby v EUR"]
["Por.","Hl.","Náklady na",{"$nulls":4},"                  Náklady investičnej výstavby",null,null,"Náklady z","Celkové"]
["č.",{"$nulls":6},"stavebná časť","technolog. časť","celkom","inv. prostried.","náklady"]
[1,"A","Projektové a prieskumné práce",{"$nulls":4},{"v":0,"d":"0.00"},{"v":0,"d":"0.00"},{"$f":"H13+I13","v":{"v":0,"d":"0.00"}},{"v":0,"d":"0.00"},{"$f":"J13+K13","v":{"v":0,"d":"0.00"}}]
[2,"B","Prevádzkové súbory",{"$nulls":4},{"$f":"H15+H16","v":{"v":0,"d":"0.00"}},{"$f":"I15+I16","v":{"v":0,"d":"0.00"}},{"$f":"H14+I14","v":{"v":0,"d":"0.00"}},{"$f":"K15+K16","v":{"v":0,"d":"0.00"}},{"$f":"J14+K14","v":{"v":0,"d":"0.00"}}]
[3,null,null,"z toho:",null,"dodávky",null,{"v":0,"d":"0.00"},{"v":0,"d":"0.00"},{"v":0,"d":"0.00"},{"v":0,"d":"0.00"},{"v":0,"d":"0.00"}]
[4,{"$nulls":4},"montáž a dopl. náklady",null,{"v":0,"d":"0.00"},{"v":0,"d":"0.00"},{"v":0,"d":"0.00"},{"v":0,"d":"0.00"},{"v":0,"d":"0.00"}]
[5,"C","Stavebné objekty",{"$nulls":4},{"$f":"Zoznam!O12","v":{"v":0,"d":"0.00"}},{"$f":"I18+I19","v":{"v":0,"d":"0.00"}},{"v":0,"d":"0.00"},{"$f":"K18+K19","v":{"v":0,"d":"0.00"}},{"v":0,"d":"0.00"}]
[6,null,null,"z toho:",null,"základné náklady",null,{"$f":"H17","v":{"v":0,"d":"0.00"}},{"v":0,"d":"0.00"},{"v":0,"d":"0.00"},{"v":0,"d":"0.00"},{"v":0,"d":"0.00"}]
[7,{"$nulls":4},"HZS a dopl. náklady",null,{"v":0,"d":"0.00"},{"v":0,"d":"0.00"},{"v":0,"d":"0.00"},{"v":0,"d":"0.00"},{"v":0,"d":"0.00"}]
[8,"D","Stroje, zariadenie, inventár",{"$nulls":4},{"v":0,"d":"0.00"},{"v":0,"d":"0.00"},{"v":0,"d":"0.00"},{"v":0,"d":"0.00"},{"$f":"J20+K20","v":{"v":0,"d":"0.00"}}]
[9,"E","Umelecké diela",{"$nulls":4},{"v":0,"d":"0.00"},{"v":0,"d":"0.00"},{"v":0,"d":"0.00"},{"v":0,"d":"0.00"},{"v":0,"d":"0.00"}]
[10,"F","Vedľajšie náklady",{"$nulls":4},{"$f":"Zoznam!P12","v":{"v":0,"d":"0.00"}},{"v":0,"d":"0.00"},{"v":0,"d":"0.00"},{"v":0,"d":"0.00"},{"v":0,"d":"0.00"}]
[11,"G","Ostatné náklady",{"$nulls":4},{"$f":"Zoznam!R12","v":{"v":0,"d":"0.00"}},{"v":0,"d":"0.00"},{"v":0,"d":"0.00"},{"v":0,"d":"0.00"},{"v":0,"d":"0.00"}]
[12,"H","Rezerva",{"$nulls":4},{"v":0,"d":"0.00"},{"v":0,"d":"0.00"},{"v":0,"d":"0.00"},{"v":0,"d":"0.00"},{"v":0,"d":"0.00"}]
[13,"I","Ostatné investície",{"$nulls":4},{"v":0,"d":"0.00"},{"v":0,"d":"0.00"},{"v":0,"d":"0.00"},{"v":0,"d":"0.00"},{"v":0,"d":"0.00"}]
[14,"J","Nehmotný investičný majetok",{"$nulls":4},{"v":0,"d":"0.00"},{"v":0,"d":"0.00"},{"v":0,"d":"0.00"},{"v":0,"d":"0.00"},{"v":0,"d":"0.00"}]
[15,"K","Prevádzkové náklady",{"$nulls":4},{"v":0,"d":"0.00"},{"v":0,"d":"0.00"},{"v":0,"d":"0.00"},{"v":0,"d":"0.00"},{"v":0,"d":"0.00"}]
[16,"L","Kompletačná činnosť",{"$nulls":4},{"v":0,"d":"0.00"},{"v":0,"d":"0.00"},{"v":0,"d":"0.00"},{"v":0,"d":"0.00"},{"v":0,"d":"0.00"}]
[17,null,"Celkové náklady",{"$nulls":4},{"$f":"H13+H14+H17+H20+H21+H22+H23+H24+H25+H26+H27+H28","v":{"v":0,"d":"0.00"}},{"$f":"I13+I14+I17+I20+I21+I22+I23+I24+I25+I26+I27+I28","v":{"v":0,"d":"0.00"}},{"$f":"H29+I29","v":{"v":0,"d":"0.00"}},{"$f":"K13+K14+K17+K20+K21+K22+K23+K24+K25+K26+K27+K28","v":{"v":0,"d":"0.00"}},{"$f":"J29+K29","v":{"v":0,"d":"0.00"}}]
[18,null,"DPH",{"$nulls":4},{"v":0.2,"d":"20%"},"z čiastky",{"$f":"SUM(J29)","v":{"v":0,"d":"0.00"}},null,{"$f":"J30*H30","v":{"v":0,"d":"0.00"}}]
[{"$nulls":7},{"v":0,"d":"0%"},"z čiastky",{"$f":"L29-J30","v":{"v":0,"d":"0.00"}},null,{"$f":"ROUND(J31*H31,2)","v":{"v":0,"d":"0.00"}}]
[19,null,"Cena celkom s DPH",{"$nulls":8},{"$f":"L29+L30+L31","v":{"v":0,"d":"0.00"}}]
["Spracoval:",null,null,"Ing. Milan GAJDOŠ, stavebný cenár",{"$nulls":3},"Projektant:",null,null,"Odberateľ:"]
["",{"$nulls":7},"MGR. ART. TOMÁŠ HAVIAR",null,null," DETSKÁ ŽELEZNICA KOŠICE"]
["Dňa:",null,null,"2018-02-27",{"$nulls":3},"IČO:","DRČ:",null,"IČO: 42241189","DRČ:"]
[]
["Adresa:",{"$nulls":3},"Južná trieda 43",null,null,"Adresa:","Gogoľova 3939/18",null,"Adresa:       Aténska 15"]
["",{"$nulls":3},"040 01","Košice",null,"","03601 MARTIN",null,"040 13","Košice"]
[{"$nulls":7},"",null,null,""]
[]
["Pečiatka a podpis",{"$nulls":6},"Pečiatka a podpis",null,null,"Pečiatka a podpis"]

{"sheet":"Zoznam","index":1,"n_rows":12,"n_cols":67,"rows_kept":12,"merged":[[0,2,1,2]]}
["Názov stavby, objektu, časti alebo PS","KS :","SO / PS","HSV",null,"PSV",null,"M-CE",null,"Iné",null,"ZRN",null,"ORN","ZRN+ORN","NUS","IN","ON","Spolu bez DPH","DPH - 1.sadzba","DPH - 2.sadzba","Spolu s DPH","Prípočet - odpočet","Hl. A - Projektové a prieskumné práce",null,null,"Hl. B - Prevádzkové súbory - dodávky",null,null,"Hl. B - Prevádzkové súbory - montáž a dopl. náklady",null,null,"Hl. C - Stavebné objekty - základné náklady",null,null,"Hl. C - Stavebné objekty - HZS a dopl. náklady",null,null,"Hl. D - Stroje, zariadenie, inventár",null,null,"Hl. E - Umelecké diela",null,null,"Hl. F - Vedľajšie náklady",null,null,"Hl. G - Ostatné náklady",null,null,"Hl. H - Rezerva",null,null,"Hl. I - Ostatné investície",null,null,"Hl. J - Nehmotný investičný majetok",null,null,"Hl. K - Prevádzkové náklady",null,null,"Hl. L - Kompletačná činnosť",null,null,"DPH - 1.sadzba","DPH - 2.sadzba"]
[{"$nulls":3},"montáž","dodávka","montáž","dodávka","montáž","dodávka","montáž","dodávka","montáž","dodávka",{"$nulls":5},"spolu",null,null,"spolu",null,"staveb.časť","technol. časť","náklady z IP","staveb.časť","technol. časť","náklady z IP","staveb.časť","technol. časť","náklady z IP","staveb.časť","technol. časť","náklady z IP","staveb.časť","technol. časť","náklady z IP","staveb.časť","technol. časť","náklady z IP","staveb.časť","technol. časť","náklady z IP","staveb.časť","technol. časť","náklady z IP","staveb.časť","technol. časť","náklady z IP","staveb.časť","technol. časť","náklady z IP","staveb.časť","technol. časť","náklady z IP","staveb.časť","technol. časť","náklady z IP","staveb.časť","technol. časť","náklady z IP","staveb.časť","technol. časť","náklady z IP","základ","základ"]
["Stavba : PREVÁDZKOVÁ BUDOVA DŽK - STANICA ČERMEĽ                                                    "]
["....Objekt : 1_Prevádzková budova                                                                  ",null,"S",0,0,0,0,0,0,0,0,{"$f":"SUM(L5+L6+L7+L8+L9+L10)","v":{"v":0,"d":"0.00"}},{"$f":"SUM(M5+M6+M7+M8+M9+M10)","v":{"v":0,"d":"0.00"}},{"v":0,"d":"0.00"},{"v":0,"d":"0.00"},{"v":0,"d":"0.00"},{"v":0,"d":"0.00"},{"v":0,"d":"0.00"},{"v":0,"d":"0.00"},{"v":0,"d":"0.00"},{"v":0,"d":"0.00"},{"$f":"SUM(V5+V6+V7+V8+V9+V10)","v":{"v":0,"d":"0.00"}},{"v":0,"d":"0.00"},{"$nulls":9},{"$f":"O4","v":{"v":0,"d":"0.00"}},{"$nulls":11},{"$f":"P4","v":{"v":0,"d":"0.00"}},{"$nulls":6},{"v":4258.48,"d":"4,258.48"},{"$nulls":13},{"$f":"T4","v":{"v":0,"d":"0.00"}},{"v":0,"d":"0.00"}]
["........Časť : 11 Elektroinštalácia                                                                    ",null,"S",0,0,0,0,0,0,0,0,{"$f":"'KL11'!D13","v":{"v":0,"d":"0.00"}},{"$f":"'KL11'!E13","v":{"v":0,"d":"0.00"}},{"v":0,"d":"0.00"},{"$f":"L5+M5+N5","v":{"v":0,"d":"0.00"}},{"$f":"'KL11'!M11","v":{"v":0,"d":"0.00"}},{"$f":"'KL11'!I15","v":{"v":0,"d":"0.00"}},{"$f":"'KL11'!M21","v":{"v":0,"d":"0.00"}},{"$f":"SUM(R5+Q5+P5+O5)","v":{"v":0,"d":"0.00"}},{"$f":"'KL11'!M24","v":{"v":0,"d":"0.00"}},{"v":0,"d":"0.00"},{"$f":"SUM(S5:U5)","v":{"v":0,"d":"0.00"}},{"v":0,"d":"0.00"},{"$nulls":9},{"$f":"SUM(O5)","v":{"v":0,"d":"0.00"}},{"$nulls":11},{"v":0,"d":"0.00"},{"$nulls":20},{"v":0,"d":"0.00"},{"v":0,"d":"0.00"}]
["........Časť : 12 Architektúra                                                                         ",null,"S",{"v":45591.43,"d":"45,591"},{"v":1099.08,"d":"1,099"},{"v":17276.04,"d":"17,276"},{"v":13144.93,"d":"13,145"},0,0,0,0,{"$f":"'KL12'!D15","v":{"v":0,"d":"0.00"}},{"$f":"'KL12'!E15","v":{"v":0,"d":"0.00"}},{"v":0,"d":"0.00"},{"$f":"L6+M6+N6","v":{"v":0,"d":"0.00"}},{"$f":"'KL12'!M15","v":{"v":0,"d":"0.00"}},{"$f":"'KL12'!I15","v":{"v":0,"d":"0.00"}},{"$f":"'KL12'!M21","v":{"v":0,"d":"0.00"}},{"$f":"'KL12'!M23","v":{"v":0,"d":"0.00"}},{"$f":"'KL12'!M24","v":{"v":0,"d":"0.00"}},{"v":0,"d":"0.00"},{"$f":"SUM(S6:U6)","v":{"v":0,"d":"0.00"}},{"v":0,"d":"0.00"},{"$nulls":9},{"v":0,"d":"0.00"},{"$nulls":11},{"v":0,"d":"0.00"},{"$nulls":20},{"v":0,"d":"0.00"},{"v":0,"d":"0.00"}]
["........Časť :  13 Bleskozvod                                                                          ",null,"S",0,0,0,0,{"v":761.98,"d":"762"},{"v":347.09,"d":"347"},0,0,{"$f":"'KL13'!D15","v":{"v":0,"d":"0.00"}},{"$f":"'KL13'!E15","v":{"v":0,"d":"0.00"}},{"v":0,"d":"0.00"},{"$f":"L7+M7+N7","v":{"v":0,"d":"0.00"}},{"$f":"'KL13'!M15","v":{"v":0,"d":"0.00"}},{"v":0,"d":"0.00"},{"v":0,"d":"0.00"},{"$f":"SUM(O7:R7)","v":{"v":0,"d":"0.00"}},{"$f":"'KL13'!M24","v":{"v":0,"d":"0.00"}},{"v":0,"d":"0.00"},{"$f":"SUM(S7:U7)","v":{"v":0,"d":"0.00"}},{"v":0,"d":"0.00"},{"$nulls":9},{"v":0,"d":"0.00"},{"$nulls":11},{"v":0,"d":"0.00"},{"$nulls":20},{"v":0,"d":"0.00"},{"v":0,"d":"0.00"}]
["........Časť : 14 Vykurovanie                                                                          ",null,"S",0,0,{"v":470.86,"d":"471"},{"v":762.87,"d":"763"},0,0,0,0,{"$f":"'KL14'!D15","v":{"v":0,"d":"0.00"}},{"$f":"'KL14'!E15","v":{"v":0,"d":"0.00"}},{"v":0,"d":"0.00"},{"v":0,"d":"0.00"},{"$f":"'KL14'!M15","v":{"v":0,"d":"0.00"}},{"$f":"'KL14'!I15","v":{"v":0,"d":"0.00"}},{"$f":"'KL14'!M21","v":{"v":0,"d":"0.00"}},{"$f":"SUM(O8:R8)","v":{"v":0,"d":"0.00"}},{"$f":"'KL14'!M24","v":{"v":0,"d":"0.00"}},{"v":0,"d":"0.00"},{"$f":"SUM(S8:U8)","v":{"v":0,"d":"0.00"}},{"v":0,"d":"0.00"},{"$nulls":9},{"v":0,"d":"0.00"},{"$nulls":11},{"v":0,"d":"0.00"},{"$nulls":20},{"v":0,"d":"0.00"},{"v":0,"d":"0.00"}]
["........Časť : 15 Zdravotechnika                 ",null,"S",0,0,0,0,0,0,0,0,{"$f":"'KL15'!D12","v":{"v":0,"d":"0.00"}},{"$f":"'KL15'!E15","v":{"v":0,"d":"0.00"}},{"v":0,"d":"0.00"},{"v":0,"d":"0.00"},{"$f":"'KL15'!M15","v":{"v":0,"d":"0.00"}},{"$f":"'KL15'!I15","v":{"v":0,"d":"0.00"}},{"$f":"'KL15'!M21","v":{"v":0,"d":"0.00"}},{"$f":"SUM(O9:R9)","v":{"v":0,"d":"0.00"}},{"$f":"'KL15'!M24","v":{"v":0,"d":"0.00"}},{"v":0,"d":"0.00"},{"v":0,"d":"0.00"},{"v":0,"d":"0.00"},{"$nulls":9},{"v":0,"d":"0.00"},{"$nulls":11},{"v":0,"d":"0.00"},{"$nulls":20},{"v":0,"d":"0.00"},{"v":0,"d":"0.00"}]
["........Časť : 16 Zabezpečovacie zariadenie                                                ",null,"S",0,0,{"v":1122.29,"d":"1,122"},{"v":1892.96,"d":"1,893"},0,0,0,0,{"$f":"'KL16'!D13","v":{"v":0,"d":"0.00"}},{"$f":"'KL16'!E13","v":{"v":0,"d":"0.00"}},{"v":0,"d":"0.00"},{"v":0,"d":"0.00"},{"$f":"'KL16'!M15","v":{"v":0,"d":"0.00"}},{"$f":"'KL16'!I15","v":{"v":0,"d":"0.00"}},{"$f":"'KL16'!M21","v":{"v":0,"d":"0.00"}},{"$f":"SUM(O10:R10)","v":{"v":0,"d":"0.00"}},{"$f":"'KL16'!M24","v":{"v":0,"d":"0.00"}},{"v":0,"d":"0.00"},{"$f":"SUM(S10:U10)","v":{"v":0,"d":"0.00"}},{"v":0,"d":"0.00"},{"$nulls":9},{"v":0,"d":"0.00"},{"$nulls":11},{"v":0,"d":"0.00"},{"$nulls":20},{"v":0,"d":"0.00"},{"v":0,"d":"0.00"}]
["....Objekt : 2_Areálová splášková kanalizácia                                                      ",null,"S",{"v":5309.38,"d":"5,309"},{"v":2288.88,"d":"2,289"},0,0,{"v":29.6,"d":"30"},0,0,0,{"$f":"'KL2'!D15","v":{"v":0,"d":"0.00"}},{"$f":"'KL2'!E15","v":{"v":0,"d":"0.00"}},{"v":0,"d":"0.00"},{"v":0,"d":"0.00"},{"$f":"'KL2'!M11","v":{"v":0,"d":"0.00"}},{"$f":"'KL2'!I15","v":{"v":0,"d":"0.00"}},{"$f":"'KL2'!M21","v":{"v":0,"d":"0.00"}},{"v":0,"d":"0.00"},{"$f":"'KL2'!M24","v":{"v":0,"d":"0.00"}},{"v":0,"d":"0.00"},{"v":0,"d":"0.00"},{"v":0,"d":"0.00"},{"$nulls":9},{"v":0,"d":"0.00"},{"$nulls":11},{"v":0,"d":"0.00"},{"$nulls":20},{"$f":"SUM(T11)","v":{"v":0,"d":"0.00"}},{"v":0,"d":"0.00"}]
["Spolu:",null,null,{"$f":"SUM(D3:D11)","v":{"v":50900.81,"d":"50,901"}},{"v":3387.96,"d":"3,388"},{"v":18869.190000000002,"d":"18,869"},{"v":15800.760000000002,"d":"15,801"},{"v":791.58,"d":"792"},{"v":347.09,"d":"347"},0,0,{"$f":"SUM(L11+L4)","v":{"v":0,"d":"0.00"}},{"v":0,"d":"0.00"},{"v":0,"d":"0.00"},{"v":0,"d":"0.00"},{"v":0,"d":"0.00"},{"v":0,"d":"0.00"},{"v":0,"d":"0.00"},{"v":0,"d":"0.00"},{"v":0,"d":"0.00"},{"v":0,"d":"0.00"},{"v":0,"d":"0.00"},{"v":0,"d":"0.00"},{"$f":"SUM(X3:X11)","v":{"v":0,"d":"0.00"}},{"v":0,"d":"0.00"},{"v":0,"d":"0.00"},{"v":0,"d":"0.00"},{"v":0,"d":"0.00"},{"v":0,"d":"0.00"},{"v":0,"d":"0.00"},{"v":0,"d":"0.00"},{"v":0,"d":"0.00"},{"$f":"SUM(AG11+AG4)","v":{"v":0,"d":"0.00"}},{"v":0,"d":"0.00"},{"v":0,"d":"0.00"},{"v":0,"d":"0.00"},{"v":0,"d":"0.00"},{"v":0,"d":"0.00"},{"v":0,"d":"0.00"},{"v":0,"d":"0.00"},{"v":0,"d":"0.00"},{"v":0,"d":"0.00"},{"v":0,"d":"0.00"},{"v":0,"d":"0.00"},{"v":0,"d":"0.00"},{"v":0,"d":"0.00"},{"v":0,"d":"0.00"},{"v":0,"d":"0.00"},{"v":0,"d":"0.00"},{"v":0,"d":"0.00"},{"v":0,"d":"0.00"},{"v":4258.48,"d":"4,258.48"},{"v":0,"d":"0.00"},{"v":0,"d":"0.00"},{"v":0,"d":"0.00"},{"v":0,"d":"0.00"},{"v":0,"d":"0.00"},{"v":0,"d":"0.00"},{"v":0,"d":"0.00"},{"v":0,"d":"0.00"},{"v":0,"d":"0.00"},{"v":0,"d":"0.00"},{"v":0,"d":"0.00"},{"v":0,"d":"0.00"},{"v":0,"d":"0.00"},{"v":0,"d":"0.00"},{"v":0,"d":"0.00"}]

{"sheet":"KL1","index":2,"n_rows":27,"n_cols":30,"rows_kept":27}
[{"$nulls":7},"Krycí list rozpočtu v EUR  ",{"$nulls":17},"V module","Hlavička1","Mena","Hlavička2","Obdobie"]
[null," Stavba : PREVÁDZKOVÁ BUDOVA DŽK - STANICA ČERMEĽ",{"$nulls":4},"Miesto:","DŽK, ČERMEĽ",null,"Rozpočet:",{"$nulls":15},"Rozpočet","Krycí list rozpočtu v","EUR"]
[null," Objekt : 01_Prevádzková budova",{"$nulls":4},"KS :",null,null,"Spracoval:","Ing. Milan GAJDOŠ, stavebný cenár",{"$nulls":14},"Čerpanie","Krycí list splátky v","EUR","za obdobie","Mesiac 2011"]
[null," Časť : ",{"$nulls":7},"Dňa:","2018-02-27","Zmluva č.:",{"$nulls":13},"VK","Krycí list výrobnej kalkulácie v","EUR"]
[null," Odberateľ:",null,"OZ DŽK, o.z. ",null,null,"04013","KOŠICE",null,"IČO:",42241189,"DIČ:",{"$nulls":13},"VF","Krycí list splátky v","EUR","za obdobie","Mesiac 2011"]
[null," Dodávateľ:",null,"vybraný výberovým konaním",{"$nulls":5},"IČO:",null,"DIČ:"]
[null," Projektant:",null,"MGR. ART. TOMÁŠ HAVIAR ",null,null,"03601","MARTIN",null,"IČO:",null,"DIČ:"]
[{"$nulls":5},0,null,null,0,{"$nulls":3},0]
[{"$nulls":5},0,null,null,0,{"$nulls":3},0]
[null,"A"," ZRN","Konštrukcie","Špecifikovaný materiál","Spolu ZRN","B","IN - Individuálne náklady",null,"C","NUS - náklady umiestnenia stavby"]
[null,1," HSV:",{"$f":"'KL11'!D11+'KL12'!D11+'KL13'!D11+'KL14'!D11+'KL15'!D11","v":{"v":0,"d":"0.00"}},{"$f":"'KL11'!E11+'KL12'!E11+'KL13'!E11+'KL14'!E11+'KL15'!E11+'KL16'!E11+'KL2'!E11","v":{"v":0,"d":"0.00"}},{"$f":"SUM(D11:E11)","v":{"v":0,"d":"0.00"}},6," Práce nadčas",{"v":0,"d":"0.00"},11," Zariadenie staveniska",{"v":0.034,"d":"3.40%"},{"$f":"L11*F15","v":{"v":0,"d":"0.00"}}]
[null,2," PSV:",{"$f":"'KL11'!D12+'KL12'!D12+'KL13'!D12+'KL14'!D12+'KL15'!D12+'KL16'!D12+'KL2'!D11","v":{"v":0,"d":"0.00"}},{"$f":"'KL11'!E12+'KL12'!E12+'KL13'!E12+'KL14'!E12+'KL15'!E12+'KL16'!E12","v":{"v":0,"d":"0.00"}},{"$f":"SUM(D12:E12)","v":{"v":0,"d":"0.00"}},7," Murárske výpomoce",{"v":0,"d":"0.00"},12," Prevádzkové vplyvy",{"v":0,"d":"0.00%"},{"$f":"L12*F15","v":{"v":0,"d":"0.00"}}]
[null,3," MCE:",{"$f":"'KL11'!D13+'KL12'!D13+'KL13'!D13+'KL14'!D13+'KL15'!D13+'KL16'!D13","v":{"v":0,"d":"0.00"}},{"$f":"'KL11'!E13+'KL12'!E13+'KL13'!E13+'KL14'!E13+'KL15'!E13+'KL16'!E13","v":{"v":0,"d":"0.00"}},{"$f":"SUM(D13:E13)","v":{"v":0,"d":"0.00"}},8," Bez pevnej podlahy",{"v":0,"d":"0.00"},13," Sťažené podmienky",{"v":0,"d":"0.00%"},{"$f":"L13*F15","v":{"v":0,"d":"0.00"}}]
[null,4,"Iiné:",{"$f":"'KL11'!D14+'KL12'!D14+'KL13'!D14+'KL14'!D14+'KL15'!D14+'KL16'!D14","v":{"v":0,"d":"0.00"}},{"$f":"'KL11'!E14+'KL12'!E14+'KL13'!E14+'KL14'!E14+'KL15'!E14+'KL16'!E14","v":{"v":0,"d":"0.00"}},{"v":0,"d":"0.00"},9," HZS",{"v":0,"d":"0.00"},14," Vplyv zmien cien vstupov",{"v":0,"d":"0.00%"},{"$f":"L14*F15","v":{"v":0,"d":"0.00"}}]
[null,5," Súčet:",{"$f":"SUM(D11:D14)","v":{"v":0,"d":"0.00"}},{"$f":"SUM(E11:E14)","v":{"v":0,"d":"0.00"}},{"$f":"SUM(F11:F14)","v":{"v":0,"d":"0.00"}},10,"Súčet riadkov 6 až 9: ",{"$f":"SUM(I11:I14)","v":{"v":0,"d":"0.00"}},15,null,"Súčet riadkov 11 až 14: ",{"$f":"SUM(M11:M14)","v":{"v":0,"d":"0.00"}}]
[null,"projektant, rozpočtár, cenár",{"$nulls":4},"dodávateľ, zhotoviteľ",null,null,"D","ON - ostatné náklady"]
[null,null,"dátum:","2018-02-27","podpis:",{"$nulls":4},16," Ostatné náklady uvedené v rozpočte",null,{"v":0,"d":"0.00"}]
[null,null,"pečiatka:",{"$nulls":4},"dátum:",null,17," Inžinierska činnosť",null,{"v":0,"d":"0.00"}]
[{"$nulls":9},18," Projektové práce",null,{"v":0,"d":"0.00"}]
[{"$nulls":7},"podpis:",null,19," Komplet. činnosť",null,{"v":0,"d":"0.00"}]
[{"$nulls":7},"pečiatka:",null,20,null,"Súčet riadkov 16 až 19: ",{"$f":"SUM(M17:M20)","v":{"v":0,"d":"0.00"}}]
[null,"odberateľ, obstarávateľ",{"$nulls":7},"E","Celkové náklady"]
[null,null,"dátum:",null,"podpis:",{"$nulls":4},21,null,"Súčet riadkov 5, 10, 15 a 20: ",{"$f":"SUM(M21+M15+I15+F15)","v":{"v":0,"d":"0.00"}}]
[null,null,"pečiatka:",{"$nulls":6},22," DPH   20% z:",{"$f":"M23","v":{"v":0,"d":"0.00"}},{"$f":"SUM(L24*0.2)","v":{"v":0,"d":"0.00"}}]
[{"$nulls":9},23," DPH    0% z:",{"$f":"M23-L24","v":{"v":0,"d":"0.00"}},{"v":0,"d":"0.00"}]
[{"$nulls":9},24,null,"Súčet riadkov 21 až 23: ",{"$f":"SUM(M23:M25)","v":{"v":0,"d":"0.00"}}]
[{"$nulls":9},"F"," Odpočet - prípočet",null,{"v":0,"d":"0 "}]

{"sheet":"KL11","index":3,"n_rows":27,"n_cols":30,"rows_kept":27}
[{"$nulls":7},"Krycí list rozpočtu v EUR  ",{"$nulls":17},"V module","Hlavička1","Mena","Hlavička2","Obdobie"]
[null," Stavba : PREVÁDZKOVÁ BUDOVA DŽK - STANICA ČERMEĽ",{"$nulls":4},"Miesto:","DŹK, ČERMEĽ",null,"Rozpočet:",{"$nulls":15},"Rozpočet","Krycí list rozpočtu v","EUR"]
[null," Objekt : 01_Prevádzková budova",{"$nulls":4},"KS :",null,null,"Spracoval:","Ing. Milan GAJDOŠ, stavebný cenár",{"$nulls":14},"Čerpanie","Krycí list splátky v","EUR","za obdobie","Mesiac 2011"]
[null," Časť : Elektroinštlácia",{"$nulls":7},"Dňa:","2018-02-27","Zmluva č.:",{"$nulls":13},"VK","Krycí list výrobnej kalkulácie v","EUR"]
[null," Odberateľ:",null,"OZ DŽK, o.z. ",null,null,"","KOŠICE",null,"IČO:",null,"DIČ:",{"$nulls":13},"VF","Krycí list splátky v","EUR","za obdobie","Mesiac 2011"]
[null," Dodávateľ:",null,"vybraný výberovým konaním",{"$nulls":5},"IČO:",null,"DIČ:"]
[null," Projektant:",null,"MGR. ART. TOMÁŠ HAVIAR ",null,null,"03601","MARTIN",null,"IČO:",null,"DIČ:"]
[{"$nulls":5},0,null,null,0,{"$nulls":3},0]
[{"$nulls":5},0,null,null,0,{"$nulls":3},0]
[null,"A"," ZRN","Konštrukcie","Špecifikovaný materiál","Spolu ZRN","B","IN - Individuálne náklady",null,"C","NUS - náklady umiestnenia stavby"]
[null,1," HSV:",null,null,{"$f":"SUM(D11:E11)","v":{"v":0,"d":"0.00"}},6," Práce nadčas",{"v":0,"d":"0.00"},11," Zariadenie staveniska",{"v":0.009,"d":"0.90%"},{"$f":"L11*F15","v":{"v":0,"d":"0.00"}}]
[null,2," PSV:",null,null,{"$f":"SUM(D12:E12)","v":{"v":0,"d":"0.00"}},7," Murárske výpomoce",{"v":0,"d":"0.00"},12," Prevádzkové vplyvy",{"v":0,"d":"0.00%"},{"$f":"L12*F15","v":{"v":0,"d":"0.00"}}]
[null,3," MCE:",{"$f":"'P11'!H18","v":{"v":0,"d":"0.00"}},{"$f":"'P11'!I16","v":{"v":0,"d":"0.00"}},{"$f":"SUM(D13:E13)","v":{"v":0,"d":"0.00"}},8," Bez pevnej podlahy",{"v":0,"d":"0.00"},13," Sťažené podmienky",{"v":0,"d":"0.00%"},{"$f":"L13*F15","v":{"v":0,"d":"0.00"}}]
[null,4,"Iiné:",null,null,{"v":0,"d":"0.00"},9," HZS",{"v":0,"d":"0.00"},14," Vplyv zmien cien vstupov",{"v":0,"d":"0.00%"},{"$f":"L14*F15","v":{"v":0,"d":"0.00"}}]
[null,5," Súčet:",{"$f":"SUM(D11:D14)","v":{"v":0,"d":"0.00"}},{"$f":"SUM(E11:E14)","v":{"v":0,"d":"0.00"}},{"$f":"SUM(F11:F14)","v":{"v":0,"d":"0.00"}},10,"Súčet riadkov 6 až 9: ",{"$f":"SUM(I11:I14)","v":{"v":0,"d":"0.00"}},15,null,"Súčet riadkov 11 až 14: ",{"$f":"SUM(M11:M14)","v":{"v":0,"d":"0.00"}}]
[null,"projektant, rozpočtár, cenár",{"$nulls":4},"dodávateľ, zhotoviteľ",null,null,"D","ON - ostatné náklady"]
[null,null,"dátum:","2018-02-27","podpis:",{"$nulls":4},16," Ostatné náklady uvedené v rozpočte",null,{"v":0,"d":"0.00"}]
[null,null,"pečiatka:",{"$nulls":4},"dátum:",null,17," Inžinierska činnosť",null,{"v":0,"d":"0.00"}]
[{"$nulls":9},18," Projektové práce",null,{"v":0,"d":"0.00"}]
[{"$nulls":7},"podpis:",null,19," Komplet. činnosť",null,{"v":0,"d":"0.00"}]
[{"$nulls":7},"pečiatka:",null,20,null,"Súčet riadkov 16 až 19: ",{"$f":"SUM(M17:M20)","v":{"v":0,"d":"0.00"}}]
[null,"odberateľ, obstarávateľ",{"$nulls":7},"E","Celkové náklady"]
[null,null,"dátum:",null,"podpis:",{"$nulls":4},21,null,"Súčet riadkov 5, 10, 15 a 20: ",{"$f":"SUM(M21+M15+I15+F15)","v":{"v":0,"d":"0.00"}}]
[null,null,"pečiatka:",{"$nulls":6},22," DPH   20% z:",{"$f":"M23","v":{"v":0,"d":"0.00"}},{"$f":"SUM(L24*0.2)","v":{"v":0,"d":"0.00"}}]
[{"$nulls":9},23," DPH    0% z:",{"$f":"M23-L24","v":{"v":0,"d":"0.00"}},{"v":0,"d":"0.00"}]
[{"$nulls":9},24,null,"Súčet riadkov 21 až 23: ",{"$f":"SUM(M23:M25)","v":{"v":0,"d":"0.00"}}]
[{"$nulls":9},"F"," Odpočet - prípočet",null,{"v":0,"d":"0 "}]

{"sheet":"P11","index":4,"n_rows":18,"n_cols":29,"rows_kept":18}
["Odberateľ: ",null,"OZ DŽK, o.z. ",{"$nulls":5},"Spracoval: Ing. Milan GAJDOŠ, stavebný cenár       ",{"$nulls":16},"V module","Hlavička1","Mena","Hlavička2"]
["Projektant: MGR. ART. TOMÁŠ HAVIAR ",{"$nulls":7},"JKSO : ",{"$nulls":16},"Rozpočet","Prehľad rozpočtových nákladov v","EUR"]
["Dodávateľ: ",{"$nulls":7},"Dátum: 27.02.2018",{"$nulls":16},"Čerpanie","Súpis vykonaných prác a dodávok v","EUR","za obdobie"]
[{"$nulls":25},"VK","Prehľad kalkulovaných nákladov v","EUR"]
["Stavba : PREVÁDZKOVÁ BUDOVA DŽK - STANICA ČERMEĽ",{"$nulls":24},"VF","Súpis vykonaných prác a dodávok v","EUR","za obdobie"]
["Objekt : 01_Prevádzková budova"]
["Časť : Elektroinštalácia"]
[{"$nulls":3},"Prehľad rozpočtových nákladov v EUR  "]
["P.","Kód","Kód položky","Popis položky, stavebného dielu, remesla,","Množstvo","Mer.","Jednotková","Konštrukcie","Špecifikovaný","Spolu","Hmotnosť v tonách",null,"Suť v tonách",null,"DPH","Pozícia","Množstvo","Množstvo","Množstvo","Vyňatý","Vysoká sadzba","Typ","Nh","X","Y","Klasifikácia","Katalógové","Typ"]
["č.:","cen.",null,"výkaz-výmer","výmera","jed.","cena",null,"materiál",null,"Jednot.","Spolu","Jednot.","Spolu","%",null,"rozpočtované","od začiatku","dodatok","z režimu stavba","DPH ( materiál )","položky",{"$nulls":3},"produkcie","číslo","Ceny"]
[]
[null,"PRÁCE A DODÁVKY M"]
[null,"M21 - 155 Elektromontáže"]
[{"$nulls":3},"M21 - 155 Elektromontáže  spolu: ",{"$nulls":3},{"v":0,"d":"0.00"},{"v":0,"d":"0.00"},{"v":0,"d":"0.00"},{"$nulls":12},{"v":85.90199999999999,"d":"85.902"}]
[]
[{"$nulls":3},"PRÁCE A DODÁVKY M  spolu: ",{"$nulls":3},{"$f":"SUM(H14)","v":{"v":0,"d":"0.00"}},{"$f":"SUM(I14)","v":{"v":0,"d":"0.00"}},{"v":0,"d":"0.00"},{"$nulls":12},{"v":85.90199999999999,"d":"85.902"}]
[]
[{"$nulls":3},"Za rozpočet celkom",{"$nulls":3},{"$f":"SUM(H16)","v":{"v":0,"d":"0.00"}},{"$f":"SUM(I16)","v":{"v":0,"d":"0.00"}},{"$f":"SUM(J16)","v":{"v":0,"d":"0.00"}},{"$nulls":12},{"v":85.90199999999999,"d":"85.902"}]

{"sheet":"KL12","index":5,"n_rows":27,"n_cols":30,"rows_kept":27}
[{"$nulls":7},"Krycí list rozpočtu v EUR  ",{"$nulls":17},"V module","Hlavička1","Mena","Hlavička2","Obdobie"]
[null," Stavba : PREVÁDZKOVÁ BUDOVA DŽK - STANICA ČERMEĽ",{"$nulls":4},"Miesto:","DŹK, ČERMEĽ",null,"Rozpočet:",{"$nulls":15},"Rozpočet","Krycí list rozpočtu v","EUR"]
[null," Objekt : 01_Prevádzková budova",{"$nulls":4},"JKSO :",null,null,"Spracoval:","Ing. Milan GAJDOŠ, stavebný cenár",{"$nulls":14},"Čerpanie","Krycí list splátky v","EUR","za obdobie","Mesiac 2011"]
[null," Časť : Architektúra",{"$nulls":7},"Dňa:","2018-02-27","Zmluva č.:",{"$nulls":13},"VK","Krycí list výrobnej kalkulácie v","EUR"]
[null," Odberateľ:",null,"OZ DŽK, o.z. ",null,null,"04013","KOŠICE",null,"IČO:",{"$f":"'Suhrnny list'!L6","v":42241189},"DIČ:",{"$nulls":13},"VF","Krycí list splátky v","EUR","za obdobie","Mesiac 2011"]
[null," Dodávateľ:",{"$nulls":7},"IČO:",null,"DIČ:"]
[null," Projektant:",null,"MGR. ART. TOMÁŠ HAVIAR ",null,null,"03601","MARTIN",null,"IČO:",null,"DIČ:"]
[{"$nulls":5},0,null,null,0,{"$nulls":3},0]
[{"$nulls":5},0,null,null,0,{"$nulls":3},0]
[null,"A"," ZRN","Konštrukcie","Špecifikovaný materiál","Spolu ZRN","B","IN - Individuálne náklady",null,"C","NUS - náklady umiestnenia stavby"]
[null,1," HSV:",{"$f":"'P12'!H163","v":{"v":0,"d":"0.00"}},{"$f":"'P12'!I163","v":{"v":0,"d":"0.00"}},{"$f":"SUM(D11:E11)","v":{"v":0,"d":"0.00"}},6," Práce nadčas",{"v":0,"d":"0.00"},11," Zariadenie staveniska",{"v":0.034,"d":"3.40%"},{"$f":"L11*F15","v":{"v":0,"d":"0.00"}}]
[null,2," PSV:",{"$f":"'P12'!H357","v":{"v":0,"d":"0.00"}},{"$f":"'P12'!I357","v":{"v":0,"d":"0.00"}},{"$f":"SUM(D12:E12)","v":{"v":0,"d":"0.00"}},7," Murárske výpomoce",{"v":0,"d":"0.00"},12," Prevádzkové vplyvy",{"v":0,"d":"0.00%"},{"$f":"L12*F15","v":{"v":0,"d":"0.00"}}]
[null,3," MCE:",null,null,{"v":0,"d":"0.00"},8," Bez pevnej podlahy",{"v":0,"d":"0.00"},13," Sťažené podmienky",{"v":0,"d":"0.00%"},{"$f":"L13*F15","v":{"v":0,"d":"0.00"}}]
[null,4,"Iiné:",null,null,{"v":0,"d":"0.00"},9," HZS",{"v":0,"d":"0.00"},14," Vplyv zmien cien vstupov",{"v":0,"d":"0.00%"},{"$f":"L14*F15","v":{"v":0,"d":"0.00"}}]
[null,5," Súčet:",{"$f":"SUM(D11:D14)","v":{"v":0,"d":"0.00"}},{"$f":"SUM(E11:E14)","v":{"v":0,"d":"0.00"}},{"$f":"SUM(F11:F14)","v":{"v":0,"d":"0.00"}},10,"Súčet riadkov 6 až 9: ",{"$f":"SUM(I11:I14)","v":{"v":0,"d":"0.00"}},15,null,"Súčet riadkov 11 až 14: ",{"$f":"SUM(M11:M14)","v":{"v":0,"d":"0.00"}}]
[null,"projektant, rozpočtár, cenár",{"$nulls":4},"dodávateľ, zhotoviteľ",null,null,"D","ON - ostatné náklady"]
[null,null,"dátum:","2018-02-27","podpis:",{"$nulls":4},16," Ostatné náklady uvedené v rozpočte",null,{"v":0,"d":"0.00"}]
[null,null,"pečiatka:",{"$nulls":4},"dátum:",null,17," Inžinierska činnosť",null,{"v":0,"d":"0.00"}]
[{"$nulls":9},18," Projektové práce",null,{"v":0,"d":"0.00"}]
[{"$nulls":7},"podpis:",null,19," Komplet. činnosť",null,{"v":0,"d":"0.00"}]
[{"$nulls":7},"pečiatka:",null,20,null,"Súčet riadkov 16 až 19: ",{"$f":"SUM(M17:M20)","v":{"v":0,"d":"0.00"}}]
[null,"odberateľ, obstarávateľ",{"$nulls":7},"E","Celkové náklady"]
[null,null,"dátum:",null,"podpis:",{"$nulls":4},21,null,"Súčet riadkov 5, 10, 15 a 20: ",{"$f":"SUM(M21+M15+I15+F15)","v":{"v":0,"d":"0.00"}}]
[null,null,"pečiatka:",{"$nulls":6},22," DPH   20% z:",{"$f":"M23","v":{"v":0,"d":"0.00"}},{"$f":"SUM(L24*0.2)","v":{"v":0,"d":"0.00"}}]
[{"$nulls":9},23," DPH    0% z:",{"$f":"M23-L24","v":{"v":0,"d":"0.00"}},{"v":0,"d":"0.00"}]
[{"$nulls":9},24,null,"Súčet riadkov 21 až 23: ",{"$f":"SUM(M23:M25)","v":{"v":0,"d":"0.00"}}]
[{"$nulls":9},"F"," Odpočet - prípočet",null,{"v":0,"d":"0 "}]

{"sheet":"P12","index":6,"n_rows":359,"n_cols":30,"rows_kept":359}
["Odberateľ: ",null,"OZ DŽK, o.z. ",{"$nulls":5},"Spracoval: Ing. Milan GAJDOŠ, stavebný cenár       ",{"$nulls":16},"V module","Hlavička1","Mena","Hlavička2","Obdobie"]
["Projektant: MGR. ART. TOMÁŠ HAVIAR ",{"$nulls":7},"KS : ",{"$nulls":16},"Rozpočet","Prehľad rozpočtových nákladov v","EUR"]
["Dodávateľ: ",{"$nulls":7},"Dátum: 16.03.2018",{"$nulls":16},"Čerpanie","Súpis vykonaných prác a dodávok v","EUR","za obdobie","Mesiac 2011"]
[{"$nulls":25},"VK","Prehľad kalkulovaných nákladov v","EUR"]
["Stavba : PREVÁDZKOVÁ BUDOVA DŽK - STANICA ČERMEĽ",{"$nulls":24},"VF","Súpis vykonaných prác a dodávok v","EUR","za obdobie","Mesiac 2011"]
["Objekt : 01_Prevádzková budova"]
["Časť : Architektúra"]
[{"$nulls":3},"Prehľad rozpočtových nákladov v EUR  "]
["Por.","Kód","Kód položky","Popis položky, stavebného dielu, remesla,","Množstvo","Mer.","Jednotková","Konštrukcie","Špecifikovaný","Spolu","Hmotnosť v tonách",null,"Suť v tonách",null,"DPH","Pozícia","Množstvo","Množstvo","Množstvo","Vyňatý","Vysoká sadzba","Typ","Nh","X","Y","Klasifikácia","Katalógové","Typ"]
["číslo","cen.",null,"výkaz-výmer","výmera","jed.","cena",null,"materiál",null,"Jednotk.","Spolu","Jednotk.","Spolu","%",null,"rozpočtované","od začiatku","dodatok","z režimu stavba","DPH ( materiál )","položky",{"$nulls":3},"produkcie","číslo","Ceny"]
[]
[null,"PRÁCE A DODÁVKY HSV"]
[null,"1 - ZEMNE PRÁCE"]
[1,"272","16250-1102   ","Vodorovné premiestnenie výkopu do 3000 m horn. tr. 1-4",91.664,"m3",null,{"$f":"ROUND(E14*G14, 2)","v":{"v":0,"d":"0.00"}},null,{"$f":"ROUND(H14+I14,2)","v":{"v":0,"d":"0.00"}},{"$nulls":4},20,"                    ",{"$nulls":5},"E",1.008,null,null,"45.11.24",null,"A"]
[{"$nulls":3},"\"odpkop\"  56,180 =   56,180",{"$nulls":17},"a"]
[{"$nulls":3},"\"hĺbenie rýh\"  35,484 =   35,484",{"$nulls":17},"a"]
[{"$nulls":3},"1 - ZEMNE PRÁCE  spolu: ",{"$nulls":3},{"$f":"SUM(H14:H16)","v":{"v":0,"d":"0.00"}},{"$f":"SUM(I14:I16)","v":{"v":0,"d":"0.00"}},{"$f":"SUM(J14:J16)","v":{"v":0,"d":"0.00"}},null,{"$f":"SUM(L14:L16)","v":{"v":0,"d":"0.00000"}},null,{"$f":"SUM(N14:N16)","v":{"v":0,"d":"0.000"}},{"$nulls":8},{"v":147.03900000000004,"d":"147.039"}]
[null,"2 - ZÁKLADY"]
[{"$nulls":3},"2 - ZÁKLADY  spolu: ",{"$nulls":3},{"v":0,"d":"0.00"},{"v":0,"d":"0.00"},{"v":0,"d":"0.00"},null,{"v":0,"d":"0.00000"},null,{"v":0,"d":"0.000"},{"$nulls":8},{"v":31.066000000000003,"d":"31.066"}]
[null,"3 - ZVISLÉ A KOMPLETNÉ KONŠTRUKCIE"]
[1,"011","34224-1172   ","Priečky z tehál 25 cm dl. pálených plných P15 hr. 140 mm",0.177,"m2",null,{"$f":"ROUND(E21*G21, 2)","v":{"v":0,"d":"0.00"}},null,{"$f":"ROUND(H21+I21,2)","v":{"v":0,"d":"0.00"}},{"v":0.2426,"d":"0.24260"},{"$f":"ROUND(K21*E21,5)","v":0.04294},null,null,20,"                    ",{"$nulls":5},"E",0.134,null,null,"45.25.50",null,"A"]
[{"$nulls":3},"\"múrik v sprche - vytvorenie vaničky\" 0,910*0,065*3 =   0,177",{"$nulls":17},"a"]
[{"$nulls":3},"3 - ZVISLÉ A KOMPLETNÉ KONŠTRUKCIE  spolu: ",{"$nulls":3},{"$f":"SUM(H21:H22)","v":{"v":0,"d":"0.00"}},{"$f":"SUM(I21:I22)","v":{"v":0,"d":"0.00"}},{"$f":"SUM(J21:J22)","v":{"v":0,"d":"0.00"}},null,{"$f":"SUM(L21:L22)","v":0.04294},null,{"$f":"SUM(N21:N22)","v":{"v":0,"d":"0.000"}},{"$nulls":8},{"v":167.93200000000002,"d":"167.932"}]
[null,"4 - VODOROVNÉ KONŠTRUKCIE"]
[{"$nulls":3},"4 - VODOROVNÉ KONŠTRUKCIE  spolu: ",{"$nulls":3},{"v":0,"d":"0.00"},{"v":0,"d":"0.00"},{"v":0,"d":"0.00"},null,{"v":0,"d":"0.00000"},null,{"v":0,"d":"0.000"},{"$nulls":8},177.444]
[null,"6 - ÚPRAVY POVRCHOV, PODLAHY, VÝPLNE"]
[2,"011","61245-1111   ","Omietka vnút. stien cem. hrubá zatretá",0.482,"m2",null,{"$f":"ROUND(E27*G27, 2)","v":{"v":0,"d":"0.00"}},null,{"$f":"ROUND(H27+I27,2)","v":{"v":0,"d":"0.00"}},0.04086,{"$f":"ROUND(K27*E27,5)","v":{"v":0.01969,"d":"0.0197"}},null,null,20,"                    ",{"$nulls":5},"E",0.221,null,null,"45.41.10",null,"A"]
[{"$nulls":3},"\"múrik v sprche - vytvorenie vaničky\" 0,910*(0,065*3*2+0,140) =   0,482",{"$nulls":17},"a"]
[2,"011","61240-8122   ","Vnútorná tenkovrstvová minerálna omietka stien so zatieranou štruktúrou Prince Color MSP-BASF hr. zrna 2,5 mm",{"$f":"SUM(E30:E46)","v":{"v":149.99099999999996,"d":"149.991"}},"m2",null,{"$f":"ROUND(E29*G29, 2)","v":{"v":0,"d":"0.00"}},null,{"$f":"ROUND(H29+I29,2)","v":{"v":0,"d":"0.00"}},0.00377,{"$f":"ROUND(K29*E29,5)","v":0.56547},null,null,20,"                    ",{"$nulls":5},"E",88.384,null,null,"  .  .  ",null,"B"]
[{"$nulls":3},"\"m.č. 1.01\" ",0,{"$nulls":16},"a"]
[{"$nulls":3},"2*(0,8+1,4)*0,200+(0,8+2*1,98)*0,200 =   1,832",{"$nulls":17},"a"]
[{"$nulls":3},"\"m.č. 1.02\"   2*(3,750+1,540)*2,400-0,8*1,4-0,8*1,98-0,7*1,98*3 =   18,530",{"v":18.53,"d":"18.530"},{"$nulls":16},"a"]
[{"$nulls":3},"2*(0,8+1,4)*0,200+(0,8+1,98*2) =   5,640",{"v":5.64,"d":"5.640"},{"$nulls":16},"a"]
[{"$nulls":3},"\"m.č. 1.03\"   2*(1,845+1,75)*2,400-0,7*1,98-0,4*0,4 =   15,710",{"v":15.71,"d":"15.710"},{"$nulls":16},"a"]
[{"$nulls":3},"2*(0,4+0,4)*0,2 =   0,320",{"v":0.32,"d":"0.320"},{"$nulls":16},"a"]
[{"$nulls":3},"\"m.č. 1.04\"   2*(2,675+1,750)*2,400+0,7*1,98-0,4*0,4 =   22,466",22.466,{"$nulls":16},"a"]
[{"$nulls":3},"2*(0,4+0,4)*0,200+(2*0,9+0,1)*2,400 =   4,880",{"$nulls":17},"a"]
[{"$nulls":3},"\"m.č. 1.05\"    2*(4,3+3,44)*2,4-0,8*1,4-0,8*1,98-2*0,6*1,98 =   32,072",32.072,{"$nulls":16},"a"]
[{"$nulls":3},"2*(0,8+1,4)*0,2+(0,8+2*1,98)*0,2 =   1,832",1.832,{"$nulls":16},"a"]
[{"$nulls":3},"\"m.č. 1.06\"    2*(0,91*1,75)*2,4-0,4*0,4-0,6*1,98 =   6,296",6.296,{"$nulls":16},"a"]
[{"$nulls":3},"2*(0,4+0,4)*0,2 =   0,320",{"v":0.32,"d":"0.320"},{"$nulls":16},"a"]
[{"$nulls":3},"\"m.č. 1.07\"     2*(1,87+1,54)*2,4-0,6*1,98 =   15,180",{"v":15.18,"d":"15.180"},{"$nulls":16},"a"]
[{"$nulls":3},"\"m.č. 1.08\"     2*(4,52+3,44)*2,4-0,7*1,98-0,8*1,4*3-0,8*1,98 =   31,878",31.878,{"$nulls":16},"a"]
[{"$nulls":3},"2*0,5*2,4+2*(0,8+1,4)*4+(0,8+1,98*2) =   24,760",{"$nulls":17},"a"]
[{"$nulls":3},"2*(19,89-2*0,250)*1,250+2*3,44*1,25 =   57,075",57.075,{"$nulls":16},"a"]
[{"$nulls":3},"\"odpočet kerm. obklad\" -57,328 =   -57,328",-57.328,{"$nulls":16},"a"]
[3,"011","61240-8191   ","Základná penetrácia pre vnútorné nátery, Prince Color Multigrund PGM-BASF",{"$f":"E29","v":{"v":149.99099999999996,"d":"149.991"}},"m2",null,{"$f":"ROUND(E47*G47, 2)","v":{"v":0,"d":"0.00"}},null,{"$f":"ROUND(H47+I47,2)","v":{"v":0,"d":"0.00"}},{"v":1E-4,"d":"0.00010"},{"$f":"ROUND(K47*E47,5)","v":{"v":0.015,"d":"0.01500"}},null,null,20,"                    ",{"$nulls":5},"E",30.463,null,null,"  .  .  ",null,"B"]
[4,"011","61248-1118   ","Potiahnutie vnút. stien sklovláknitým pletivom vtlačeným do tmelu",{"$f":"SUM(E49:E65)","v":200.423},"m2",null,{"$f":"ROUND(E48*G48, 2)","v":{"v":0,"d":"0.00"}},null,{"$f":"ROUND(H48+I48,2)","v":{"v":0,"d":"0.00"}},0.00446,{"$f":"ROUND(K48*E48,5)","v":0.89389},null,null,20,"                    ",{"$nulls":5},"E",71.769,null,null,"45.41.10",null,"B"]
[{"$nulls":3},"\"m.č. 1.01\" ",0,{"$nulls":16},"a"]
[{"$nulls":3},"2*(0,8+1,4)*0,200+(0,8+2*1,98)*0,200 =   1,832",1.832,{"$nulls":16},"a"]
[{"$nulls":3},"\"m.č. 1.02\"   2*(3,750+1,540)*2,400-0,8*1,4-0,8*1,98-0,7*1,98*3 =   18,530",{"v":18.53,"d":"18.530"},{"$nulls":16},"a"]
[{"$nulls":3},"2*(0,8+1,4)*0,200+(0,8+1,98*2) =   5,640",{"v":5.64,"d":"5.640"},{"$nulls":16},"a"]
[{"$nulls":3},"\"m.č. 1.03\"   2*(1,845+1,75)*2,400-0,7*1,98-0,4*0,4 =   15,710",{"v":15.71,"d":"15.710"},{"$nulls":16},"a"]
[{"$nulls":3},"2*(0,4+0,4)*0,2 =   0,320",{"v":0.32,"d":"0.320"},{"$nulls":16},"a"]
[{"$nulls":3},"\"m.č. 1.04\"   2*(2,675+1,750)*2,400+0,7*1,98-0,4*0,4 =   22,466",22.466,{"$nulls":16},"a"]
[{"$nulls":3},"2*(0,4+0,4)*0,200+(2*0,9+0,1)*2,400 =   4,880",{"v":4.88,"d":"4.880"},{"$nulls":16},"a"]
[{"$nulls":3},"\"m.č. 1.05\"    2*(4,3+3,44)*2,4-0,8*1,4-0,8*1,98-2*0,6*1,98 =   32,072",{"$nulls":17},"a"]
[{"$nulls":3},"2*(0,8+1,4)*0,2+(0,8+2*1,98)*0,2 =   1,832",1.832,{"$nulls":16},"a"]
[{"$nulls":3},"\"m.č. 1.06\"    2*(0,91*1,75)*2,4-0,4*0,4-0,6*1,98 =   6,296",{"$nulls":17},"a"]
[{"$nulls":3},"2*(0,4+0,4)*0,2 =   0,320",{"v":0.32,"d":"0.320"},{"$nulls":16},"a"]
[{"$nulls":3},"\"m.č. 1.07\"     2*(1,87+1,54)*2,4-0,6*1,98 =   15,180",{"v":15.18,"d":"15.180"},{"$nulls":16},"a"]
[{"$nulls":3},"\"m.č. 1.08\"     2*(4,52+3,44)*2,4-0,7*1,98-0,8*1,4*3-0,8*1,98 =   31,878",31.878,{"$nulls":16},"a"]
[{"$nulls":3},"2*0,5*2,4+2*(0,8+1,4)*4+(0,8+1,98*2) =   24,760",{"v":24.76,"d":"24.760"},{"$nulls":16},"a"]
[{"$nulls":3},"2*(19,89-2*0,250)*1,250+2*3,44*1,25 =   57,075",57.075,{"$nulls":16},"a"]
[{"$nulls":3},".",{"$nulls":17},"a"]
[5,"011","62284-41910R  ","PZS stien z dosiek  hr. 17 mm  na drevený rošt vrátane roštu s izoláciou tepelnou z kamennej vlny hr. 10 cm",{"v":85.59,"d":"85.590"},"m2",null,{"$f":"ROUND(E66*G66, 2)","v":{"v":0,"d":"0.00"}},null,{"$f":"ROUND(H66+I66,2)","v":{"v":0,"d":"0.00"}},0.00045,{"$f":"ROUND(K66*E66,5)","v":0.03852},null,null,20,"                    ",{"$nulls":5},"E",55.034,null,null,"  .  .  ",null,"A"]
[{"$nulls":3},"2*19,89*1,690 =   67,228",{"$nulls":17},"a"]
[{"$nulls":3},"2*4,180*1,690-(0,75*1,600) =   12,928",{"$nulls":17},"a"]
[{"$nulls":3},"2*1/2*4,180*1,300 =   5,434",{"$nulls":17},"a"]
[6,"011","62513-4415   ","Vonk.omietka stien  silikátovo-silikón.1,5 mm",98.365,"m2",null,{"$f":"ROUND(E70*G70, 2)","v":{"v":0,"d":"0.00"}},null,{"$f":"ROUND(H70+I70,2)","v":{"v":0,"d":"0.00"}},0.00285,{"$f":"ROUND(K70*E70,5)","v":0.28034},null,null,20,"                    ",{"$nulls":5},"E",70.921,null,null,"45.41.10",null,"B"]
[{"$nulls":3},"20,15*2,480-3*0,400*0,400 =   49,492",{"$nulls":17},"a"]
[{"$nulls":3},"4,180*2,480-0,800*1,400 =   9,246",{"$nulls":17},"a"]
[{"$nulls":3},"4,180*2,480-2*0,800*1,400 =   8,126",{"$nulls":17},"a"]
[{"$nulls":3},"20,150*2,480-0,800*1,980*3-0,800*1,400*5 =   39,620",{"$nulls":17},"a"]
[{"$nulls":3},"\"ostenia okien a dverí\"",{"$nulls":17},"a"]
[{"$nulls":3},"2*(0,800+1,400)*0,120*9 =   4,752",{"$nulls":17},"a"]
[{"$nulls":3},"(0,800+2*1,980)*0,120*3 =   1,714",{"$nulls":17},"a"]
[{"$nulls":3},"2*(0,400+0,400)*0,120*3 =   0,576",{"$nulls":17},"a"]
[{"$nulls":3},"-15,161 =   -15,161",{"$nulls":17},"a"]
[{"$nulls":3},".",{"$nulls":17},"a"]
[7,"011","62284-SW01","PZS stien z dosiek SUPERDOSKA WOOD hr. 8 mm lepenie na murivo",15.161,"m2",null,{"$f":"ROUND(E81*G81, 2)","v":{"v":0,"d":"0.00"}},null,{"$f":"ROUND(H81+I81,2)","v":{"v":0,"d":"0.00"}},0.02244,{"$f":"ROUND(K81*E81,5)","v":0.34021},null,null,20,"                    ",{"$nulls":5},"E",12.978,null,null,"45.41.10",null,"B"]
[{"$nulls":3},"6*0,100*2,480+4*0,100*0,400+0,100*4,000+4*0,100*0,800+2*0,100*1,000+0,100*2,400 =   2,808",{"$nulls":17},"a"]
[{"$nulls":3},"6*0,100*2,480+4*0,100*0,400+0,100*4,000+4*0,100*0,800+2*0,100*1,000+0,100*2,400 =   2,808",{"$nulls":17},"a"]
[{"$nulls":3},"(0,88+1,44+1,82+0,82+0,87)*0,100 =   0,583",{"$nulls":17},"a"]
[{"$nulls":3},"0,100*2,480*19+4*0,100*0,800+0,100*0,800*10+0,100*0,750*4+0,100*1,500*2 =   6,432",{"$nulls":17},"a"]
[{"$nulls":3},"0,100*1,200*6+0,100*0,800*4+0,100*1,200*4 =   1,520",{"$nulls":17},"a"]
[{"$nulls":3},"0,100*(2,600+2,500+2,500+2,500) =   1,010",{"$nulls":17},"a"]
[{"$nulls":3},"6*0,100*2,480+4*0,100*0,400+0,100*4,000+4*0,100*0,800+2*0,100*1,000+0,100*2,400 =   2,808"]
[{"$nulls":3},"6*0,100*2,480+4*0,100*0,400+0,100*4,000+4*0,100*0,800+2*0,100*1,000+0,100*2,400 =   2,808"]
[{"$nulls":3},"(0,88+1,44+1,82+0,82+0,87)*0,100 =   0,583"]
[{"$nulls":3},"0,100*2,480*19+4*0,100*0,800+0,100*0,800*10+0,100*0,750*4+0,100*1,500*2 =   6,432"]
[{"$nulls":3},"0,100*1,200*6+0,100*0,800*4+0,100*1,200*4 =   1,520"]
[{"$nulls":3},"0,100*(2,600+2,500+2,500+2,500) =   1,010"]
[8,"011","62299-SP01   ","Náter vonkajších obkladov SUPERDOSKA PENETRÁK originál",15.161,"m2",null,{"$f":"ROUND(E94*G94, 2)","v":{"v":0,"d":"0.00"}},null,{"$f":"ROUND(H94+I94,2)","v":{"v":0,"d":"0.00"}},0.00025,{"$f":"ROUND(K94*E94,5)","v":{"v":3.79E-3,"d":"0.00379"}},{"$nulls":9},"a"]
[9,"011","62513-5122   ","Zateplenie stien Ceretherm VWS IMPACTUM polystyrén 12 cm, variant C",105.365,"m2",null,{"$f":"ROUND(E95*G95, 2)","v":{"v":0,"d":"0.00"}},null,{"$f":"ROUND(H95+I95,2)","v":{"v":0,"d":"0.00"}},0.01087,{"$f":"ROUND(K95*E95,5)","v":1.14532},null,null,20,"                    ",{"$nulls":5},"E",132.022,null,null,"45.41.10",null,"B"]
[{"$nulls":3},"2*20,150*2,480 =   99,944",{"$nulls":17},"a"]
[{"$nulls":3},"2*4,180*2,480 =   20,733",{"$nulls":17},"a"]
[{"$nulls":3},"-3*0,400*0,400-3*0,800*1,98-9*0,800*1,400 =   -15,312",{"$nulls":17},"a"]
[null,"011","62299-SP01   ","Náter vonkajších obkladov SUPERKOSKA PENETRÁK originál",15.161,"m2",null,{"$f":"ROUND(E99*G99, 2)","v":{"v":0,"d":"0.00"}},null,{"$f":"ROUND(H99+I99,2)","v":{"v":0,"d":"0.00"}},0.00025,{"v":3.7902499999999998E-3,"d":"0.00379"},{"$nulls":9},"a"]
[10,"011","62513-5190   ","Zateplenie sokla Ceretherm VWS IMPACTUM EPS soklová doska 5 cm, variant C",{"v":24.33,"d":"24.330"},"m2",null,{"$f":"ROUND(E100*G100, 2)","v":{"v":0,"d":"0.00"}},null,{"$f":"ROUND(H100+I100,2)","v":{"v":0,"d":"0.00"}},0.00904,{"$f":"ROUND(K100*E100,5)","v":0.21994},null,null,20,"                    ",{"$nulls":5},"E",32.918,null,null,"45.41.10",null,"B"]
[{"$nulls":3},"20,150*0,500*2 =   20,150",{"$nulls":17},"a"]
[{"$nulls":3},"4,180*0,500*2 =   4,180",{"$nulls":17},"a"]
[11,"011","63131-2611   ","Mazanina z betónu prostého tr. C16/20 hr. 5-8 cm",{"v":0,"d":"0.000"},"m3",null,{"$f":"ROUND(E103*G103, 2)","v":{"v":0,"d":"0.00"}},null,{"$f":"ROUND(H103+I103,2)","v":{"v":0,"d":"0.00"}},2.42103,{"$f":"ROUND(K103*E103,5)","v":{"v":0,"d":"0.00000"}},null,null,20,"                    ",{"$nulls":5},"E",11.749,null,null,"45.25.32",null,"B"]
[{"$nulls":3},"(14,80+5,80+3,30+4,60+14,80+1,60+2,90+15,55)*0,060 =   3,801",{"$nulls":17},"a"]
[12,"011","63131-5511   ","Mazanina z betónu prostého tr. C12/15 hr. 12-24 cm",{"v":0,"d":"0.000"},"m3",null,{"$f":"ROUND(E105*G105, 2)","v":{"v":0,"d":"0.00"}},null,{"$f":"ROUND(H105+I105,2)","v":{"v":0,"d":"0.00"}},2.37931,{"$f":"ROUND(K105*E105,5)","v":{"v":0,"d":"0.00000"}},null,null,20,"                    ",{"$nulls":5},"E",25.943,null,null,"45.25.32",null,"B"]
[{"$nulls":3},"3,940*19,890*0,150 =   11,755",{"$nulls":17},"a"]
[{"$nulls":3},".",{"$nulls":17},"a"]
[13,"011","63131-9175   ","Prípl. za stiahnutie povrchu mazaniny pred vlož. výstuže hr. do 24 cm",{"v":0,"d":"0.000"},"m3",null,{"$f":"ROUND(E108*G108, 2)","v":{"v":0,"d":"0.00"}},null,{"$f":"ROUND(H108+I108,2)","v":{"v":0,"d":"0.00"}},{"$nulls":4},20,"                    ",{"$nulls":5},"E",{"v":2.41,"d":"2.410"},null,null,"45.25.32",null,"A"]
[14,"011","63136-2021   ","Výstuž betónových mazanín zo zvarovaných sietí Kari",{"v":0,"d":"0.000"},"t",null,{"$f":"ROUND(E109*G109, 2)","v":{"v":0,"d":"0.00"}},null,{"$f":"ROUND(H109+I109,2)","v":{"v":0,"d":"0.00"}},0.98901,{"$f":"ROUND(K109*E109,5)","v":{"v":0,"d":"0.00000"}},null,null,20,"                    ",{"$nulls":5},"E",7.692,null,null,"45.25.32",null,"B"]
[{"$nulls":3},"3,940*19,890*3,24*1,1/1000\" KY50 8/8  50/50\" =   0,279",{"$nulls":17},"a"]
[{"$nulls":3},"(14,80+5,80+3,30+4,60+14,80+1,60+2,90+15,55)*3,24*1,1/1000 =   0,226",{"$nulls":17},"a"]
[{"$nulls":3},".",{"$nulls":17},"a"]
[15,"011","63157-1004   ","Násyp zo štrkopiesku 0-32 tr. I",{"v":0,"d":"0.000"},"m3",null,{"$f":"ROUND(E113*G113, 2)","v":{"v":0,"d":"0.00"}},null,{"$f":"ROUND(H113+I113,2)","v":{"v":0,"d":"0.00"}},{"v":1.837,"d":"1.83700"},{"$f":"ROUND(K113*E113,5)","v":{"v":0,"d":"0.00000"}},null,null,20,"                    ",{"$nulls":5},"E",84.578,null,null,"45.25.50",null,"A"]
[{"$nulls":3},"+(4,290+2*0,500)*(20,240+2*0,500)*0,500 =   56,180",{"$nulls":17},"a"]
[{"$nulls":3},";++ Medzisúčet: =   56,180",{"$nulls":17},"a"]
[{"$nulls":3},"-(2,740-0,600)*0,300*0,250 =   -0,161",{"$nulls":17},"a"]
[{"$nulls":3},"-(1,550-0,600)*0,300*0,250 =   -0,071",{"$nulls":17},"a"]
[{"$nulls":3},"-20,240*0,300*0,250 =   -1,518",{"$nulls":17},"a"]
[{"$nulls":3},"-(2,740-0,600)*0,300*0,250 =   -0,161",{"$nulls":17},"a"]
[{"$nulls":3},"-(1,550-0,600)*0,300*0,250 =   -0,071",{"$nulls":17},"a"]
[{"$nulls":3},"-0,870*0,300*0,250 =   -0,065",{"$nulls":17},"a"]
[{"$nulls":3},"-20,240*0,300*0,250 =   -1,518",{"$nulls":17},"a"]
[{"$nulls":3},"-0,950*0,300*0,250-2,140*0,300*0,250 =   -0,232",{"$nulls":17},"a"]
[{"$nulls":3},"-0,950*0,300*0,250 =   -0,071",{"$nulls":17},"a"]
[{"$nulls":3},"-2,140*0,300*0,250 =   -0,161",{"$nulls":17},"a"]
[{"$nulls":3},"-2,140*0,300*0,250 =   -0,161",{"$nulls":17},"a"]
[{"$nulls":3},"-0,500*0,750*0,250 =   -0,094",{"$nulls":17},"a"]
[{"$nulls":3},"-0,950*0,300*0,250 =   -0,071",{"$nulls":17},"a"]
[{"$nulls":3},";++ Medzisúčet: =   -4,355",{"$nulls":17},"a"]
[16,"011","63244-1111   ","Poter anhydridový samonivelizačný hr. do 20 mm zo suchých zmesí",66.702,"m2",null,{"$f":"ROUND(E130*G130, 2)","v":{"v":0,"d":"0.00"}},null,{"$f":"ROUND(H130+I130,2)","v":{"v":0,"d":"0.00"}},{"v":0.0378,"d":"0.03780"},{"$f":"ROUND(K130*E130,5)","v":2.52134},null,null,20,"                    ",{"$nulls":5},"E",{"v":19.01,"d":"19.010"},null,null,"  .  .  ",null,"B"]
[{"$nulls":3},"\"na strope podkrovia\"",{"$nulls":17},"a"]
[{"$nulls":3},"3,440*(19,890-2*0,250) =   66,702",{"$nulls":17},"a"]
[{"$nulls":3},".",{"$nulls":17},"a"]
[17,"011","64295-2610   ","Osadenie dverných zárubní drevených do 2,5 m2 s montážnou penou",{"v":6,"d":"6.000"},"kus",null,{"$f":"ROUND(E134*G134, 2)","v":{"v":0,"d":"0.00"}},null,{"$f":"ROUND(H134+I134,2)","v":{"v":0,"d":"0.00"}},0.00304,{"$f":"ROUND(K134*E134,5)","v":0.01824},null,null,20,"                    ",{"$nulls":5},"E",{"v":3.48,"d":"3.480"},null,null,"45.42.11",null,"B"]
[18,"MAT","611 6D2705   ","Zárubňa - hr.steny 7-15 cm - DÝHA DB, BK, RAL 9003",{"v":4,"d":"4.000"},"kus",null,null,{"$f":"ROUND(G135*E135,2)","v":{"v":0,"d":"0.00"}},{"$f":"ROUND(H135+I135,2)","v":{"v":0,"d":"0.00"}},{"$nulls":4},20,"                    ",{"$nulls":5},"D",{"$nulls":3},"20.30.11","                    ",2]
[19,"MAT","611 6D2706   ","Zárubňa - hr.steny 16-25 cm - DÝHA DB, BK, RAL 9003",{"v":2,"d":"2.000"},"kus",null,null,{"$f":"ROUND(G136*E136,2)","v":{"v":0,"d":"0.00"}},{"$f":"ROUND(H136+I136,2)","v":{"v":0,"d":"0.00"}},{"$nulls":4},20,"                    ",{"$nulls":5},"D",{"$nulls":3},"20.30.11","                    ",2]
[20,"011","64895-1411   ","Osadenie parapetných dosák drevených š. do 25 cm",{"v":6.4,"d":"6.400"},"m",null,{"$f":"ROUND(E137*G137, 2)","v":{"v":0,"d":"0.00"}},null,{"$f":"ROUND(H137+I137,2)","v":{"v":0,"d":"0.00"}},0.00672,{"$f":"ROUND(K137*E137,5)","v":0.04301},null,null,20,"                    ",{"$nulls":5},"E",2.048,null,null,"45.42.11",null,"B"]
[{"$nulls":3},"\"okná v 1.NP\"   8*0,800 =   6,400",{"$nulls":17},"a"]
[{"$nulls":3},"6 - ÚPRAVY POVRCHOV, PODLAHY, VÝPLNE  spolu: ",{"$nulls":3},{"$f":"SUM(H137+H136+H135+H134+H130+H113+H109+H108+H105+H103+H100+H95+H94+H81+H70+H66+H48+H47+H29+H27)","v":{"v":0,"d":"0.00"}},{"$f":"SUM(I137+I136+I135+I134+I130+I113+I109+I108+I105+I103+I100+I95+I94+I81+I70+I66+I48+I47+I29+I27)","v":{"v":0,"d":"0.00"}},{"$f":"SUM(J137+J136+J135+J134+J130+J113+J109+J108+J105+J103+J100+J95+J94+J81+J70+J66+J48+J47+J29+J27)","v":{"v":0,"d":"0.00"}},null,{"$f":"SUM(L137+L136+L135+L134+L130+L113+L109+L108+L105+L103+L100+L95+L94+L81+L70+L66+L48+L47+L29+L27)","v":{"v":6.104759999999999,"d":"6.10476"}},null,{"$f":"SUM(N137+N136+N135+N134+N130+N113+N109+N108+N105+N103+N100+N95+N94+N81+N70+N66+N48+N47+N29+N27)","v":{"v":0,"d":"0.000"}},{"$nulls":8},651.399]
[]
[null,"9 - OSTATNÉ KONŠTRUKCIE A PRÁCE"]
[21,"003","94122-1111   ","Montáž lešenia radového rámového ťažkého, zaťaženie do 300 kg/m2 š do 1,2 m v do 10 m",203.744,"m2",null,{"$f":"ROUND(E142*G142, 2)","v":{"v":0,"d":"0.00"}},null,{"$f":"ROUND(H142+I142,2)","v":{"v":0,"d":"0.00"}},{"$nulls":4},20,"                    ",{"$nulls":5},"E",24.653,null,null,"  .  .  ",null,"A"]
[{"$nulls":3},"4,2*5,71*2 =   47,964",{"$nulls":17},"a"]
[{"$nulls":3},"(20,150+2*1,1)*(0,300+3,99) =   95,882",{"$nulls":17},"a"]
[{"$nulls":3},"(20,150+2*1,1)*(0,200+2,48) =   59,898",{"$nulls":17},"a"]
[{"$nulls":3},".",{"$nulls":17},"a"]
[22,"003","94122-1211   ","Príplatok k lešeniu radovému rámovému ťažkému š 1,2 m v do 25 m za prvý a ZKD deň použitia",{"v":12224.64,"d":"12,224.640"},"m2",null,{"$f":"ROUND(E147*G147, 2)","v":{"v":0,"d":"0.00"}},null,{"$f":"ROUND(H147+I147,2)","v":{"v":0,"d":"0.00"}},{"$nulls":4},20,"                    ",{"$nulls":5},"E",{"$nulls":3},"  .  .  ",null,"A"]
[23,"003","94122-1811   ","Demontáž lešenia radového rámového ťažkého, zaťaženie do 300 kg/m2 š do 1,2 m v do 10 m",203.744,"m2",null,{"$f":"ROUND(E148*G148, 2)","v":{"v":0,"d":"0.00"}},null,{"$f":"ROUND(H148+I148,2)","v":{"v":0,"d":"0.00"}},{"$nulls":4},20,"                    ",{"$nulls":5},"E",17.114,null,null,"  .  .  ",null,"A"]
[24,"011","95394-5108   ","Profil soklový hliníkový Sl 12",{"v":48.66,"d":"48.660"},"m",null,{"$f":"ROUND(E149*G149, 2)","v":{"v":0,"d":"0.00"}},null,{"$f":"ROUND(H149+I149,2)","v":{"v":0,"d":"0.00"}},{"$nulls":4},20,"                    ",{"$nulls":5},"E",9.148,null,null,"45.41.10",null,"A"]
[{"$nulls":3},"2*(20,15+4,18) =   48,660",{"$nulls":17},"a"]
[25,"011","95394-5111   ","Lišta rohová",{"v":58.58,"d":"58.580"},"m",null,{"$f":"ROUND(E151*G151, 2)","v":{"v":0,"d":"0.00"}},null,{"$f":"ROUND(H151+I151,2)","v":{"v":0,"d":"0.00"}},{"$nulls":4},20,"                    ",{"$nulls":5},"E",5.507,null,null,"45.41.10",null,"A"]
[{"$nulls":3},"4*2,480 =   9,920",{"$nulls":17},"a"]
[{"$nulls":3},"2*(20,15+4,18) =   48,660",{"$nulls":17},"a"]
[26,"011","95394-5112   ","Profil okenný, dverový dilatačný",{"v":47.88,"d":"47.880"},"m",null,{"$f":"ROUND(E154*G154, 2)","v":{"v":0,"d":"0.00"}},null,{"$f":"ROUND(H154+I154,2)","v":{"v":0,"d":"0.00"}},{"$nulls":4},20,"                    ",{"$nulls":5},"E",4.501,null,null,"45.41.10",null,"A"]
[{"$nulls":3},"3*0,4*3 =   3,600",{"$nulls":17},"a"]
[{"$nulls":3},"3*1,98*2 =   11,880",{"$nulls":17},"a"]
[{"$nulls":3},"(0,8+2*1,400)*9 =   32,400",{"$nulls":17},"a"]
[27,"011","95394-5115   ","Lišta PVC s odkvapovým nosom",{"v":10.8,"d":"10.800"},"m",null,{"$f":"ROUND(E158*G158, 2)","v":{"v":0,"d":"0.00"}},null,{"$f":"ROUND(H158+I158,2)","v":{"v":0,"d":"0.00"}},{"$nulls":4},20,"                    ",{"$nulls":5},"E",1.015,null,null,"45.41.10",null,"A"]
[{"$nulls":3},"0,400*3 =   1,200",{"$nulls":17},"a"]
[{"$nulls":3},"0,800*12 =   9,600",{"$nulls":17},"a"]
[28,"011","99801-1001   ","Presun hmôt pre budovy murované výšky do 6 m",{"$f":"SUM(L163)","v":{"v":6.147699999999999,"d":"6.148"}},"t",null,{"$f":"ROUND(E161*G161, 2)","v":{"v":0,"d":"0.00"}},null,{"$f":"ROUND(H161+I161,2)","v":{"v":0,"d":"0.00"}},{"$nulls":4},20,"                    ",{"$nulls":5},"E",209.287,null,null,"45.21.6*",null,"A"]
[{"$nulls":3},"9 - OSTATNÉ KONŠTRUKCIE A PRÁCE  spolu: ",{"$nulls":3},{"$f":"SUM(H161+H158+H154+H151+H149+H148+H147+H142)","v":{"v":0,"d":"0.00"}},{"$f":"SUM(I161+I158+I154+I151+I149+I148+I147+I142)","v":{"v":0,"d":"0.00"}},{"$f":"SUM(J161+J158+J154+J151+J149+J148+J147+J142)","v":{"v":0,"d":"0.00"}},null,{"$f":"SUM(L161+L158+L154+L151+L149+L148+L147+L142)","v":{"v":0,"d":"0.00000"}},null,{"$f":"SUM(N161+N158+N154+N151+N149+N148+N147+N142)","v":{"v":0,"d":"0.000"}},{"$nulls":8},271.225]
[{"$nulls":3},"PRÁCE A DODÁVKY HSV  spolu: ",{"$nulls":3},{"$f":"SUM(H162+H139+H25+H23+H19+H17)","v":{"v":0,"d":"0.00"}},{"$f":"SUM(I162+I139+I25+I23+I19+I17)","v":{"v":0,"d":"0.00"}},{"$f":"SUM(J162+J139+J25+J23+J19+J17)","v":{"v":0,"d":"0.00"}},null,{"$f":"SUM(L162+L139+L25+L23+L19+L17)","v":{"v":6.147699999999999,"d":"6.14770"}},null,{"$f":"SUM(N162+N139+N25+N23+N19+N17)","v":{"v":0,"d":"0.000"}},{"$nulls":8},{"v":1446.105,"d":"1,446.105"}]
[null,"PRÁCE A DODÁVKY PSV"]
[null,"711 - Izolácie proti vode a vlhkosti"]
[29,"711","71111-3111   ","Izolácia proti vlhkosti vodor. náterom COMBIFLEX-DS",{"v":0.91,"d":"0.910"},"m2",null,{"$f":"ROUND(E166*G166, 2)","v":{"v":0,"d":"0.00"}},null,{"$f":"ROUND(H166+I166,2)","v":{"v":0,"d":"0.00"}},{"v":1E-3,"d":"0.00100"},{"$f":"ROUND(K166*E166,5)","v":{"v":9.1E-4,"d":"0.0009"}},null,null,20,"                    ",{"$nulls":5},"I",0.121,null,null,"45.22.20",null,"A"]
[{"$nulls":3},"\"sprchová vanička\" 0,910*1,000 =   0,910",{"$nulls":17},"a"]
[30,"711","71111-3121   ","Izolácia proti vlhkosti zvislá náterom S COMBIFLEX-DS",{"$f":"6.984+0.137","v":7.121},"m2",null,{"$f":"ROUND(E168*G168, 2)","v":{"v":0,"d":"0.00"}},null,{"$f":"ROUND(H168+I168,2)","v":{"v":0,"d":"0.00"}},0.00146,{"$f":"ROUND(K168*E168,5)","v":0.0104},null,null,20,"                    ",{"$nulls":5},"I",0.896,null,null,"45.22.20",null,"A"]
[{"$nulls":3},"(0,910+2*1,00)*2,400 =   6,984",{"$nulls":17},"a"]
[{"$nulls":3},"0,910*0,150 =   0,137",{"$nulls":17},"a"]
[31,"711","99871-1201   ","Presun hmôt pre izolácie proti vode v objektoch výšky do 6 m",{"$f":"SUM(J166:J168)/100","v":{"v":0,"d":"0.000"}},"%",null,{"$f":"ROUND(E171*G171, 2)","v":{"v":0,"d":"0.00"}},null,{"$f":"ROUND(H171+I171,2)","v":{"v":0,"d":"0.00"}},{"$nulls":4},20,"                    ",{"$nulls":5},"I",{"$nulls":3},"45.22.20",null,"A"]
[]
[{"$nulls":3},"711 - Izolácie proti vode a vlhkosti  spolu: ",{"$nulls":3},{"$f":"SUM(H166:H171)","v":{"v":0,"d":"0.00"}},{"$f":"SUM(I166:I171)","v":{"v":0,"d":"0.00"}},{"$f":"SUM(J166:J171)","v":{"v":0,"d":"0.00"}},null,{"$f":"SUM(L166:L172)","v":{"v":0.011309999999999999,"d":"0.01131"}},null,{"v":0,"d":"0.000"},{"$nulls":8},12.303]
[]
[null,"713 - Izolácie tepelné"]
["       ","713","71312-1111   ","Montáž tep. izolácie podláh 1 x položenie",{"v":63.35,"d":"63.350"},"m2",null,{"$f":"ROUND(E176*G176, 2)","v":{"v":0,"d":"0.00"}},null,{"$f":"ROUND(H176+I176,2)","v":{"v":0,"d":"0.00"}},{"v":3e-05,"d":"0.00003"},{"$f":"ROUND(K176*E176,5)","v":{"v":1.9E-3,"d":"0.00190"}},null,null,20,"                    ",{"$nulls":5},"I",4.688,null,null,"45.32.11",null,"B"]
[{"$nulls":3},"\"podlaha prízemia\"  14,80+5,80+3,30+4,60+14,80+1,60+2,90+15,55 =   63,350",{"$nulls":17},"a"]
[{"$nulls":3},".",{"$nulls":17},"a"]
["       ","MAT","283 1BA238   ","Doska izolačná Isover eps 150 S-8 hr.80mm 1000x500mm",66.518,"m2",null,null,{"$f":"ROUND(G179*E179,2)","v":{"v":0,"d":"0.00"}},{"$f":"ROUND(H179+I179,2)","v":{"v":0,"d":"0.00"}},{"$nulls":4},20,"                    ",{"$nulls":5},"D",{"$nulls":3},"  .  .  ","                    ",2]
["       ","713","71315-1156   ","Montáž tep. izol. striech šikm. priskrutk. medzi krokvy dosky do 30° hr. do 18 cm",178.388,"m2",null,{"$f":"ROUND(E180*G180, 2)","v":{"v":0,"d":"0.00"}},null,{"$f":"ROUND(H180+I180,2)","v":{"v":0,"d":"0.00"}},{"$nulls":4},20,"                    ",{"$nulls":5},"I",29.612,null,null,"  .  .  ",null,"A"]
[{"$nulls":3},"2*2,3*(19,89-2*0,250) =   89,194",{"$nulls":17},"a"]
[{"$nulls":3},"2*2,3*(19,89-2*0,250) =   89,194",{"$nulls":17},"a"]
["       ","MAT","631 5C0314   ","Pás tepelnoiz.UNIROL PLUS 180 - 4500 x 1200 mm -hr.18 cm",178.388,"m2",null,null,{"$f":"ROUND(G183*E183,2)","v":{"v":0,"d":"0.00"}},{"$f":"ROUND(H183+I183,2)","v":{"v":0,"d":"0.00"}},{"$nulls":4},20,"                    ",{"$nulls":5},"D",{"$nulls":3},"26.82.16","                    ",2]
[{"$nulls":3},"2*2,3*(19,89-2*0,250) =   89,194",{"$nulls":17},"a"]
[{"$nulls":3},"2*2,3*(19,89-2*0,250) =   89,194",{"$nulls":17},"a"]
["       ","713","99871-3201   ","Presun hmôt pre izolácie tepelné v objektoch výšky do 6 m",{"$f":"SUM(J183+J180+J179+J176)/100","v":{"v":0,"d":"0.000"}},"%",null,{"$f":"ROUND(E186*G186, 2)","v":{"v":0,"d":"0.00"}},null,{"$f":"ROUND(H186+I186,2)","v":{"v":0,"d":"0.00"}},{"$nulls":4},20,"                    ",{"$nulls":5},"I",{"$nulls":3},"45.32.11",null,"A"]
[{"$nulls":3},"713 - Izolácie tepelné  spolu: ",{"$nulls":3},{"$f":"SUM(H186+H183+H180+H179+H176)","v":{"v":0,"d":"0.00"}},{"$f":"SUM(I186+I183+I180+I179+I176)","v":{"v":0,"d":"0.00"}},{"$f":"SUM(J186+J183+J180+J179+J176)","v":{"v":0,"d":"0.00"}},null,{"$f":"SUM(L186+L183+L180+L179+L176)","v":{"v":1.9E-3,"d":"0.00190"}},null,{"$f":"SUM(N186+N183+N180+N179+N176)","v":{"v":0,"d":"0.000"}},{"$nulls":8},{"v":34.3,"d":"34.300"}]
[null,"762 - Konštrukcie tesárske"]
[{"$nulls":3},"762 - Konštrukcie tesárske  spolu: ",{"$nulls":3},{"v":0,"d":"0.00"},{"v":0,"d":"0.00"},{"v":0,"d":"0.00"},null,{"v":0,"d":"0.00000"},null,{"v":0,"d":"0.000"},{"$nulls":8},220.907]
[null,"763 - Konštrukcie  - drevostavby"]
["       ","763","76313-2110   ","Podhľady sadr. D112 zaves. 2-vrstv. oceľ. konštr. CD, bez tep. izol. GKB 12,5 mm",{"v":45.15,"d":"45.150"},"m2",null,{"$f":"ROUND(E191*G191, 2)","v":{"v":0,"d":"0.00"}},null,{"$f":"ROUND(H191+I191,2)","v":{"v":0,"d":"0.00"}},0.01487,{"$f":"ROUND(K191*E191,5)","v":0.67138},null,null,20,"                    ",{"$nulls":5},"I",47.949,null,null,"45.41.10",null,"A"]
[{"$nulls":3},"\"m.č. 1.01\"  14,80 =   14,800",{"$nulls":17},"a"]
[{"$nulls":3},"\"m.č. 1.05\"  14,80 =   14,800",{"$nulls":17},"a"]
[{"$nulls":3},"\"m.č. 1.08\"  15,55 =   15,550",{"$nulls":17},"a"]
["       ","763","76313-2310   ","Podhľady sadr. D112 zaves. 2-vrstv. oceľ. konštr. CD, bez tep. iz. GKBI 12,5 mm",{"v":5.8,"d":"5.800"},"m2",null,{"$f":"ROUND(E195*G195, 2)","v":{"v":0,"d":"0.00"}},null,{"$f":"ROUND(H195+I195,2)","v":{"v":0,"d":"0.00"}},0.01487,{"$f":"ROUND(K195*E195,5)","v":0.08625},null,null,20,"                    ",{"$nulls":5},"I",19.328,null,null,"45.41.10",null,"B"]
[{"$nulls":3},"\"m.č. 1.02\"  5,80 =   5,800",{"$nulls":17},"a"]
[{"$nulls":3},"\"m.č. 1.03\"  ",{"$nulls":17},"a"]
[{"$nulls":3},"\"m.č. 1.04\"  ",{"$nulls":17},"a"]
[{"$nulls":3},"\"m.č. 1.06\"  ",{"$nulls":17},"a"]
[{"$nulls":3},"\"m.č. 1.07\" ",{"$nulls":17},"a"]
[{"$nulls":3},".",{"$nulls":17},"a"]
["       ","763","76316-1231   ","Podkrovie sadr. K311 s tep. izol. a parozabr. 2-vrst. drev. konš. GKBI 12,5 mm",73.682,"m2",null,{"$f":"ROUND(E202*G202, 2)","v":{"v":0,"d":"0.00"}},null,{"$f":"ROUND(H202+I202,2)","v":{"v":0,"d":"0.00"}},0.02167,{"$f":"ROUND(K202*E202,5)","v":1.59669},null,null,20,"                    ",{"$nulls":5},"I",90.703,null,null,"45.41.10",null,"A"]
[{"$nulls":3},"(2*1,6+0,6)*(19,89-2*0,250) =   73,682",{"$nulls":17},"a"]
[{"$nulls":3},".",{"$nulls":17},"a"]
["       ","763","99876-3201   ","Presun hmôt pre drevostavby v objektoch výšky do 12 m",{"$f":"SUM(J202+J195+J191)/100","v":{"v":0,"d":"0.000"}},"%",null,{"$f":"ROUND(E205*G205, 2)","v":{"v":0,"d":"0.00"}},null,{"$f":"ROUND(H205+I205,2)","v":{"v":0,"d":"0.00"}},{"$nulls":4},20,"                    ",{"$nulls":5},"I",{"$nulls":3},"45.42.13",null,"A"]
[{"$nulls":3},"763 - Konštrukcie  - drevostavby  spolu: ",{"$nulls":3},{"$f":"SUM(H205+H202+H195+H191)","v":{"v":0,"d":"0.00"}},{"$f":"SUM(I205+I202+I195+I191)","v":{"v":0,"d":"0.00"}},{"$f":"SUM(J205+J202+J195+J191)","v":{"v":0,"d":"0.00"}},null,{"$f":"SUM(L205+L202+L195+L191)","v":2.35432},null,{"$f":"SUM(N205+N202+N195+N191)","v":{"v":0,"d":"0.000"}},{"$nulls":8},{"v":157.98000000000002,"d":"157.980"}]
[null,"764 - Konštrukcie klampiarske"]
["       ","764","76485-1141   ","Oplechovanie z TiZn predzvetraný bridlicovo šedý (SG) strešných okien rozvinutej plochy do 1,5 m2",{"v":3,"d":"3.000"},"kus",null,{"$f":"ROUND(E208*G208, 2)","v":{"v":0,"d":"0.00"}},null,{"$f":"ROUND(H208+I208,2)","v":{"v":0,"d":"0.00"}},0.00625,{"$f":"ROUND(K208*E208,5)","v":0.01875},null,null,20,"                    ",{"$nulls":5},"I",3.606,null,null,"  .  .  ",null,"B"]
[{"$nulls":3},"3  \"Velux okná \" =   3,000",{"$nulls":17},"a"]
["       ","764","99876-4201   ","Presun hmôt pre klampiarske konštr. v objektoch výšky do 6 m",{"$f":"SUM(J208)/100","v":{"v":0,"d":"0.000"}},"%",null,{"$f":"ROUND(E210*G210, 2)","v":{"v":0,"d":"0.00"}},null,{"$f":"ROUND(H210+I210,2)","v":{"v":0,"d":"0.00"}},{"$nulls":4},20,"                    ",{"$nulls":5},"I",{"$nulls":3},"45.22.13",null,"A"]
[{"$nulls":3},"764 - Konštrukcie klampiarske  spolu: ",{"$nulls":3},{"$f":"SUM(H208:H210)","v":{"v":0,"d":"0.00"}},{"$f":"SUM(I208:I210)","v":{"v":0,"d":"0.00"}},{"$f":"SUM(J208:J210)","v":{"v":0,"d":"0.00"}},null,{"$f":"SUM(L208:L210)","v":0.01875},null,{"$f":"SUM(N208:N210)","v":{"v":0,"d":"0.000"}},{"$nulls":8},{"v":70.81599999999999,"d":"70.816"}]
[null,"765 - Krytiny tvrdé"]
["       ","765","76510-1130   ","Zakrytie šik. striech podstreš. hydroiz. fóliou Nicofol 300 gr/m2",null,"m2",null,{"$f":"ROUND(E213*G213, 2)","v":{"v":0,"d":"0.00"}},null,{"$f":"ROUND(H213+I213,2)","v":{"v":0,"d":"0.00"}},{"v":3.5E-4,"d":"0.00035"},{"$f":"ROUND(K213*E213,5)","v":{"v":0,"d":"0.00000"}},null,null,20,"                    ",{"$nulls":5},"I",5.333,null,null,"  .  .  ",null,"A"]
[{"$nulls":3},"(4,00+2,75)*(19,890+2*0,450) =   140,333",{"$nulls":17},"a"]
[{"$nulls":3},".",{"$nulls":17},"a"]
["       ","765","76510-2100   ","Montáž pokrytia jednoduchej strechy fóliou Jutafol",140.333,"m2",null,{"$f":"ROUND(E216*G216, 2)","v":{"v":0,"d":"0.00"}},null,{"$f":"ROUND(H216+I216,2)","v":{"v":0,"d":"0.00"}},{"v":1e-05,"d":"0.00001"},{"$f":"ROUND(K216*E216,5)","v":{"v":1.4E-3,"d":"0.00140"}},null,null,20,"                    ",{"$nulls":5},"I",3.508,null,null,"  .  .  ",null,"A"]
["       ","MAT","283 2B0205   ","Fólia PE hydroizolčná Jutafol D špeciál 140 g/m2",140.333,"m2",null,null,{"$f":"ROUND(G217*E217,2)","v":{"v":0,"d":"0.00"}},{"$f":"ROUND(H217+I217,2)","v":{"v":0,"d":"0.00"}},{"$nulls":4},20,"                    ",{"$nulls":5},"D",{"$nulls":3},"25.21.42","                    ",2]
["       ","765","99876-5201   ","Presun hmôt pre krytiny tvrdé na objektoch výšky do 6 m",{"$f":"SUM(J217+J216+J213)/100","v":{"v":0,"d":"0.000"}},"%",null,{"$f":"ROUND(E218*G218, 2)","v":{"v":0,"d":"0.00"}},null,{"$f":"ROUND(H218+I218,2)","v":{"v":0,"d":"0.00"}},{"$nulls":4},20,"                    ",{"$nulls":5},"I",{"$nulls":3},"45.22.12",null,"A"]
[{"$nulls":3},"765 - Krytiny tvrdé  spolu: ",{"$nulls":3},{"$f":"SUM(H212:H218)","v":{"v":0,"d":"0.00"}},{"$f":"SUM(I212:I218)","v":{"v":0,"d":"0.00"}},{"$f":"SUM(J212:J218)","v":{"v":0,"d":"0.00"}},null,{"$f":"SUM(L212:L218)","v":{"v":1.4E-3,"d":"0.00140"}},null,{"$f":"SUM(N212:N218)","v":{"v":0,"d":"0.000"}},{"$nulls":8},{"v":8.841000000000001,"d":"8.841"}]
[null,"766 - Konštrukcie stolárske"]
["       ","766","76662-2221   ","Montáž okien kompl. zdv. do zamur. rámov 1-kríd. do 0,40m2",{"v":1,"d":"1.000"},"kus",null,{"$f":"ROUND(E221*G221, 2)","v":{"v":0,"d":"0.00"}},null,{"$f":"ROUND(H221+I221,2)","v":{"v":0,"d":"0.00"}},0.00056,{"$f":"ROUND(K221*E221,5)","v":0.00056},null,null,20,"                    ",{"$nulls":5},"I",0.607,null,null,"45.42.11",null,"B"]
[{"$nulls":3},"1 =   1,000",{"$nulls":17},"a"]
["       ","MAT","611 10019RX  ","Okno drevené kruhové D 50 cm",{"v":1,"d":"1.000"},"kus",null,null,{"$f":"ROUND(G223*E223,2)","v":{"v":0,"d":"0.00"}},{"$f":"ROUND(H223+I223,2)","v":{"v":0,"d":"0.00"}},{"$nulls":4},20,"                    ",{"$nulls":5},"D",{"$nulls":3},"20.30.11","                    ",2]
["       ","766","76666-1112   ","Montáž dvier kompl. otvár. do zárubne 1-krídl. do 0,8m",{"$f":"SUM(E225:E229)","v":{"v":5,"d":"5.000"}},"kus",null,{"$f":"ROUND(E224*G224, 2)","v":{"v":0,"d":"0.00"}},null,{"$f":"ROUND(H224+I224,2)","v":{"v":0,"d":"0.00"}},{"$nulls":4},20,"                    ",{"$nulls":5},"I",4.092,null,null,"45.42.11",null,"B"]
[{"$nulls":3},"\"m.č. 1.01 ... 70/198 cm, ... š. muriva 20 cm, pravé\"  1 =   1,000",1,{"$nulls":16},"a"]
[{"$nulls":3},"\"m.č. 1.08 ... 70/198 cm, ... š. muriva 20 cm, ľavé\"     1 =   1,000",1,{"$nulls":16},"a"]
[{"$nulls":3},"\"m.č. 1.03 ... 70/198 cm, ... š. muriva 15 cm, ľavé\"     1 =   1,000",1,{"$nulls":16},"a"]
[{"$nulls":3},"\"m.č. 1.04 ... 70/198 cm, ... š. muriva 15 cm, pravé\"  1 =   1,000",1,{"$nulls":16},"a"]
[{"$nulls":3},"\"m.č. 1.05 ... 60/198 cm, ... š. muriva 10 cm, ľavé\"     1 =   1,000",1,{"$nulls":16},"a"]
[{"$nulls":3},"\"m.č. 1.05 ... 60/198 cm, ... š. muriva 10 cm, pravé\"  1 =   1,000",{"$nulls":17},"a"]
["       ","MAT","611 603210   ","Dvere vnútorné plné 70x197 DA1",{"v":3,"d":"3.000"},"kus",null,null,{"$f":"ROUND(G231*E231,2)","v":{"v":0,"d":"0.00"}},{"$f":"ROUND(H231+I231,2)","v":{"v":0,"d":"0.00"}},{"v":0.0155,"d":"0.01550"},{"$f":"ROUND(K231*E231,5)","v":{"v":0.0465,"d":"0.04650"}},null,null,20,"                    ",{"$nulls":5},"D",{"$nulls":3},"20.30.11","                    ",2]
["       ","MAT","611 604610   ","Dvere vnútorné hladké 1/3 zasklené 60x197 Prefa",{"v":2,"d":"2.000"},"kus",null,null,{"$f":"ROUND(G232*E232,2)","v":{"v":0,"d":"0.00"}},{"v":0,"d":"0.00"},{"v":0.0155,"d":"0.01550"},{"v":0.031,"d":"0.03100"},null,null,20,"                    ",{"$nulls":5},"D",{"$nulls":3},"20.30.11","                    ",2]
["       ","MAT","611 604810   ","Dvere vnútorné hladké 1/3 zasklené 70x197 Prefa",null,"kus",null,null,{"$f":"ROUND(G233*E233,2)","v":{"v":0,"d":"0.00"}},{"v":0,"d":"0.00"},{"v":0.0175,"d":"0.01750"},{"v":0,"d":"0.00000"},null,null,20,"                    ",{"$nulls":5},"D",{"$nulls":3},"20.30.11","                    ",2]
["       ","766","76669-5212   ","Montáž prahov dvier 1-krídl. š. do 10cm",null,"kus",null,{"$f":"ROUND(E234*G234, 2)","v":{"v":0,"d":"0.00"}},null,{"v":0,"d":"0.00"},{"v":1e-05,"d":"0.00001"},{"v":0,"d":"0.00000"},null,null,20,"                    ",{"$nulls":5},"I",0.832,null,null,"45.42.13",null,"B"]
["       ","MAT","611 871120   ","Prah dubový dĺžka 60 šírka 7cm",null,"kus",null,null,{"$f":"ROUND(G235*E235,2)","v":{"v":0,"d":"0.00"}},{"v":0,"d":"0.00"},0.00064,{"v":0,"d":"0.00000"},null,null,20,"                    ",{"$nulls":5},"D",{"$nulls":3},"20.30.11","                    ",2]
["       ","766","76669-5213   ","Montáž prahov dvier 1-krídl. š. nad 10cm",{"v":4,"d":"4.000"},"kus",null,{"$f":"ROUND(E236*G236, 2)","v":{"v":0,"d":"0.00"}},null,{"v":0,"d":"0.00"},{"v":1e-05,"d":"0.00001"},{"v":4e-05,"d":"0.00004"},null,null,20,"                    ",{"$nulls":5},"I",1.792,null,null,"45.42.13",null,"B"]
["       ","MAT","611 871410   ","Prah dubový dĺžka 72 šírka 15cm",null,"kus",null,null,{"$f":"ROUND(G237*E237,2)","v":{"v":0,"d":"0.00"}},{"v":0,"d":"0.00"},0.00162,{"v":0,"d":"0.00000"},null,null,20,"                    ",{"$nulls":5},"D",{"$nulls":3},"20.30.11","                    ",2]
["       ","MAT","611 871620   ","Prah dubový dĺžka 82 šírka 20cm",{"v":4,"d":"4.000"},"kus",null,null,{"$f":"ROUND(G238*E238,2)","v":{"v":0,"d":"0.00"}},{"v":0,"d":"0.00"},{"v":2E-3,"d":"0.00200"},{"v":0.008,"d":"0.00800"},null,null,20,"                    ",{"$nulls":5},"D",{"$nulls":3},"20.30.11","                    ",2]
["       ","766","99876-6201   ","Presun hmôt pre konštr. stolárske v objektoch výšky do 6 m",{"$f":"SUM(J238+J237+J236+J235+J234+J233+J232+J231+J224+J223+J221)/100","v":{"v":0,"d":"0.000"}},"%",null,{"$f":"ROUND(E239*G239, 2)","v":{"v":0,"d":"0.00"}},null,{"v":0,"d":"0.00"},{"$nulls":4},20,"                    ",{"$nulls":5},"I",{"$nulls":3},"45.42.13",null,"A"]
[{"$nulls":3},"766 - Konštrukcie stolárske  spolu: ",{"$nulls":3},{"$f":"SUM(H239+H238+H237+H236+H235+H234+H233+H232+H231+H224+H223+H221)","v":{"v":0,"d":"0.00"}},{"$f":"SUM(I239+I238+I237+I236+I235+I234+I233+I232+I231+I224+I223+I221)","v":{"v":0,"d":"0.00"}},{"$f":"SUM(J239+J238+J237+J236+J235+J234+J233+J232+J231+J224+J223+J221)","v":{"v":0,"d":"0.00"}},null,{"$f":"SUM(L239+L238+L237+L236+L235+L234+L233+L232+L231+L224+L223+L221)","v":{"v":0.08610000000000001,"d":"0.08610"}},null,{"$f":"SUM(N239+N238+N237+N236+N235+N234+N233+N232+N231+N224+N223+N221)","v":{"v":0,"d":"0.0000"}},{"$nulls":8},{"v":9.09,"d":"9.090"}]
[null,"767 - Konštrukcie doplnk. kovové stavebné"]
["       ","767","7671S-3110   ","Montáž stien a priečok deliacich sanitárnych z dosiek laminov. výšky do 2,0; nožičky 0,1; šírka 1,7 m, dvere š. 0,6 m",{"v":6.58,"d":"6.580"},"m2",null,{"$f":"ROUND(E242*G242, 2)","v":{"v":0,"d":"0.00"}},null,{"$f":"ROUND(H242+I242,2)","v":{"v":0,"d":"0.00"}},{"v":3e-05,"d":"0.00003"},{"$f":"ROUND(K242*E242,5)","v":{"v":0.0002,"d":"0.00020"}},null,null,20,"                    ",{"$nulls":5},"I",3.629,null,null,"45.42.12",null,"B"]
[{"$nulls":3},"\"m.č. 1.03\" 1,750*2,0 =   3,500",{"$nulls":17},"a"]
[{"$nulls":21},"a"]
[{"$nulls":3},"\"m.č. 1.07\"  1,540*2,0 =   3,080",{"$nulls":17},"a"]
["       ","MAT","615 180CL28  ","Sanitárna deliaca priečka CL 28 ALU doska lamin. DTD 28 mm v. 2,0; v. nož. 0,1;  dĺ. 1,7; š. dverí 0,6 m",{"v":10.08,"d":"10.080"},"m2",null,null,{"$f":"ROUND(G246*E246,2)","v":{"v":0,"d":"0.00"}},{"$f":"ROUND(H246+I246,2)","v":{"v":0,"d":"0.00"}},{"v":0.01,"d":"0.01000"},{"$f":"ROUND(K246*E246,5)","v":{"v":0.1008,"d":"0.10080"}},null,null,20,"                    ",{"$nulls":5},"D",{"$nulls":3},"36.12.12","                    ",2]
[{"$nulls":3},"2,000*1,75*2 =   7,000",{"$nulls":17},"a"]
[{"$nulls":3},"2,00*1,54 =   3,080",{"$nulls":17},"a"]
["       ","767","76721-2111   ","Montáž schodov rovných na oceľ. konštr. vretenových",{"v":216,"d":"216.000"},"kg",null,{"$f":"ROUND(E249*G249, 2)","v":{"v":0,"d":"0.00"}},null,{"$f":"ROUND(H249+I249,2)","v":{"v":0,"d":"0.00"}},{"v":5e-05,"d":"0.00005"},{"$f":"ROUND(K249*E249,5)","v":{"v":0.0108,"d":"0.01080"}},null,null,20,"                    ",{"$nulls":5},"I",15.336,null,null,"45.42.12",null,"B"]
[{"$nulls":3},"\"Točité schody - ATRIUM HEAVY METAL\"   216 =   216,000",{"$nulls":17},"a"]
[{"$nulls":3},"\"Priemer 119cm, pre výšku 280 - 300cm\"",{"$nulls":17},"a"]
[{"$nulls":3},"\"určené v štandartnom prevedení pre výšku 280 - 300 cm\"",{"$nulls":17},"a"]
[{"$nulls":3},"\"vyrábaná veľkosť O 119cm, 144 cm, 169cm\"",{"$nulls":17},"a"]
[{"$nulls":3},"\"výška stupňa 20 cm\"",{"$nulls":17},"a"]
[{"$nulls":3},"\"stupne- ohýbaný plech 4mm, protisklzové rýhovanie (slzičky) \"",{"$nulls":17},"a"]
[{"$nulls":3},"\"kovové stlpiky zábradlia O 25 mm\"",{"$nulls":17},"a"]
[{"$nulls":3},"\"výplne -  6 nerezových prutov O 6 mm\"",{"$nulls":17},"a"]
[{"$nulls":3},"\"plastové madlo PE O 40 mm\"",{"$nulls":17},"a"]
[{"$nulls":3},"\"Štandardné farby RAL 7012 (tmavo šedá), 9005 (čierna), ďalšie farby + 15%\"",{"$nulls":17},"a"]
[{"$nulls":3},"\"možnosť pozinkovanej povrchovej úpravy pre vonkajšie použitie + 30% \"",{"$nulls":17},"a"]
["       ","MAT","553 044R90   ","Točité schody - ATRIUM HEAVY METAL priemer 119 cm, pre výšku 280-300 cm, pozinkovaná povrchová úprava",{"v":1,"d":"1.000"},"kg",null,null,{"$f":"ROUND(G261*E261,2)","v":{"v":0,"d":"0.00"}},{"$f":"ROUND(H261+I261,2)","v":{"v":0,"d":"0.00"}},{"v":0.216,"d":"0.21600"},{"$f":"ROUND(K261*E261,5)","v":{"v":0.216,"d":"0.21600"}},null,null,20,"                    ",{"$nulls":5},"D",{"$nulls":3},"28.12.10","                    ",2]
[{"$nulls":3},"4+1 =   5,000",{"$nulls":17},"a"]
["       ","767","99876-7201   ","Presun hmôt pre kovové stav. doplnk. konštr. v objektoch výšky do 6 m",{"$f":"SUM(J261+J249+J246+J242)/100","v":{"v":0,"d":"0.000"}},"%",null,{"$f":"ROUND(E263*G263, 2)","v":{"v":0,"d":"0.00"}},null,{"$f":"ROUND(H263+I263,2)","v":{"v":0,"d":"0.00"}},{"$nulls":4},20,"                    ",{"$nulls":5},"I",{"$nulls":3},"45.42.12",null,"A"]
[{"$nulls":3},"767 - Konštrukcie doplnk. kovové stavebné  spolu: ",{"$nulls":3},{"$f":"SUM(H242:H263)","v":{"v":0,"d":"0.00"}},{"$f":"SUM(I242:I263)","v":{"v":0,"d":"0.00"}},{"$f":"SUM(J242:J263)","v":{"v":0,"d":"0.00"}},null,{"v":0.5581824,"d":"0.55818"},null,{"v":0,"d":"0.000"},{"$nulls":8},59.793]
[null,"771 - Podlahy z dlaždíc  keramických"]
["       ","771","77157-5109   ","Montáž podláh z dlaždíc keram. rež. hlad. 300x300 do tmelu",{"$f":"SUM(E267:E274)","v":{"v":50,"d":"50.000"}},"m2",null,{"$f":"ROUND(E266*G266, 2)","v":{"v":0,"d":"0.00"}},null,{"$f":"ROUND(H266+I266,2)","v":{"v":0,"d":"0.00"}},0.00491,{"$f":"ROUND(K266*E266,5)","v":{"v":0.2455,"d":"0.24550"}},null,null,20,"                    ",{"$nulls":5},"I",47.785,null,null,"45.43.12",null,"B",null," bez romeru hladké do tmelu"]
[{"$nulls":3},"\"m.č. 1.01\"  4,300*3,440 =   14,792",{"$f":"14.792-13.291","v":1.5009999999999994},{"$nulls":16},"a"]
[{"$nulls":3},"\"m.č. 1.02\"  3,750*1,540 =   5,775",5.775,{"$nulls":16},"a"]
[{"$nulls":3},"\"m.č. 1.03\"  1,845*1,750 =   3,229",3.229,{"$nulls":16},"a"]
[{"$nulls":3},"\"m.č. 1.04\"   (0,915+0,1+0,76+0,9)*1,75 =   4,681",4.681,{"$nulls":16},"a"]
[{"$nulls":3},"\"m.č. 1.05\"  4,3*3,44 =   14,792",14.792,{"$nulls":16},"a"]
[{"$nulls":3},"\"m.č. 1.06\"   0,91*1,75 =   1,593",1.593,{"$nulls":16},"a"]
[{"$nulls":3},"\"m.č. 1.07\"   1,87*1,54 =   2,880",2.88,{"$nulls":16},"a"]
[{"$nulls":3},"\"m.č. 1.08\"    4,52*3,44 =   15,549",15.549,{"$nulls":16},"a"]
["       ","MAT","247 CE0109   ","CERESIT CM 17  25 kg",{"v":135,"d":"135.000"},"kg",null,null,{"$f":"ROUND(G275*E275,2)","v":{"v":0,"d":"0.00"}},{"$f":"ROUND(H275+I275,2)","v":{"v":0,"d":"0.00"}},{"v":1E-3,"d":"0.00100"},{"$f":"ROUND(K275*E275,5)","v":{"v":0.135,"d":"0.13500"}},null,null,20,"                    ",{"$nulls":5},"D",{"$nulls":3},"  .  .  ","IDH 305524          ",2]
[{"$nulls":3},"50,000*2,7 =   135,000",{"$nulls":17},"a"]
["       ","MAT","247 CE0207   ","CERESIT CE33 Comfort   5 kg šedá",{"v":20,"d":"20.000"},"kg",null,null,{"$f":"ROUND(G277*E277,2)","v":{"v":0,"d":"0.00"}},{"$f":"ROUND(H277+I277,2)","v":{"v":0,"d":"0.00"}},{"v":1E-3,"d":"0.00100"},{"$f":"ROUND(K277*E277,5)","v":{"v":0.02,"d":"0.02000"}},null,null,20,"                    ",{"$nulls":5},"D",{"$nulls":3},"  .  .  ","IDH 1978083         ",2]
[{"$nulls":3},"50,000*0,4 =   20",{"$nulls":17},"a"]
["       ","MAT","597 638030   ","Dlaž. neglaz. slin. TAURUS 300x300x9 I",{"v":51,"d":"51.000"},"m2",null,null,{"$f":"ROUND(G279*E279,2)","v":{"v":0,"d":"0.00"}},{"$f":"ROUND(H279+I279,2)","v":{"v":0,"d":"0.00"}},{"v":0.019,"d":"0.01900"},{"$f":"ROUND(K279*E279,5)","v":{"v":0.969,"d":"0.96900"}},null,null,20,"                    ",{"$nulls":5},"D",{"$nulls":3},"26.30.10","                    ",2]
[{"$nulls":3},"50,000*1,02 =   51,000",{"$nulls":17},"a"]
[{"$nulls":21},"a"]
[null,771,998771201,"Presun hmôt pre podlahy z dlaždíc keramických v objektoch výšky do 6 m",{"$f":"SUM(J279+J277+J275+J266)/100","v":{"v":0,"d":"0.000"}},"%",null,{"$f":"ROUND(E282*G282, 2)","v":{"v":0,"d":"0.00"}},null,{"$f":"ROUND(H282+I282,2)","v":{"v":0,"d":"0.00"}}]
[{"$nulls":3},"771 - Podlahy z dlaždíc  keramických  spolu: ",{"$nulls":3},{"$f":"SUM(H282+H279+H277+H275+H266)","v":{"v":0,"d":"0.00"}},{"$f":"SUM(I282+I279+I277+I275+I266)","v":{"v":0,"d":"0.00"}},{"$f":"SUM(J282+J279+J277+J275+J266)","v":{"v":0,"d":"0.00"}},null,{"$f":"SUM(L282+L279+L277+L275+L266)","v":{"v":1.3695000000000002,"d":"1.36950"}},null,{"$f":"SUM(N282+N279+N277+N275+N266)","v":{"v":0,"d":"0.000"}},{"$nulls":8},{"v":55.239999999999995,"d":"55.240"}]
[null,"772 - Podlahy z prírodného kameňa"]
["       ","782","77240-2123   ","Montáž obkladu soklov kaskád. doskami z kameňa hr. do 30mm",12.429,"m",null,{"$f":"ROUND(E285*G285, 2)","v":{"v":0,"d":"0.00"}},null,{"$f":"ROUND(H285+I285,2)","v":{"v":0,"d":"0.00"}},0.01561,{"$f":"ROUND(K285*E285,5)","v":0.19402},null,null,20,"                    ",{"$nulls":5},"I",{"v":8.8,"d":"8.800"},null,null,"45.43.12",null,"B"]
[{"$nulls":3},"(20,150-0,140)*0,200 =   4,002",{"$nulls":17},"a"]
[{"$nulls":3},"(20,150-0,140)*0,300 =   6,003",{"$nulls":17},"a"]
[{"$nulls":3},"2*(4,180-0,140)*0,300 =   2,424",{"$nulls":17},"a"]
[{"$nulls":3},".",{"$nulls":17},"a"]
["       ","MAT","583 849890   ","Kamenný obklad",{"v":13.05,"d":"13.050"},"m2",null,null,{"$f":"ROUND(G290*E290,2)","v":{"v":0,"d":"0.00"}},{"$f":"ROUND(H290+I290,2)","v":{"v":0,"d":"0.00"}},{"v":0.22,"d":"0.22000"},{"$f":"ROUND(K290*E290,5)","v":{"v":2.871,"d":"2.87100"}},null,null,20,"                    ",{"$nulls":5},"D",{"$nulls":3},"26.70.12","                    ",2]
[{"$nulls":3},"12,429*1,05 =   13,050",{"$nulls":17},"a"]
["       ","782","99877-2201   ","Presun hmôt pre kamenné dlažby v objektoch výšky do 6 m",{"$f":"SUM(J290+J285)/100","v":{"v":0,"d":"0.000"}},"%",null,{"$f":"ROUND(E292*G292, 2)","v":{"v":0,"d":"0.00"}},null,{"$f":"ROUND(H292+I292,2)","v":{"v":0,"d":"0.00"}},{"$nulls":4},20,"                    ",{"$nulls":5},"I",{"$nulls":3},"45.43.12",null,"A"]
[{"$nulls":3},"772 - Podlahy z prírodného kameňa  spolu: ",{"$nulls":3},{"$f":"SUM(H292+H290+H285)","v":{"v":0,"d":"0.00"}},{"$f":"SUM(I292+I290+I285)","v":{"v":0,"d":"0.00"}},{"$f":"SUM(J292+J290+J285)","v":{"v":0,"d":"0.00"}},null,{"$f":"SUM(L292+L290+L285)","v":3.06502},null,{"$f":"SUM(N292+N290+N285)","v":{"v":0,"d":"0.000"}},{"$nulls":8},{"v":8.8,"d":"8.800"}]
[null,"775 - Podlahy vlysové a parketové"]
["       ","775","77541-9114   ","Montáž podlahovej lišty obvodovej masívnej zaklapnutím",51.06,"m",null,{"$f":"ROUND(E295*G295, 2)","v":{"v":0,"d":"0.00"}},null,{"$f":"ROUND(H295+I295,2)","v":{"v":0,"d":"0.00"}},{"v":3e-05,"d":"0.00003"},{"$f":"ROUND(K295*E295,5)","v":0.00153},null,null,20,"                    ",{"$nulls":5},"I",{"$nulls":3},"45.43.22",null,"A"]
["       ","MAT","553 8X0001   ","Podlahové lišty so zníženým profilom Model W-PC-SL-M094-250 Dĺžka: 2500 mm",{"$f":"E305","v":{"v":21.4452,"d":"21.445"}},"kus",null,null,{"$f":"ROUND(G296*E296,2)","v":{"v":0,"d":"0.00"}},{"$f":"ROUND(H296+I296,2)","v":{"v":0,"d":"0.00"}},{"$nulls":4},20,"                    ",{"$nulls":5},"D",{"$nulls":3},"  .  .  ","                    ",2]
[{"$nulls":3},"\"m.č. 1.01\"  2*(4,300+3,440)-0,800-0,700 =   13,980",{"$nulls":17},"a"]
[{"$nulls":3},"\"m.č. 1.02\"  2*(3,750+1,540)-0,800-0,700*3 =   7,680",{"$nulls":17},"a"]
[{"$nulls":3},"\"m.č. 1.03\"",{"$nulls":17},"a"]
[{"$nulls":3},"\"m.č. 1.04\"",{"$nulls":17},"a"]
[{"$nulls":3},"\"m.č. 1.05\"  2*(4,3+3,44)-2*0,6-0,8 =   13,480",{"$nulls":17},"a"]
[{"$nulls":3},"\"m.č. 1.06\"",{"$nulls":17},"a"]
[{"$nulls":3},"\"m.č. 1.07\"",{"$nulls":17},"a"]
[{"$nulls":3},"\"m.č. 1.08\"2*(4,52+3,44) =   15,920",{"$nulls":17},"a"]
[{"$nulls":3},"51,060/2,5*1,05",{"$f":"(51.06/2.5*1.05)","v":21.4452}]
["       ","775","99877-5201   ","Presun hmôt pre podlahy vlysové v objektoch výšky do 6 m",{"v":51.06,"d":"51.060"},"%",null,{"$f":"ROUND(E306*G306, 2)","v":{"v":0,"d":"0.00"}},null,{"$f":"ROUND(H306+I306,2)","v":{"v":0,"d":"0.00"}},{"$nulls":4},20,"                    ",{"$nulls":5},"I",{"$nulls":3},"45.43.22",null,"A"]
[{"$nulls":3},"775 - Podlahy vlysové a parketové  spolu: ",{"$nulls":3},{"$f":"SUM(H295:H306)","v":{"v":0,"d":"0.00"}},{"$f":"SUM(I296:I306)","v":{"v":0,"d":"0.00"}},{"$f":"SUM(J295:J306)","v":{"v":0,"d":"0.00"}},null,{"$f":"SUM(L295:L306)","v":0.00153},null,{"v":0,"d":"0.000"},{"$nulls":8},{"v":0,"d":"0.000"}]
[null,"781 - Obklady z obkladačiek a dosiek"]
["       ","771","78144-6342   ","Montáž obkladov stien z obkladačiek hutných, keram. do tmelu 200x100 mm",57.328,"m2",null,{"$f":"ROUND(E309*G309, 2)","v":{"v":0,"d":"0.00"}},null,{"$f":"ROUND(H309+I309,2)","v":{"v":0,"d":"0.00"}},0.00336,{"$f":"ROUND(K309*E309,5)","v":0.19262},null,null,20,"                    ",{"$nulls":5},"I",69.596,null,null,"  .  .  ",null,"A"]
[{"$nulls":3},"\"m.č. 1.03\"  2*(1,845+1,75)*2,200-0,7*1,98-0,4*0,4+2*(0,4+0,4)*0,2 =   14,592",{"$nulls":17},"a"]
[{"$nulls":3},"\"m.č. 1.03\"  2*(2,675+1,75)*2,200-0,7*1,98-0,4*0,4+2*(0,4+0,4)*0,2 =   18,244",{"$nulls":17},"a"]
[{"$nulls":3},"\"m.č. 1.06\" 2*(0,910+1,75)*2,200-0,6*1,98-0,4*0,4+2*(0,4+0,4)*0,2 =   10,676",{"$nulls":17},"a"]
[{"$nulls":3},"\"m.č. 1.07\" 2*(1,870+1,54)*2,200-0,6*1,98 =   13,816",{"$nulls":17},"a"]
["       ","MAT","247 CE0109   ","CERESIT CM 17  25 kg",154.786,"kg",null,null,{"$f":"ROUND(G314*E314,2)","v":{"v":0,"d":"0.00"}},{"$f":"ROUND(H314+I314,2)","v":{"v":0,"d":"0.00"}},{"v":1E-3,"d":"0.00100"},{"$f":"ROUND(K314*E314,5)","v":0.15479},null,null,20,"                    ",{"$nulls":5},"D",{"$nulls":3},"  .  .  ","IDH 305524          ",2]
[{"$nulls":3},"57,328*2,7 =   154,786",{"$nulls":17},"a"]
["       ","MAT","247 CE0207   ","CERESIT CE33 Comfort   5 kg šedá",22.931,"kg",null,null,{"$f":"ROUND(G316*E316,2)","v":{"v":0,"d":"0.00"}},{"$f":"ROUND(H316+I316,2)","v":{"v":0,"d":"0.00"}},{"v":1E-3,"d":"0.00100"},{"$f":"ROUND(K316*E316,5)","v":0.02293},null,null,20,"                    ",{"$nulls":5},"D",{"$nulls":3},"  .  .  ","IDH 1978083         ",2]
[{"$nulls":3},"57,328*0,4 =   22,931",{"$nulls":17},"a"]
["       ","MAT","597 812340   ","Obkl. por. gl. matn. mramo. 150x200 1A",58.475,"m2",null,null,{"$f":"ROUND(G318*E318,2)","v":{"v":0,"d":"0.00"}},{"$f":"ROUND(H318+I318,2)","v":{"v":0,"d":"0.00"}},{"v":0.0101,"d":"0.01010"},{"$f":"ROUND(K318*E318,5)","v":{"v":0.5906,"d":"0.59060"}},null,null,20,"                    ",{"$nulls":5},"D",{"$nulls":3},"26.30.10","                    ",2]
["       ","771","99878-1201   ","Presun hmôt pre obklady keramické v objektoch výšky do 6 m",{"$f":"SUM(J318+J316+J314+J309)/100","v":{"v":0,"d":"0.000"}},"%",null,{"$f":"ROUND(E319*G319, 2)","v":{"v":0,"d":"0.00"}},null,{"$f":"ROUND(H319+I319,2)","v":{"v":0,"d":"0.00"}},{"$nulls":4},20,"                    ",{"$nulls":5},"I",{"$nulls":3},"45.43.12",null,"A"]
[{"$nulls":3},"781 - Obklady z obkladačiek a dosiek  spolu: ",{"$nulls":3},{"$f":"SUM(H319+H318+H316+H314+H309)","v":{"v":0,"d":"0.00"}},{"$f":"SUM(I319+I318+I316+I314+I309)","v":{"v":0,"d":"0.00"}},{"$f":"SUM(J319+J318+J316+J314+J309)","v":{"v":0,"d":"0.00"}},null,{"$f":"SUM(L319+L318+L316+L314+L309)","v":0.96094},null,{"$f":"SUM(N319+N318+N316+N314+N309)","v":{"v":0,"d":"0.000"}},{"$nulls":8},69.596]
[]
[null,"783 - Nátery"]
["       ","783","78378-2203   ","Nátery tesárskych konštr. Lastanoxom Q (Bochemit QB-inovovaná náhrada)",246.004,"m2",null,{"$f":"ROUND(E323*G323, 2)","v":{"v":0,"d":"0.00"}},null,{"$f":"ROUND(H323+I323,2)","v":{"v":0,"d":"0.00"}},0.00034,{"$f":"ROUND(K323*E323,5)","v":0.08364},null,null,20,"                    ",{"$nulls":5},"I",45.019,null,null,"45.44.22",null,"A"]
[{"$nulls":3},"\"klieštiny\"  2*(0,050+0,160)*2,000*(22*2+1) =   37,800",{"$nulls":17},"a"]
[{"$nulls":3},"\"pomúrnica 12x12\"   2*(0,120+0,120)*21,075 =   10,116",{"$nulls":17},"a"]
[{"$nulls":3},"\"trám 12x12\"              2*(0,120+0,120)*1,200*6 =   3,456",{"$nulls":17},"a"]
[{"$nulls":3},"\"stĺpik\"   2*(0,120+0,120)*3,250*6 =   9,360",{"$nulls":17},"a"]
[{"$nulls":3},"\"krokvy 100x180 mm\"  2*(0,100+0,180)*26*(4,260+2,845) =   103,449",{"$nulls":17},"a"]
[{"$nulls":3},"\"okapová väznica 12x16\"  2*(0,120+0,160)*21,075 =   11,802",{"$nulls":17},"a"]
[{"$nulls":3},"\"laťovanie\"  12*21,075*2*(0,040+0,040) =   40,464",{"$nulls":17},"a"]
[{"$nulls":3},"\"kontralate\" (4,260+2,845)*26*2*(0,040+0,040) =   29,557",{"$nulls":17},"a"]
[null,783,"78379-1000","Nátery tesárskych konštr. lakom Oversol trojnásobné ",246.004,"m2",null,{"$f":"ROUND(E332*G332, 2)","v":{"v":0,"d":"0.00"}},null,{"$f":"ROUND(H332+I332,2)","v":{"v":0,"d":"0.00"}},0.0003,{"$f":"ROUND(K332*E332,5)","v":{"v":0.0738,"d":"0.07380"}}]
[{"$nulls":3},"783 - Nátery  spolu: ",{"$nulls":3},{"$f":"SUM(H323:H332)","v":{"v":0,"d":"0.00"}},{"$f":"SUM(I323:I332)","v":{"v":0,"d":"0.00"}},{"$f":"SUM(J323:J332)","v":{"v":0,"d":"0.00"}},null,{"$f":"SUM(L332+L323)","v":{"v":0.15744000000000002,"d":"0.15744"}},null,{"v":0,"d":"0.000"},{"$nulls":8},45.019]
[]
[null,"784 - Maľby"]
["       ","784","78445-3111   ","Maľby dizperzné Caparol Objekt dvojnásobné so základným náterom jednofarebné v miestnostnostiach v. do 3.8",340.177,"m2",null,{"$f":"ROUND(E336*G336, 2)","v":{"v":0,"d":"0.00"}},null,{"$f":"ROUND(H336+I336,2)","v":{"v":0,"d":"0.00"}},0.00055,{"v":0.18709735000000002,"d":"0.18710"},null,null,20,"                    ",{"$nulls":5},"I",61.912,null,null,"  .  .  ",null,"A"]
[{"$nulls":3},"\"m.č. 1.01\"  +3,440*4,300+2*(3,440+4,300)*2,400-0,8*1,400-0,7*1,98-0,8*1,98 =   47,854",{"$nulls":17},"a"]
[{"$nulls":3},"+2*(0,8+1,4)*0,200+(0,8+2*1,98)*0,200 =   1,832",{"$nulls":17},"a"]
[{"$nulls":3},"\"m.č. 1.02\"   +3,750*1,540+2*(3,750+1,540)*2,400-0,8*1,4-0,8*1,98-0,7*1,98*3 =   24,305",{"$nulls":17},"a"]
[{"$nulls":3},"+2*(0,8+1,4)*0,200+(0,8+1,98*2) =   5,640",{"$nulls":17},"a"]
[{"$nulls":3},"\"m.č. 1.03\"   +1,845*1,750+2*(1,845+1,75)*2,400-0,7*1,98-0,4*0,4 =   18,939",{"$nulls":17},"a"]
[{"$nulls":3},"+2*(0,4+0,4)*0,2 =   0,320",{"$nulls":17},"a"]
[{"$nulls":3},"\"m.č. 1.04\"   +2,675*1,750+2*(2,675+1,750)*2,400+0,7*1,98-0,4*0,4 =   27,147",{"$nulls":17},"a"]
[{"$nulls":3},"+2*(0,4+0,4)*0,200+(2*0,9+0,1)*2,400 =   4,880",{"$nulls":17},"a"]
[{"$nulls":3},"\"m.č. 1.05\"    +4,300*3,440+2*(4,3+3,44)*2,4-0,8*1,4-0,8*1,98-2*0,6*1,98 =   46,864",{"$nulls":17},"a"]
[{"$nulls":3},"+2*(0,8+1,4)*0,2+(0,8+2*1,98)*0,2 =   1,832",{"$nulls":17},"a"]
[{"$nulls":3},"\"m.č. 1.06\"    +0,910*1,750+2*(0,91*1,75)*2,4-0,4*0,4-0,6*1,98 =   7,889",{"$nulls":17},"a"]
[{"$nulls":3},"+2*(0,4+0,4)*0,2 =   0,320",{"$nulls":17},"a"]
[{"$nulls":3},"\"m.č. 1.07\"     +1,87*1,54+2*(1,87+1,54)*2,4-0,6*1,98 =   18,060",{"$nulls":17},"a"]
[{"$nulls":3},"\"m.č. 1.08\"     + 4,520/3,440+2*(4,52+3,44)*2,4-0,7*1,98-0,8*1,4*3-0,8*1,98 =   33,192",{"$nulls":17},"a"]
[{"$nulls":3},"+2*0,5*2,4+2*(0,8+1,4)*4+(0,8+1,98*2) =   24,760",{"$nulls":17},"a"]
[{"$nulls":3},".",{"$nulls":17},"a"]
[{"$nulls":3},"\"m.č. 2.01\"     +2*(19,89-2*0,250)*1,250+2*3,44*1,25+2*1/2*(3,440+0,700)*1,230 =   62,167",{"$nulls":17},"a"]
[{"$nulls":3},"(2*1,6+0,7)*(19,89-2*0,25)-3*0,66*1,18-3,14*0,5*0,5/4-0,8*1,98 =   71,504",{"$nulls":17},"a"]
[{"$nulls":3},"\"odpočet plochy keram. obkladov\"  -57,328 =   -57,328",{"$nulls":17},"a"]
[{"$nulls":3},"784 - Maľby  spolu: ",{"$nulls":3},{"$f":"SUM(H336)","v":{"v":0,"d":"0.00"}},{"v":0,"d":"0.00"},{"$f":"SUM(J336)","v":{"v":0,"d":"0.00"}},null,{"$f":"SUM(L336)","v":{"v":0.18709735000000002,"d":"0.18710"}},null,{"v":0,"d":"0.000"},{"$nulls":8},61.912]
[{"$nulls":3},"PRÁCE A DODÁVKY PSV  spolu: ",{"$nulls":3},{"$f":"SUM(H356+H333+H320+H307+H293+H283+H264+H240+H219+H211+H206+H189+H187+H173)","v":{"v":0,"d":"0.00"}},{"$f":"SUM(I356+I333+I320+I307+I293+I283+I264+I240+I219+I211+I206+I189+I187+I173)","v":{"v":0,"d":"0.00"}},{"$f":"SUM(J356+J333+J320+J307+J293+J283+J264+J240+J219+J211+J206+J189+J187+J173)","v":{"v":0,"d":"0.00"}},null,{"$f":"SUM(L356+L333+L320+L307+L293+L283+L264+L240+L219+L211+L206+L189+L187+L173)","v":{"v":8.77348975,"d":"8.77349"}},null,{"$f":"SUM(N356+N333+N320+N307+N293+N283+N264+N240+N219+N211+N206+N189+N187+N173)","v":{"v":0,"d":"0.000"}},{"$nulls":8},814.597]
[]
[{"$nulls":3},"Za rozpočet celkom",{"$nulls":3},{"$f":"SUM(H357+H163)","v":{"v":0,"d":"0.00"}},{"$f":"SUM(I357+I163)","v":{"v":0,"d":"0.00"}},{"$f":"SUM(J357+J163)","v":{"v":0,"d":"0.00"}},null,{"$f":"SUM(L357+L163)","v":{"v":14.921189749999998,"d":"14.92119"}},null,{"$f":"SUM(N357+N163)","v":{"v":0,"d":"0.000"}},{"$nulls":8},{"v":2260.702,"d":"2,260.702"}]

{"sheet":"KL13","index":7,"n_rows":27,"n_cols":30,"rows_kept":27}
[{"$nulls":7},"Krycí list rozpočtu v EUR  ",{"$nulls":17},"V module","Hlavička1","Mena","Hlavička2","Obdobie"]
[null," Stavba : PREVÁDZKOVÁ BUDOVA DŽK - STANICA ČERMEĽ",{"$nulls":4},"Miesto:","DŹK, ČERMEĽ",null,"Rozpočet:",{"$nulls":15},"Rozpočet","Krycí list rozpočtu v","EUR"]
[null," Objekt : 01_Prevádzková budova",{"$nulls":4},"KS :",null,null,"Spracoval:","Ing. Milan GAJDOŠ, stavebný cenár",{"$nulls":14},"Čerpanie","Krycí list splátky v","EUR","za obdobie","Mesiac 2011"]
[null," Časť : Bleskozvod",{"$nulls":7},"Dňa:","2018-02-27","Zmluva č.:",{"$nulls":13},"VK","Krycí list výrobnej kalkulácie v","EUR"]
[null," Odberateľ:",null,"OZ DŽK, o.z. ",null,null,"04013","KOŠICE",null,"IČO:",{"$f":"'KL12'!K5","v":42241189},"DIČ:",{"$nulls":13},"VF","Krycí list splátky v","EUR","za obdobie","Mesiac 2011"]
[null," Dodávateľ:",null,"vybraný výberovým konaním",{"$nulls":5},"IČO:",null,"DIČ:"]
[null," Projektant:",null,"MGR. ART. TOMÁŠ HAVIAR ",null,null,"03601","MARTIN",null,"IČO:",null,"DIČ:"]
[{"$nulls":5},0,null,null,0,{"$nulls":3},0]
[{"$nulls":5},0,null,null,0,{"$nulls":3},0]
[null,"A"," ZRN","Konštrukcie","Špecifikovaný materiál","Spolu ZRN","B","IN - Individuálne náklady",null,"C","NUS - náklady umiestnenia stavby"]
[null,1," HSV:",null,null,{"$f":"SUM(D11:E11)","v":{"v":0,"d":"0.00"}},6," Práce nadčas",{"v":0,"d":"0.00"},11," Zariadenie staveniska",{"v":0.009,"d":"0.90%"},{"$f":"SUM(F15*L11)","v":{"v":0,"d":"0.00"}}]
[null,2," PSV:",null,null,{"$f":"SUM(D12:E12)","v":{"v":0,"d":"0.00"}},7," Murárske výpomoce",{"v":0,"d":"0.00"},12," Prevádzkové vplyvy",{"v":0,"d":"0.00%"},{"$f":"L12*F15","v":{"v":0,"d":"0.00"}}]
[null,3," MCE:",{"$f":"'P13'!H19","v":{"v":0,"d":"0.00"}},{"$f":"'P13'!I19","v":{"v":0,"d":"0.00"}},{"$f":"SUM(D13:E13)","v":{"v":0,"d":"0.00"}},8," Bez pevnej podlahy",{"v":0,"d":"0.00"},13," Sťažené podmienky",{"v":0,"d":"0.00%"},{"$f":"L13*F15","v":{"v":0,"d":"0.00"}}]
[null,4,"Iiné:",null,null,{"v":0,"d":"0.00"},9," HZS",{"v":0,"d":"0.00"},14," Vplyv zmien cien vstupov",{"v":0,"d":"0.00%"},{"$f":"L14*F15","v":{"v":0,"d":"0.00"}}]
[null,5," Súčet:",{"$f":"SUM(D11:D14)","v":{"v":0,"d":"0.00"}},{"$f":"SUM(E11:E14)","v":{"v":0,"d":"0.00"}},{"$f":"SUM(F11:F14)","v":{"v":0,"d":"0.00"}},10,"Súčet riadkov 6 až 9: ",{"$f":"SUM(I11:I14)","v":{"v":0,"d":"0.00"}},15,null,"Súčet riadkov 11 až 14: ",{"$f":"SUM(M11:M14)","v":{"v":0,"d":"0.00"}}]
[null,"projektant, rozpočtár, cenár",{"$nulls":4},"dodávateľ, zhotoviteľ",null,null,"D","ON - ostatné náklady"]
[null,null,"dátum:","2018-02-27","podpis:",{"$nulls":4},16," Ostatné náklady uvedené v rozpočte",null,{"v":0,"d":"0.00"}]
[null,null,"pečiatka:",{"$nulls":4},"dátum:",null,17," Inžinierska činnosť",null,{"v":0,"d":"0.00"}]
[{"$nulls":9},18," Projektové práce",null,{"v":0,"d":"0.00"}]
[{"$nulls":7},"podpis:",null,19," Komplet. činnosť",null,{"v":0,"d":"0.00"}]
[{"$nulls":7},"pečiatka:",null,20,null,"Súčet riadkov 16 až 19: ",{"$f":"SUM(M17:M20)","v":{"v":0,"d":"0.00"}}]
[null,"odberateľ, obstarávateľ",{"$nulls":7},"E","Celkové náklady"]
[null,null,"dátum:",null,"podpis:",{"$nulls":4},21,null,"Súčet riadkov 5, 10, 15 a 20: ",{"$f":"SUM(M21+M15+I15+F15)","v":{"v":0,"d":"0.00"}}]
[null,null,"pečiatka:",{"$nulls":6},22," DPH   20% z:",{"$f":"M23","v":{"v":0,"d":"0.00"}},{"$f":"SUM(L24*0.2)","v":{"v":0,"d":"0.00"}}]
[{"$nulls":9},23," DPH    0% z:",{"$f":"M23-L24","v":{"v":0,"d":"0.00"}},{"v":0,"d":"0.00"}]
[{"$nulls":9},24,null,"Súčet riadkov 21 až 23: ",{"$f":"SUM(M23:M25)","v":{"v":0,"d":"0.00"}}]
[{"$nulls":9},"F"," Odpočet - prípočet",null,{"v":0,"d":"0 "}]

{"sheet":"P13","index":8,"n_rows":19,"n_cols":30,"rows_kept":19}
["Odberateľ: ",null,"OZ DŽK, o.z. ",{"$nulls":5},"Spracoval: Ing. Milan GAJDOŠ, stavebný cenár       ",{"$nulls":16},"V module","Hlavička1","Mena","Hlavička2","Obdobie"]
["Projektant: MGR. ART. TOMÁŠ HAVIAR ",{"$nulls":7},"JKSO : ",{"$nulls":16},"Rozpočet","Prehľad rozpočtových nákladov v","EUR"]
["Dodávateľ: ",{"$nulls":7},"Dátum: 27.02.2018",{"$nulls":16},"Čerpanie","Súpis vykonaných prác a dodávok v","EUR","za obdobie","Mesiac 2011"]
[{"$nulls":25},"VK","Prehľad kalkulovaných nákladov v","EUR"]
["Stavba : PREVÁDZKOVÁ BUDOVA DŽK - STANICA ĎERMEĽ",{"$nulls":24},"VF","Súpis vykonaných prác a dodávok v","EUR","za obdobie","Mesiac 2011"]
["Objekt : 01_Prevádzková budova"]
["Časť :  Bleskozvod"]
["Ing. Milan Gajdoš",null,null,"Prehľad rozpočtových nákladov v EUR  "]
["Por.","Kód","Kód položky","Popis položky, stavebného dielu, remesla,","Množstvo","Mer.","Jednotková","Konštrukcie","Špecifikovaný","Spolu","Hmotnosť v tonách",null,"Suť v tonách",null,"DPH","Pozícia","Množstvo","Množstvo","Množstvo","Vyňatý","Vysoká sadzba","Typ","Nh","X","Y","Klasifikácia","Katalógové","Typ"]
["čís.","cen.",null,"výkaz-výmer","výmera","jed.","cena",null,"materiál",null,"Jednotk.","Spolu","Jednotk.","Spolu","%",null,"rozpočtované","od začiatku","dodatok","z režimu stavba","DPH ( materiál )","položky",{"$nulls":3},"produkcie","číslo","Ceny"]
[]
[null,"PRÁCE A DODÁVKY M"]
[null,"M21 - 155 Elektromontáže"]
[null,"M48 - Periodické prevádzkové revízie"]
[{"$nulls":3},"M48 - Periodické prevádzkové revízie  spolu: ",{"$nulls":3},{"v":0,"d":"0.00"},{"v":0,"d":"0.00"},{"v":0,"d":"0.00"},null,{"v":0,"d":"0.00000"},null,{"v":0,"d":"0.000"},{"$nulls":8},{"v":0,"d":"0.000"}]
[]
[{"$nulls":3},"PRÁCE A DODÁVKY M  spolu: ",{"$nulls":3},{"$f":"SUM(H15)","v":{"v":0,"d":"0.00"}},{"$f":"SUM(I15)","v":{"v":0,"d":"0.00"}},{"v":0,"d":"0.00"},null,{"$f":"SUM(L15)","v":{"v":0,"d":"0.000000"}},null,{"v":0,"d":"0.000"},{"$nulls":8},{"v":53.513000000000005,"d":"53.513"}]
[]
[{"$nulls":3},"Za rozpočet celkom",{"$nulls":3},{"$f":"SUM(H17)","v":{"v":0,"d":"0.00"}},{"$f":"SUM(I17)","v":{"v":0,"d":"0.00"}},{"$f":"SUM(J17)","v":{"v":0,"d":"0.00"}},null,{"$f":"SUM(L17)","v":{"v":0,"d":"0.00000"}},null,{"$f":"SUM(N17)","v":{"v":0,"d":"0.00"}},{"$nulls":8},{"v":53.513000000000005,"d":"53.513"}]

{"sheet":"KL14","index":9,"n_rows":27,"n_cols":30,"rows_kept":27}
[{"$nulls":7},"Krycí list rozpočtu v EUR  ",{"$nulls":17},"V module","Hlavička1","Mena","Hlavička2","Obdobie"]
[null," Stavba : PREVÁDZKOVÁ BUDOVA DŽK - STANICA ČERMEĽ",{"$nulls":4},"Miesto:","DŹK, ČERMEĽ",null,"Rozpočet:",{"$nulls":15},"Rozpočet","Krycí list rozpočtu v","EUR"]
[null," Objekt : 01_Prevádzková budova",{"$nulls":4},"KS :",null,null,"Spracoval:","Ing. Milan GAJDOŠ, stavebný cenár",{"$nulls":14},"Čerpanie","Krycí list splátky v","EUR","za obdobie","Mesiac 2011"]
[null," Časť : Vykurovanie",{"$nulls":7},"Dňa:","2018-02-27","Zmluva č.:",{"$nulls":13},"VK","Krycí list výrobnej kalkulácie v","EUR"]
[null," Odberateľ:",null,"OZ DŽK, o.z. ",null,null,"04013","KOŠICE",null,"IČO:",{"$f":"'KL13'!K5","v":42241189},"DIČ:",{"$nulls":13},"VF","Krycí list splátky v","EUR","za obdobie","Mesiac 2011"]
[null," Dodávateľ:",null,"vybraný výberovým konaním",{"$nulls":5},"IČO:",null,"DIČ:"]
[null," Projektant:",null,"MGR. ART. TOMÁŠ HAVIAR ",null,null,"03601","MARTIN",null,"IČO:",null,"DIČ:"]
[{"$nulls":5},0,null,null,0,{"$nulls":3},0]
[{"$nulls":5},0,null,null,0,{"$nulls":3},0]
[null,"A"," ZRN","Konštrukcie","Špecifikovaný materiál","Spolu ZRN","B","IN - Individuálne náklady",null,"C","NUS - náklady umiestnenia stavby"]
[null,1," HSV:",{"$f":"'P14'!H19","v":{"v":0,"d":"0.00"}},{"$f":"'P14'!I20","v":{"v":0,"d":"0.00"}},{"$f":"SUM(D11:E11)","v":{"v":0,"d":"0.00"}},6," Práce nadčas",{"v":0,"d":"0.00"},11," Zariadenie staveniska",{"v":0.009,"d":"0.90%"},{"$f":"L11*F15","v":{"v":0,"d":"0.00"}}]
[null,2," PSV:",{"$f":"'P14'!H53","v":{"v":0,"d":"0.00"}},{"$f":"'P14'!I53","v":{"v":0,"d":"0.00"}},{"$f":"SUM(D12:E12)","v":{"v":0,"d":"0.00"}},7," Murárske výpomoce",{"v":0,"d":"0.00"},12," Prevádzkové vplyvy",{"v":0,"d":"0.00%"},{"$f":"L12*F15","v":{"v":0,"d":"0.00"}}]
[null,3," MCE:",{"$f":"'P14'!H60","v":{"v":0,"d":"0.00"}},{"$f":"SUM('P14'!I60)","v":{"v":0,"d":"0.00"}},{"$f":"SUM(D13:E13)","v":{"v":0,"d":"0.00"}},8," Bez pevnej podlahy",{"v":0,"d":"0.00"},13," Sťažené podmienky",{"v":0,"d":"0.00%"},{"$f":"L13*F15","v":{"v":0,"d":"0.00"}}]
[null,4,"Iiné:",null,null,{"v":0,"d":"0.00"},9," HZS",{"v":0,"d":"0.00"},14," Vplyv zmien cien vstupov",{"v":0,"d":"0.00%"},{"$f":"L14*F15","v":{"v":0,"d":"0.00"}}]
[null,5," Súčet:",{"$f":"SUM(D11:D14)","v":{"v":0,"d":"0.00"}},{"$f":"SUM(E11:E14)","v":{"v":0,"d":"0.00"}},{"$f":"SUM(F11:F14)","v":{"v":0,"d":"0.00"}},10,"Súčet riadkov 6 až 9: ",{"$f":"SUM(I11:I14)","v":{"v":0,"d":"0.00"}},15,null,"Súčet riadkov 11 až 14: ",{"$f":"SUM(M11:M14)","v":{"v":0,"d":"0.00"}}]
[null,"projektant, rozpočtár, cenár",{"$nulls":4},"dodávateľ, zhotoviteľ",null,null,"D","ON - ostatné náklady"]
[null,null,"dátum:","2018-02-27","podpis:",{"$nulls":4},16," Ostatné náklady uvedené v rozpočte",null,{"v":0,"d":"0.00"}]
[null,null,"pečiatka:",{"$nulls":4},"dátum:",null,17," Inžinierska činnosť",null,{"v":0,"d":"0.00"}]
[{"$nulls":9},18," Projektové práce",null,{"v":0,"d":"0.00"}]
[{"$nulls":7},"podpis:",null,19," Komplet. činnosť",null,{"v":0,"d":"0.00"}]
[{"$nulls":7},"pečiatka:",null,20,null,"Súčet riadkov 16 až 19: ",{"$f":"SUM(M17:M20)","v":{"v":0,"d":"0.00"}}]
[null,"odberateľ, obstarávateľ",{"$nulls":7},"E","Celkové náklady"]
[null,null,"dátum:",null,"podpis:",{"$nulls":4},21,null,"Súčet riadkov 5, 10, 15 a 20: ",{"$f":"SUM(M21+M15+I15+F15)","v":{"v":0,"d":"0.00"}}]
[null,null,"pečiatka:",{"$nulls":6},22," DPH   20% z:",{"$f":"M23","v":{"v":0,"d":"0.00"}},{"$f":"SUM(L24*0.2)","v":{"v":0,"d":"0.00"}}]
[{"$nulls":9},23," DPH    0% z:",{"$f":"M23-L24","v":{"v":0,"d":"0.00"}},{"v":0,"d":"0.00"}]
[{"$nulls":9},24,null,"Súčet riadkov 21 až 23: ",{"$f":"SUM(M23:M25)","v":{"v":0,"d":"0.00"}}]
[{"$nulls":9},"F"," Odpočet - prípočet",null,{"v":0,"d":"0 "}]

{"sheet":"P14","index":10,"n_rows":61,"n_cols":30,"rows_kept":61}
["Odberateľ: OZ DŽK, o.z. ",{"$nulls":7},"Spracoval: Ing. Milan GAJDOŠ, stavebný cenár       ",{"$nulls":16},"V module","Hlavička1","Mena","Hlavička2","Obdobie"]
["Projektant: MGR. ART. TOMÁŠ HAVIAR ",{"$nulls":7},"JKSO : ",{"$nulls":16},"Rozpočet","Prehľad rozpočtových nákladov v","EUR"]
["Dodávateľ: ",{"$nulls":7},"Dátum: 27.02.2018",{"$nulls":16},"Čerpanie","Súpis vykonaných prác a dodávok v","EUR","za obdobie","Mesiac 2011"]
[{"$nulls":25},"VK","Prehľad kalkulovaných nákladov v","EUR"]
["Stavba : PREVÁDZKOVÁ BUDOVA DŽK - STANICA ĎERMEĽ",{"$nulls":24},"VF","Súpis vykonaných prác a dodávok v","EUR","za obdobie","Mesiac 2011"]
["Objekt : 01_Prevádzková budova"]
["Časť : Vykurovanie"]
[{"$nulls":3},"Prehľad rozpočtových nákladov v EUR  "]
["P.","Kód","Kód položky","Popis položky, stavebného dielu, remesla,","Množstvo","Mer.","Jednotková","Konštrukcie","Špecifikovaný","Spolu","Hmotnosť v tonách",null,"Suť v tonách",null,"DPH","Pozícia","Množstvo","Množstvo","Množstvo","Vyňatý","Vysoká sadzba","Typ","Nh","X","Y","Klasifikácia","Katalógové","Typ"]
["č.:","cen.",null,"výkaz-výmer","výmera","jedn.","cena",null,"materiál",null,"Jednotk.","Spolu","Jednotk.","Spolu","%",null,"rozpočtované","od začiatku","dodatok","z režimu stavba","DPH ( materiál )","položky",{"$nulls":3},"produkcie","číslo","Ceny"]
[]
[null,"PRÁCE A DODÁVKY HSV"]
[null,"9 - OSTATNÉ KONŠTRUKCIE A PRÁCE"]
[1,"014","95376-4111   ","Dymovod pre kachle z plechu, DN 150 mm- len montáž",{"v":1.5,"d":"1.500"},"m",null,{"$f":"ROUND(E14*G14, 2)","v":{"v":0,"d":"0.00"}},null,{"$f":"ROUND(H14+I14,2)","v":{"v":0,"d":"0.00"}},{"$nulls":4},20,"                    ",{"$nulls":5},"E",{"v":3.39,"d":"3.390"},null,null,"45.45.13",null,3]
[2,"MAT","541 1A9116   ","Rúra 1000 mm - DN 150",{"v":1,"d":"1.000"},"kus",null,null,{"$f":"ROUND(G15*E15,2)","v":{"v":0,"d":"0.00"}},{"$f":"ROUND(H15+I15,2)","v":{"v":0,"d":"0.00"}},{"$nulls":4},20,"                    ",{"$nulls":5},"D",{"$nulls":3},"29.72.20","                    ",2]
[3,"MAT","541 1A9126   ","Koleno 90st.- DN 150",{"v":1,"d":"1.000"},"kus",null,null,{"$f":"ROUND(G16*E16,2)","v":{"v":0,"d":"0.00"}},{"v":0,"d":"0.00"},{"$nulls":4},20,"                    ",{"$nulls":5},"D",{"$nulls":3},"29.72.20","                    ",2]
[4,"MAT","541 1A9136   ","Zder 135 mm - DN 150",{"v":1,"d":"1.000"},"kus",null,null,{"$f":"ROUND(G17*E17,2)","v":{"v":0,"d":"0.00"}},{"v":0,"d":"0.00"},{"$nulls":4},20,"                    ",{"$nulls":5},"D",{"$nulls":3},"29.72.20","                    ",2]
[5,"MAT","541 1A91R1","Víčko na komín 150",{"v":1,"d":"1.000"},"kus",null,null,{"$f":"ROUND(G18*E18,2)","v":{"v":0,"d":"0.00"}},{"$f":"ROUND(H18+I18,2)","v":{"v":0,"d":"0.00"}}]
[{"$nulls":3},"9 - OSTATNÉ KONŠTRUKCIE A PRÁCE spolu:",{"$nulls":3},{"$f":"SUM(H14:H18)","v":{"v":0,"d":"0.00"}},{"$f":"SUM(I14:I18)","v":{"v":0,"d":"0.00"}},{"v":0,"d":"0.00"}]
[{"$nulls":3},"PRÁCE A DODÁVKY HSV",{"$nulls":3},{"$f":"SUM(H19)","v":{"v":0,"d":"0.00"}},{"$f":"SUM(I19)","v":{"v":0,"d":"0.00"}},{"$f":"SUM(J19)","v":{"v":0,"d":"0.00"}}]
[null,"PRÁCE A DODÁVKY PSV"]
[null,"732 - Strojovne"]
[6,"731","73221-9301   ","Montáž ohrievačov vody stojatých kombinovaných do 200 l",{"v":1,"d":"1.000"},"súbor",null,{"$f":"ROUND(E23*G23, 2)","v":{"v":0,"d":"0.00"}},null,{"$f":"ROUND(H23+I23,2)","v":{"v":0,"d":"0.00"}},{"$nulls":4},20,"                    ",{"$nulls":5},"I",2.824,null,null,"45.33.11",null,"A"]
[7,"MAT","484 1D0810   ","Kombinovaný ohrievač vody 120l Dražice OKC 125 2 kW",{"v":1,"d":"1.000"},"kus",null,null,{"$f":"ROUND(G24*E24,2)","v":{"v":0,"d":"0.00"}},{"$f":"ROUND(H24+I24,2)","v":{"v":0,"d":"0.00"}},{"v":0.058,"d":"0.05800"},{"$f":"ROUND(K24*E24,5)","v":{"v":0.058,"d":"0.05800"}},null,null,20,"                    ",{"$nulls":5},"D",{"$nulls":3},"28.30.13","                    ",2]
[8,"731","73233-0433   ","Nádoba expanzná Reflex typ F plochý s membránou, tlak 6 barov,plastový povlak, objem 15 l",{"v":1,"d":"1.000"},"súbor",null,{"$f":"ROUND(E25*G25, 2)","v":{"v":0,"d":"0.00"}},null,{"$f":"ROUND(H25+I25,2)","v":{"v":0,"d":"0.00"}},{"v":0.0111,"d":"0.01110"},{"$f":"ROUND(K25*E25,5)","v":{"v":0.0111,"d":"0.01110"}},null,null,20,"                    ",{"$nulls":5},"I",0.265,null,null,"  .  .  ",null,"A"]
[9,"731","73242-2311   ","Čerpadlo obehové teplov. závit. 15-14 rozst. 8 cm do 0,7 m3/h štand. kvalita",{"v":1,"d":"1.000"},"súbor",null,{"$f":"ROUND(E26*G26, 2)","v":{"v":0,"d":"0.00"}},null,{"$f":"ROUND(H26+I26,2)","v":{"v":0,"d":"0.00"}},{"v":0.0005,"d":"0.00050"},{"$f":"ROUND(K26*E26,5)","v":{"v":0.0005,"d":"0.00050"}},null,null,20,"                    ",{"$nulls":5},"I",0.456,null,null,"  .  .  ",null,"B"]
[{"$nulls":3},"732 - Strojovne  spolu: ",{"$nulls":3},{"$f":"SUM(H23:H26)","v":{"v":0,"d":"0.00"}},{"$f":"SUM(I23:I26)","v":{"v":0,"d":"0.00"}},{"$f":"SUM(J23:J26)","v":{"v":0,"d":"0.00"}},null,{"$f":"SUM(L23:L26)","v":{"v":0.06960000000000001,"d":"0.06960"}},null,{"$f":"SUM(N23:N26)","v":{"v":0,"d":"0.000"}},{"$nulls":8},8.185]
[null,"733 - Rozvod potrubia"]
[{"$nulls":3},"733 - Rozvod potrubia  spolu: ",{"$nulls":3},{"v":0,"d":"0.00"},{"v":0,"d":"0.00"},{"v":0,"d":"0.00"},null,{"v":0,"d":"0.00000"},null,{"v":0,"d":"0.000"},{"$nulls":8},{"v":12.18,"d":"12.180"}]
[null,"734 - Armatúry"]
[10,"731","73416-3412   ","Filter s výmennou vložkou D 71-117-616 P1 DN 25",{"v":1,"d":"1.000"},"súbor",null,{"$f":"ROUND(E31*G31, 2)","v":{"v":0,"d":"0.00"}},null,{"$f":"ROUND(H31+I31,2)","v":{"v":0,"d":"0.00"}},0.00606,{"$f":"ROUND(K31*E31,5)","v":0.00606},null,null,20,"                    ",{"$nulls":5},"I",0.777,null,null,"45.33.11",null,"B"]
[11,"731","73421-1118   ","Ventil závitový odvzdušňovací G 1/4 PN 14 do 120°C automatický",{"v":4,"d":"4.000"},"kus",null,{"$f":"ROUND(E32*G32, 2)","v":{"v":0,"d":"0.00"}},null,{"$f":"ROUND(H32+I32,2)","v":{"v":0,"d":"0.00"}},0.00023,{"$f":"ROUND(K32*E32,5)","v":0.00092},null,null,20,"                    ",{"$nulls":5},"I",0.196,null,null,"  .  .  ",null,"B"]
[12,"731","73425-1114   ","Ventily poistné závitové P10-137-606 G 3/4",{"v":4,"d":"4.000"},"kus",null,{"$f":"ROUND(E33*G33, 2)","v":{"v":0,"d":"0.00"}},null,{"$f":"ROUND(H33+I33,2)","v":{"v":0,"d":"0.00"}},{"v":1E-3,"d":"0.00100"},{"$f":"ROUND(K33*E33,5)","v":{"v":0.004,"d":"0.00400"}},null,null,20,"                    ",{"$nulls":5},"I",0.824,null,null,"45.33.11",null,"B"]
[13,"731","73422-2613   ","Ventil regul. závit. s hlavicou termost. ovlád. V4262A G 3/4",{"v":4,"d":"4.000"},"kus",null,{"$f":"ROUND(E34*G34, 2)","v":{"v":0,"d":"0.00"}},null,{"$f":"ROUND(H34+I34,2)","v":{"v":0,"d":"0.00"}},{"v":1E-3,"d":"0.00100"},{"v":0.004,"d":"0.00400"},null,null,20,"                    ",{"$nulls":5},"I",0.864,null,null,"45.33.11",null,"B"]
[{"$nulls":3},"734 - Armatúry  spolu: ",{"$nulls":3},{"$f":"SUM(H31:H34)","v":{"v":0,"d":"0.00"}},{"$f":"SUM(I31:I34)","v":{"v":0,"d":"0.00"}},{"v":0,"d":"0.00"},null,{"$f":"SUM(L31:L34)","v":0.01498},null,{"$f":"SUM(N32:N34)","v":{"v":0,"d":"0.000"}},{"$nulls":8},{"v":1.02,"d":"1.020"}]
[null,"735 - Vykurovacie telesá"]
[14,"731","73541-9310   ","Montáž kúpeľňového vykurov.rebríka dl. do 2000 mm",{"v":1,"d":"1.000"},"súbor",null,{"$f":"ROUND(E37*G37, 2)","v":{"v":0,"d":"0.00"}},null,{"$f":"ROUND(H37+I37,2)","v":{"v":0,"d":"0.00"}},0.00021,0.00021,null,null,20,"                    ",{"$nulls":5},"I",1.212,null,null,"45.33.11",null,"A"]
[15,"MAT","920 AN65618  ","Rebrík vykurovací oblý KDO-E 600/1320",{"v":1,"d":"1.000"},"kus",null,null,{"$f":"ROUND(G38*E38,2)","v":{"v":0,"d":"0.00"}},{"$f":"ROUND(H38+I38,2)","v":{"v":0,"d":"0.00"}},{"$nulls":4},20,"                    ",{"$nulls":5},"D",{"$nulls":3},"  .  .  ","5441418             ",2]
[{"$nulls":3},"735 - Vykurovacie telesá  spolu: ",{"$nulls":3},{"$f":"SUM(H37:H38)","v":{"v":0,"d":"0.00"}},{"$f":"SUM(I37:I38)","v":{"v":0,"d":"0.00"}},{"$f":"SUM(J37:J38)","v":{"v":0,"d":"0.00"}},null,{"$f":"SUM(L37:L38)","v":0.00021},null,{"$f":"SUM(N37:N38)","v":{"v":0,"d":"0.000"}},{"$nulls":8},3.088]
[null,"795 - Lokálne kúrenie"]
[16,"795","79512-2215   ","Umiest. a osadenie krbových kachiel teplovodných, na drevo, 20 kW",{"v":1,"d":"1.000"},"kus",null,{"$f":"ROUND(E41*G41, 2)","v":{"v":0,"d":"0.00"}},null,{"$f":"ROUND(H41+I41,2)","v":{"v":0,"d":"0.00"}},{"$nulls":4},20,"                    ",{"$nulls":5},"I",1.006,null,null,"  .  .  ",null,"A"]
[{"$nulls":3},"1 =   1,000",{"$nulls":17},"a"]
[17,"MAT","541 101010   ","Kachle+Teplovodný výmenník, vykurovaný objem 300 m3",{"v":1,"d":"1.000"},"kus",null,null,{"$f":"ROUND(G43*E43,2)","v":{"v":0,"d":"0.00"}},{"$f":"ROUND(H43+I43,2)","v":{"v":0,"d":"0.00"}},{"v":0.228,"d":"0.22800"},{"$f":"ROUND(K43*E43,5)","v":{"v":0.228,"d":"0.22800"}},null,null,20,"                    ",{"$nulls":5},"D",{"$nulls":3},"29.72.12","                    ",2]
[]
[{"$nulls":3},"795 - Lokálne kúrenie  spolu: ",{"$nulls":3},{"$f":"SUM(H41:H44)","v":{"v":0,"d":"0.00"}},{"$f":"SUM(I41:I44)","v":{"v":0,"d":"0.00"}},{"$f":"SUM(J41:J44)","v":{"v":0,"d":"0.00"}},null,{"$f":"SUM(L41:L44)","v":{"v":0.228,"d":"0.22800"}},null,{"$f":"SUM(N41:N44)","v":{"v":0,"d":"0.000"}},{"$nulls":8},4.266]
[null,"999 - PSV ostatné"]
[18,"700","99999-7005   ","Konštrukcie a práce PSV, HZS T5",{"v":15,"d":"15.000"},"hod",null,{"$f":"ROUND(E47*G47, 2)","v":{"v":0,"d":"0.00"}},null,{"$f":"ROUND(H47+I47,2)","v":{"v":0,"d":"0.00"}},{"$nulls":4},20,"                    ",{"$nulls":5},"I",{"v":15,"d":"15.000"},null,null,"45.34.32",null,"A"]
[{"$nulls":3},"\"možné naviac práce a dodávky - dokumentácia pre stavebné povolenie\"  15 =   15,000",{"$nulls":17},"a"]
[19,"700","99999-7006   ","Konštrukcie a práce PSV, HZS T6",{"v":72,"d":"72.000"},"hod",null,{"$f":"ROUND(E49*G49, 2)","v":{"v":0,"d":"0.00"}},null,{"$f":"ROUND(H49+I49,2)","v":{"v":0,"d":"0.00"}},{"$nulls":4},20,"                    ",{"$nulls":5},"I",{"v":72,"d":"72.000"},null,null,"45.34.32",null,"A"]
[{"$nulls":3},"\"vykurovacia skúška \"  3*24 =   72,000",{"$nulls":17},"a"]
[20,"MAT","426 1H5211   ","Zmes nemrznúca propylénglykol REHAU - 350998-900",{"v":20,"d":"20.000"},"l",null,null,{"$f":"ROUND(G51*E51,2)","v":{"v":0,"d":"0.00"}},{"$f":"ROUND(H51+I51,2)","v":{"v":0,"d":"0.00"}},{"$nulls":4},20,"                    ",{"$nulls":5},"D",{"$nulls":3},"29.12.24","350998-900          ",2]
[{"$nulls":3},"999 - PSV ostatné  spolu: ",{"$nulls":3},{"$f":"SUM(H47:H51)","v":{"v":0,"d":"0.00"}},{"$f":"SUM(I47:I51)","v":{"v":0,"d":"0.00"}},{"$f":"SUM(J47:J51)","v":{"v":0,"d":"0.00"}},{"$nulls":12},{"v":87,"d":"87.000"}]
[{"$nulls":3},"PRÁCE A DODÁVKY PSV  spolu: ",{"$nulls":3},{"$f":"SUM(H52+H45+H39+H35+H29+H27)","v":{"v":0,"d":"0.00"}},{"$f":"SUM(I52+I45+I39+I35+I29+I27)","v":{"v":0,"d":"0.00"}},{"$f":"SUM(J52+J45+J39+J35+J29+J27)","v":{"v":0,"d":"0.00"}},null,{"$f":"SUM(L52+L45+L39+L35+L29+L27)","v":0.31279},null,{"$f":"SUM(N52+N45+N39+N35+N29+N27)","v":{"v":0,"d":"0.000"}},{"$nulls":8},103.559]
[null,"PRÁCE A DODÁVKY M"]
[null,"M21 - 155 Elektromontáže"]
[21,921,2199990005,"Elektromontáže - HZS T5",{"v":2,"d":"2.000"},"hod",null,{"$f":"ROUND(E56*G56, 2)","v":{"v":0,"d":"0.00"}},null,{"$f":"ROUND(H56+I56,2)","v":{"v":0,"d":"0.00"}},{"$nulls":4},20]
[22,"MAT","484M0628*0X","Automatický záložný zdroj pre elektrické zariadenia, ako sú  obehové čerpadla Lumar NZ 600 L",{"v":1,"d":"1.000"},"kus",null,null,{"$f":"ROUND(G57*E57,2)","v":{"v":0,"d":"0.00"}},{"$f":"ROUND(H57+I57,2)","v":{"v":0,"d":"0.00"}},{"$nulls":4},20]
[23,"MAT",null,"Akumulátor AKUMA 12V 180Ah D3",{"v":1,"d":"1.000"},"kus",null,null,{"$f":"ROUND(G58*E58,2)","v":{"v":0,"d":"0.00"}},{"$f":"ROUND(H58+I58,2)","v":{"v":0,"d":"0.00"}},{"$nulls":4},20]
[{"$nulls":3},"M21 - 155 Elektromontáže",{"$nulls":3},{"$f":"SUM(H56:H58)","v":{"v":0,"d":"0.00"}},{"$f":"SUM(I56:I58)","v":{"v":0,"d":"0.00"}},{"$f":"SUM(J56:J58)","v":{"v":0,"d":"0.00"}}]
[{"$nulls":3},"PRÁCE A DODÁVKY M",{"$nulls":3},{"$f":"SUM(H59)","v":{"v":0,"d":"0.00"}},{"$f":"SUM(I59)","v":{"v":0,"d":"0.00"}},{"v":0,"d":"0.00"}]
[{"$nulls":3},"Za rozpočet celkom",{"$nulls":3},{"$f":"SUM(H20+H60+H53)","v":{"v":0,"d":"0.00"}},{"$f":"SUM(I20+I60+I53)","v":{"v":0,"d":"0.00"}},{"$f":"SUM(J20+J60+J53)","v":{"v":0,"d":"0.00"}},null,{"$f":"SUM(L20+L60+L53)","v":0.31279},null,{"$f":"SUM(N20+N60+N53)","v":{"v":0,"d":"0.000"}},{"$nulls":8},103.559]

{"sheet":"KL15","index":11,"n_rows":27,"n_cols":30,"rows_kept":27}
[{"$nulls":7},"Krycí list rozpočtu v EUR  ",{"$nulls":17},"V module","Hlavička1","Mena","Hlavička2","Obdobie"]
[null," Stavba : PREVÁDZKOVÁ BUDOVA DŽK - STANICA ČERMEĽ",{"$nulls":4},"Miesto:","DŹK, ČERMEĽ",null,"Rozpočet:",{"$nulls":15},"Rozpočet","Krycí list rozpočtu v","EUR"]
[null," Objekt : 01_Prevádzková budova",{"$nulls":4},"KS :",null,null,"Spracoval:","Ing. Milan GAJDOŠ, stavebný cenár",{"$nulls":14},"Čerpanie","Krycí list splátky v","EUR","za obdobie","Mesiac 2011"]
[null," Časť : Zdravotechnika",{"$nulls":7},"Dňa:","2018-02-27","Zmluva č.:",{"$nulls":13},"VK","Krycí list výrobnej kalkulácie v","EUR"]
[null," Odberateľ:",null,"OZ DŽK, o.z. ",null,null,"04013","KOŠICE",null,"IČO:",{"$f":"'KL14'!K5","v":42241189},"DIČ:",{"$nulls":13},"VF","Krycí list splátky v","EUR","za obdobie","Mesiac 2011"]
[null," Dodávateľ:",null,"vybraný výberovým konaním",{"$nulls":5},"IČO:",null,"DIČ:"]
[null," Projektant:",null,"MGR. ART. TOMÁŠ HAVIAR ",null,null,"03601","MARTIN",null,"IČO:",null,"DIČ:"]
[{"$nulls":5},0,null,null,0,{"$nulls":3},0]
[{"$nulls":5},0,null,null,0,{"$nulls":3},0]
[null,"A"," ZRN","Konštrukcie","Špecifikovaný materiál","Spolu ZRN","B","IN - Individuálne náklady",null,"C","NUS - náklady umiestnenia stavby"]
[null,1," HSV:",{"v":0,"d":"0.00"},{"v":0,"d":"0.00"},{"$f":"SUM(D11:E11)","v":{"v":0,"d":"0.00"}},6," Práce nadčas",{"v":0,"d":"0.00"},11," Zariadenie staveniska",{"v":0.009,"d":"0.90%"},{"$f":"L11*F15","v":{"v":0,"d":"0.00"}}]
[null,2," PSV:",{"$f":"'P15'!H50","v":{"v":0,"d":"0.00"}},{"$f":"'P15'!I50","v":{"v":0,"d":"0.00"}},{"$f":"SUM(D12:E12)","v":{"v":0,"d":"0.00"}},7," Murárske výpomoce",{"v":0,"d":"0.00"},12," Prevádzkové vplyvy",{"v":0,"d":"0.00%"},{"$f":"L12*F15","v":{"v":0,"d":"0.00"}}]
[null,3," MCE:",null,null,{"v":0,"d":"0.00"},8," Bez pevnej podlahy",{"v":0,"d":"0.00"},13," Sťažené podmienky",{"v":0,"d":"0.00%"},{"$f":"L13*F15","v":{"v":0,"d":"0.00"}}]
[null,4,"Iiné:",null,null,{"v":0,"d":"0.00"},9," HZS",{"v":0,"d":"0.00"},14," Vplyv zmien cien vstupov",{"v":0,"d":"0.00%"},{"$f":"L14*F15","v":{"v":0,"d":"0.00"}}]
[null,5," Súčet:",{"$f":"SUM(D11:D14)","v":{"v":0,"d":"0.00"}},{"$f":"SUM(E11:E14)","v":{"v":0,"d":"0.00"}},{"$f":"SUM(F11:F14)","v":{"v":0,"d":"0.00"}},10,"Súčet riadkov 6 až 9: ",{"$f":"SUM(I11:I14)","v":{"v":0,"d":"0.00"}},15,null,"Súčet riadkov 11 až 14: ",{"$f":"SUM(M11:M14)","v":{"v":0,"d":"0.00"}}]
[null,"projektant, rozpočtár, cenár",{"$nulls":4},"dodávateľ, zhotoviteľ",null,null,"D","ON - ostatné náklady"]
[null,null,"dátum:","2018-02-27","podpis:",{"$nulls":4},16," Ostatné náklady uvedené v rozpočte",null,{"v":0,"d":"0.00"}]
[null,null,"pečiatka:",{"$nulls":4},"dátum:",null,17," Inžinierska činnosť",null,{"v":0,"d":"0.00"}]
[{"$nulls":9},18," Projektové práce",null,{"v":0,"d":"0.00"}]
[{"$nulls":7},"podpis:",null,19," Komplet. činnosť",null,{"v":0,"d":"0.00"}]
[{"$nulls":7},"pečiatka:",null,20,null,"Súčet riadkov 16 až 19: ",{"$f":"SUM(M17:M20)","v":{"v":0,"d":"0.00"}}]
[null,"odberateľ, obstarávateľ",{"$nulls":7},"E","Celkové náklady"]
[null,null,"dátum:",null,"podpis:",{"$nulls":4},21,null,"Súčet riadkov 5, 10, 15 a 20: ",{"$f":"SUM(M21+M15+I15+F15)","v":{"v":0,"d":"0.00"}}]
[null,null,"pečiatka:",{"$nulls":6},22," DPH   20% z:",{"$f":"M23","v":{"v":0,"d":"0.00"}},{"$f":"SUM(L24*0.2)","v":{"v":0,"d":"0.00"}}]
[{"$nulls":9},23," DPH    0% z:",{"$f":"M23-L24","v":{"v":0,"d":"0.00"}},{"v":0,"d":"0.00"}]
[{"$nulls":9},24,null,"Súčet riadkov 21 až 23: ",{"$f":"SUM(M23:M25)","v":{"v":0,"d":"0.00"}}]
[{"$nulls":9},"F"," Odpočet - prípočet",null,{"v":0,"d":"0 "}]

{"sheet":"P15","index":12,"n_rows":51,"n_cols":30,"rows_kept":51}
["Odberateľ:  OZ DŽK, o.z. ",{"$nulls":7},"Spracoval: Ing. Milan GAJDOŠ, stavebný cenár       ",{"$nulls":16},"V module","Hlavička1","Mena","Hlavička2","Obdobie"]
["Projektant: MGR. ART. TOMÁŠ HAVIAR ",{"$nulls":7},"JKSO : ",{"$nulls":16},"Rozpočet","Prehľad rozpočtových nákladov v","EUR"]
["Dodávateľ: ",{"$nulls":7},"Dátum: 16.03.2018",{"$nulls":16},"Čerpanie","Súpis vykonaných prác a dodávok v","EUR","za obdobie","Mesiac 2011"]
[{"$nulls":25},"VK","Prehľad kalkulovaných nákladov v","EUR"]
["Stavba : PREVÁDZKOVÁ BUDOVA DŽK - STANICA ĎERMEĽ",{"$nulls":24},"VF","Súpis vykonaných prác a dodávok v","EUR","za obdobie","Mesiac 2011"]
["Objekt : 01_Prevádzková budova"]
["Časť : Zdravotechnika"]
[{"$nulls":3},"Prehľad rozpočtových nákladov v EUR  "]
["P.","Kód","Kód položky","Popis položky, stavebného dielu, remesla,","Množstvo","Mer.","Jednotková","Konštrukcie","Špecifikovaný","Spolu","Hmotnosť v tonách",null,"Suť v tonách",null,"DPH","Pozícia","Množstvo","Množstvo","Množstvo","Vyňatý","Vysoká sadzba","Typ","Nh","X","Y","Klasifikácia","Katalógové","Typ"]
["č.:","cen.",null,"výkaz-výmer","výmera","jedn.","cena",null,"materiál",null,"Jednotk.","Spolu","Jednotk.","Spolu","%",null,"rozpočtované","od začiatku","dodatok","z režimu stavba","DPH ( materiál )","položky",{"$nulls":3},"produkcie","číslo","Ceny"]
[]
[null,"PRÁCE A DODÁVKY PSV"]
[null,"721 - Vnútorná kanalizácia"]
[7,"721","72117-1109   ","Potrubie kanal. z PVC-U rúr hrdlových odpadné D 110x2,2",{"v":4,"d":"4.000"},"m",null,{"$f":"ROUND(E14*G14, 2)","v":{"v":0,"d":"0.00"}},null,{"$f":"ROUND(H14+I14,2)","v":{"v":0,"d":"0.00"}},0.00203,{"$f":"ROUND(K14*E14,5)","v":{"v":0.00812,"d":"0.0081"}},null,null,20,"                    ",{"$nulls":5},"I",3.368,null,null,"45.33.20",null,"B"]
[{"$nulls":3},"\"vyvedenie stúpačiek na strechu\" 2*2,000 =   4,000",{"$nulls":17},"a"]
[8,"721","72122-6121   ","Zápachová uzávierka sprchových vaní s guľovým kĺbom na odtoku DN 40/50",{"v":1,"d":"1.000"},"kus",null,{"$f":"ROUND(E16*G16, 2)","v":{"v":0,"d":"0.00"}},null,{"$f":"ROUND(H16+I16,2)","v":{"v":0,"d":"0.00"}},0.00075,{"$f":"ROUND(K16*E16,5)","v":{"v":0.00075,"d":"0.0008"}},null,null,20,"                    ",{"$nulls":5},"I",0.124,null,null,"45.33.20",null,"A"]
[{"$nulls":3},"\"sprcha\"  1 =   1,000"]
[9,"721","72127-3145   ","Ventilačné hlavice novodurové pr. 110/600",{"v":2,"d":"2.000"},"kus",null,{"$f":"ROUND(E18*G18, 2)","v":{"v":0,"d":"0.00"}},null,{"$f":"ROUND(H18+I18,2)","v":{"v":0,"d":"0.00"}},0.00471,{"$f":"ROUND(K18*E18,5)","v":{"v":0.00942,"d":"0.0094"}},null,null,20]
[10,"721","99872-1201   ","Presun hmôt pre vnút. kanalizáciu v objektoch výšky do 6 m",{"$f":"SUM(J14:J18)/100","v":{"v":0,"d":"0.000"}},"%",null,{"$f":"ROUND(E19*G19, 2)","v":{"v":0,"d":"0.00"}},null,{"$f":"ROUND(H19+I19,2)","v":{"v":0,"d":"0.00"}},{"$nulls":4},20,"                    ",{"$nulls":5},"I",{"$nulls":3},"45.33.30",null,"A"]
[{"$nulls":3},"721 - Vnútorná kanalizácia  spolu: ",{"$nulls":3},{"$f":"SUM(H14:H19)","v":{"v":0,"d":"0.00"}},{"$f":"SUM(I14:I19)","v":{"v":0,"d":"0.00"}},{"v":0,"d":"0.00"},null,{"$f":"SUM(L14:L19)","v":0.01829},null,{"$f":"SUM(N14:N19)","v":{"v":0,"d":"0.00"}},{"$nulls":8},3.492]
[null,"725 - Zariaďovacie predmety"]
[11,"721","72511-2021   ","Zách. misa závesná s hlbokým splachovaním odpad vodorovný",{"v":2,"d":"2.000"},"súbor",null,{"$f":"ROUND(E22*G22, 2)","v":{"v":0,"d":"0.00"}},null,{"$f":"ROUND(H22+I22,2)","v":{"v":0,"d":"0.00"}},0.00039,{"$f":"ROUND(K22*E22,5)","v":{"v":0.00078,"d":"0.0008"}},null,null,20,"                    ",{"$nulls":5},"I",{"v":3.3,"d":"3.300"},null,null,"  .  .  ",null,"A"]
[12,"721","72511-6241   ","Montáž predstenového systému záchodov do ľahkých stien s kovovou konštrukciou",{"v":2,"d":"2.000"},"súbor",null,{"$f":"ROUND(E23*G23, 2)","v":{"v":0,"d":"0.00"}},null,{"v":0,"d":"0.00"},{"$nulls":4},20,"                    ",{"$nulls":5},"I",6.783,null,null,"  .  .  ",null,"A"]
[13,"MAT","642 3GE0021  "," WC závesné",{"v":2,"d":"2.000"},"kus",null,null,{"$f":"ROUND(G24*E24,2)","v":{"v":0,"d":"0.00"}},{"v":0,"d":"0.00"},{"$nulls":4},20,"                    ",{"$nulls":5},"D",{"$nulls":3},"28.75.11","111.510.00.1        ",2]
[14,"721","72521-1603   ","Umývadlo keram pripev. na stenu skrutk biele bez krytu na sifón 600mmm",{"v":3,"d":"3.000"},"súbor",null,{"$f":"ROUND(E25*G25, 2)","v":{"v":0,"d":"0.00"}},null,{"v":0,"d":"0.00"},{"v":1.07E-3,"d":"0.00107"},{"$f":"ROUND(K25*E25,5)","v":{"v":0.00321,"d":"0.0032"}},null,null,20,"                    ",{"$nulls":5},"I",{"v":3.3,"d":"3.300"},null,null,"  .  .  ",null,"A"]
[15,"721","72531-2111   ","Montáž drezov ostatných rozmerov a typov",{"v":1,"d":"1.000"},"súbor",null,{"$f":"ROUND(E26*G26, 2)","v":{"v":0,"d":"0.00"}},null,{"$f":"ROUND(H26+I26,2)","v":{"v":0,"d":"0.00"}},{"v":9e-05,"d":"0.00009"},{"v":9e-05,"d":"0.00009"},null,null,20,"                    ",{"$nulls":5},"I",{"v":0.85,"d":"0.850"},null,null,"  .  .  ",null,"A"]
[16,"MAT","552 3B2001   ","Drez kuchynský  86x50 cm",{"v":1,"d":"1.000"},"kus",null,null,{"$f":"ROUND(G27*E27,2)","v":{"v":0,"d":"0.00"}},{"v":0,"d":"0.00"},{"$nulls":4},20,"                    ",{"$nulls":5},"D",{"$nulls":3},"26.22.10","T 1029              ",2]
[17,"721","72553-9001   ","Montáž zásobník elektr. prepadový s batériou do 10L",{"v":2,"d":"2.000"},"súbor",null,{"$f":"ROUND(E28*G28, 2)","v":{"v":0,"d":"0.00"}},null,{"v":0,"d":"0.00"},0.00024,{"$f":"ROUND(K28*E28,5)","v":{"v":0.00048,"d":"0.0005"}},null,null,20,"                    ",{"$nulls":5},"I",2.028,null,null,"45.33.20",null,"A"]
[{"$nulls":3},"\"prietokový ohrievač P01, P02,\"  2=   2000",{"$nulls":17},"a"]
[18,"MAT","920 HKMK101  ","Ohrievač prietokový HAKL MK1 4,5 kW",{"v":1,"d":"1.000"},"kus",null,null,{"$f":"ROUND(G30*E30,2)","v":{"v":0,"d":"0.00"}},{"$f":"ROUND(H30+I30,2)","v":{"v":0,"d":"0.00"}},{"$nulls":4},20,"                    ",{"$nulls":5},"D",{"$nulls":3},"  .  .  ","06300079            ",2]
[19,"MAT","920 HKMK102  ","Ohrievač prietokový HAKL MK2 7 kW",{"v":1,"d":"1.000"},"kus",null,null,{"v":0,"d":"0.00"},{"v":0,"d":"0.00"},{"$nulls":4},20,"                    ",{"$nulls":5},"D",{"$nulls":3},"  .  .  ","06300079            ",2]
[20,"721","72582-9601   ","Montáž batérie umývadlovej jednopákovej do 1 otvoru",{"v":3,"d":"3.000"},"kus",null,{"$f":"ROUND(E32*G32, 2)","v":{"v":0,"d":"0.00"}},null,{"$f":"ROUND(H32+I32,2)","v":{"v":0,"d":"0.00"}},{"$nulls":4},20,"                    ",{"$nulls":5},"I",2.055,null,null,"45.33.20",null,"A"]
[21,"MAT","551 440025   ","Batéria umývadlová jednopáková do 1 otvoru  1/2\"",{"v":3,"d":"3.000"},"kus",null,null,{"$f":"ROUND(G33*E33,2)","v":{"v":0,"d":"0.00"}},{"v":0,"d":"0.00"},{"v":1.8E-3,"d":"0.00180"},{"$f":"ROUND(K33*E33,5)","v":0.0054},null,null,20,"                    ",{"$nulls":5},"D",{"$nulls":3},"29.13.12","                    ",2]
[22,"721","72582-9802   ","Montáž batérie drezovej 1-pákovej do 1 otvoru",{"v":1,"d":"1.000"},"kus",null,{"$f":"ROUND(E34*G34, 2)","v":{"v":0,"d":"0.00"}},null,{"v":0,"d":"0.00"},{"$nulls":4},20,"                    ",{"$nulls":5},"I",0.685,null,null,"45.33.20",null,"A"]
[23,"MAT","551 431740   ","Batéria drezová jednopáková do 1 otvoru ",{"v":1,"d":"1.000"},"kus",null,null,{"$f":"ROUND(G35*E35,2)","v":{"v":0,"d":"0.00"}},{"v":0,"d":"0.00"},{"v":1.33E-3,"d":"0.00133"},{"v":1.33E-3,"d":"0.00133"},null,null,20,"                    ",{"$nulls":5},"D",{"$nulls":3},"29.13.12","                    ",2]
[24,"721","72584-0200   ","Batéria sprchová nástenná G 1/2 štandardná kvalita",{"v":1,"d":"1.000"},"súbor",null,{"$f":"ROUND(E36*G36, 2)","v":{"v":0,"d":"0.00"}},null,{"v":0,"d":"0.00"},0.00312,{"$f":"ROUND(K36*E36,5)","v":{"v":0.00312,"d":"0.0031"}},null,null,20,"                    ",{"$nulls":5},"I",0.587,null,null,"45.33.20",null,"B"]
[25,"721","99872-5201   ","Presun hmôt pre zariaď. predmety v objektoch výšky do 6 m",{"$f":"SUM(J22:J36)/100","v":{"v":0,"d":"0.000"}},"%",null,{"$f":"ROUND(E37*G37, 2)","v":{"v":0,"d":"0.00"}},null,{"v":0,"d":"0.00"},{"$nulls":4},20,"                    ",{"$nulls":5},"I",{"$nulls":3},"45.33.30",null,"A"]
[{"$nulls":3},"725 - Zariaďovacie predmety  spolu: ",{"$nulls":3},{"$f":"SUM(H22:H37)","v":{"v":0,"d":"0.00"}},{"$f":"SUM(I22:I37)","v":{"v":0,"d":"0.00"}},{"$f":"SUM(J22:J37)","v":{"v":0,"d":"0.00"}},null,{"$f":"SUM(L22:L37)","v":0.01441},null,{"$f":"SUM(N28:N37)","v":{"v":0,"d":"0.000"}},{"$nulls":8},{"v":22.137999999999995,"d":"22.138"}]
[null,"766 - Konštrukcie stolárske"]
[26,"766","76681-2112   ","Montáž kuchynských liniek drev. na stenu dl. do 150cm",{"v":1,"d":"1.000"},"kus",null,{"$f":"ROUND(E40*G40, 2)","v":{"v":0,"d":"0.00"}},null,{"$f":"ROUND(H40+I40,2)","v":{"v":0,"d":"0.00"}},{"$nulls":4},20,"                    ",{"$nulls":5},"I",5.034,null,null,"45.42.13",null,"A"]
[27,"MAT","615 684230   ","Doska pracovná 1200x600x32mm",{"v":1,"d":"1.000"},"kus",null,null,{"$f":"ROUND(G41*E41,2)","v":{"v":0,"d":"0.00"}},{"$f":"ROUND(H41+I41,2)","v":{"v":0,"d":"0.00"}},{"v":0.0264,"d":"0.02640"},{"$f":"ROUND(K41*E41,5)","v":0.0264},null,null,20,"                    ",{"$nulls":5},"D",{"$nulls":3},"36.14.15","                    ",2]
[28,"MAT","615 8161*1   ","Súbor kuchynský  S 120 cm",{"v":1,"d":"1.000"},"kus",null,null,{"$f":"ROUND(G42*E42,2)","v":{"v":0,"d":"0.00"}},{"v":0,"d":"0.00"},{"v":0.118,"d":"0.11800"},{"$f":"ROUND(K42*E42,5)","v":{"v":0.118,"d":"0.1180"}},null,null,20,"                    ",{"$nulls":5},"D",{"$nulls":3},"36.13.10","                    ",2]
[29,"766","99876-6201   ","Presun hmôt pre konštr. stolárske v objektoch výšky do 6 m",{"$f":"SUM(J40:J42)/100","v":{"v":0,"d":"0.000"}},"%",null,{"$f":"ROUND(E43*G43, 2)","v":{"v":0,"d":"0.00"}},null,{"$f":"ROUND(H43+I43,2)","v":{"v":0,"d":"0.00"}},{"$nulls":4},20,"                    ",{"$nulls":5},"I",{"$nulls":3},"45.42.13",null,"A"]
[{"$nulls":3},"766 - Konštrukcie stolárske  spolu: ",{"$nulls":3},{"$f":"SUM(H40:H43)","v":{"v":0,"d":"0.00"}},{"$f":"SUM(I40:I43)","v":{"v":0,"d":"0.00"}},{"$f":"SUM(J40:J43)","v":{"v":0,"d":"0.00"}},null,{"$f":"SUM(L41:L43)","v":{"v":0.1444,"d":"0.14440"}},null,{"v":0,"d":"0.000"},{"$nulls":8},5.034]
[null,"999 - PSV ostatné"]
[30,"700","99999-7005   ","Konštrukcie a práce PSV, HZS T5",{"v":15,"d":"15.000"},"hod",null,{"$f":"ROUND(E46*G46, 2)","v":{"v":0,"d":"0.00"}},null,{"$f":"ROUND(H46+I46,2)","v":{"v":0,"d":"0.00"}},{"$nulls":4},20,"                    ",{"$nulls":5},"I",{"v":15,"d":"15.000"},null,null,"45.34.32",null,"A"]
[{"$nulls":3},"\"práce neobsiahnuté v projektovej dokumentácii pre stavebné povolenie\"  15 =   15,000",{"$nulls":17},"a"]
[31,"MAT","5421A0500   ","Sušič rúk elektr.",{"v":2,"d":"2.000"},{"$nulls":3},{"$f":"ROUND(G48*E48,2)","v":{"v":0,"d":"0.00"}},{"$f":"ROUND(H48+I48,2)","v":{"v":0,"d":"0.00"}}]
[{"$nulls":3},"999 - PSV ostatné  spolu: ",{"$nulls":3},{"$f":"SUM(H46:H47)","v":{"v":0,"d":"0.00"}},{"$f":"SUM(I48)","v":{"v":0,"d":"0.00"}},{"$f":"SUM(J48+J46)","v":{"v":0,"d":"0.00"}},{"$nulls":12},{"v":15,"d":"15.000"}]
[{"$nulls":3},"PRÁCE A DODÁVKY PSV  spolu: ",{"$nulls":3},{"$f":"SUM(H49+H38+H44+H20)","v":{"v":0,"d":"0.00"}},{"$f":"SUM(I49+I38+I44+I20)","v":{"v":0,"d":"0.00"}},{"v":0,"d":"0.00"},null,{"$f":"SUM(L49+L38+L44+L20)","v":{"v":0.1771,"d":"0.17710"}},null,{"$f":"SUM(N49+N38+N44+N20)","v":{"v":0,"d":"0.000"}},{"$nulls":8},{"v":40.629999999999995,"d":"40.630"}]
[{"$nulls":3},"Za rozpočet celkom",{"$nulls":3},{"$f":"H50","v":{"v":0,"d":"0.00"}},{"$f":"I50","v":{"v":0,"d":"0.00"}},{"$f":"J50","v":{"v":0,"d":"0.00"}},null,{"$f":"L50","v":{"v":0.1771,"d":"0.17710"}},null,{"$f":"N50","v":{"v":0,"d":"0.000"}},{"$nulls":8},{"v":40.629999999999995,"d":"40.630"}]

{"sheet":"KL16","index":13,"n_rows":27,"n_cols":30,"rows_kept":27}
[{"$nulls":7},"Krycí list rozpočtu v EUR  ",{"$nulls":17},"V module","Hlavička1","Mena","Hlavička2","Obdobie"]
[null," Stavba : PREVÁDZKOVÁ BUDOVA DŽK - STANICA ČERMEĽ",{"$nulls":4},"Miesto:","DŹK, ČERMEĽ",null,"Rozpočet:",{"$nulls":15},"Rozpočet","Krycí list rozpočtu v","EUR"]
[null," Objekt : 01_Prevádzková budova",{"$nulls":4},"KS :",null,null,"Spracoval:","Ing. Milan GAJDOŠ, stavebný cenár",{"$nulls":14},"Čerpanie","Krycí list splátky v","EUR","za obdobie","Mesiac 2011"]
[null," Časť : 16 Zabezpečovacie zariadenie",{"$nulls":7},"Dňa:","2018-02-27","Zmluva č.:",{"$nulls":13},"VK","Krycí list výrobnej kalkulácie v","EUR"]
[null," Odberateľ:",null,"OZ DŽK, o.z. ",null,null,"04013","KOŠICE",null,"IČO:",{"$f":"'KL15'!K5","v":42241189},"DIČ:",{"$nulls":13},"VF","Krycí list splátky v","EUR","za obdobie","Mesiac 2011"]
[null," Dodávateľ:",null,"vybraný výberovým konaním",{"$nulls":5},"IČO:",null,"DIČ:"]
[null," Projektant:",null,"MGR. ART. TOMÁŠ HAVIAR ",null,null,"03601","MARTIN",null,"IČO:",null,"DIČ:"]
[{"$nulls":5},0,null,null,0,{"$nulls":3},0]
[{"$nulls":5},0,null,null,0,{"$nulls":3},0]
[null,"A"," ZRN","Konštrukcie","Špecifikovaný materiál","Spolu ZRN","B","IN - Individuálne náklady",null,"C","NUS - náklady umiestnenia stavby"]
[null,1," HSV:",null,null,{"$f":"SUM(D11:E11)","v":{"v":0,"d":"0.00"}},6," Práce nadčas",{"v":0,"d":"0.00"},11," Zariadenie staveniska",{"v":0.009,"d":"0.90%"},{"$f":"L11*F15","v":{"v":0,"d":"0.00"}}]
[null,2," PSV:",null,null,{"$f":"SUM(D12:E12)","v":{"v":0,"d":"0.00"}},7," Murárske výpomoce",{"v":0,"d":"0.00"},12," Prevádzkové vplyvy",{"v":0,"d":"0.00%"},{"$f":"L12*F15","v":{"v":0,"d":"0.00"}}]
[null,3," MCE:",{"$f":"'P16'!H45","v":{"v":0,"d":"0.00"}},{"$f":"'P16'!I45","v":{"v":0,"d":"0.00"}},{"$f":"SUM(D13:E13)","v":{"v":0,"d":"0.00"}},8," Bez pevnej podlahy",{"v":0,"d":"0.00"},13," Sťažené podmienky",{"v":0,"d":"0.00%"},{"$f":"L13*F15","v":{"v":0,"d":"0.00"}}]
[null,4,"Iiné:",null,null,{"v":0,"d":"0.00"},9," HZS",{"v":0,"d":"0.00"},14," Vplyv zmien cien vstupov",{"v":0,"d":"0.00%"},{"$f":"L14*F15","v":{"v":0,"d":"0.00"}}]
[null,5," Súčet:",{"$f":"SUM(D11:D14)","v":{"v":0,"d":"0.00"}},{"$f":"SUM(E11:E14)","v":{"v":0,"d":"0.00"}},{"$f":"SUM(F11:F14)","v":{"v":0,"d":"0.00"}},10,"Súčet riadkov 6 až 9: ",{"$f":"SUM(I11:I14)","v":{"v":0,"d":"0.00"}},15,null,"Súčet riadkov 11 až 14: ",{"$f":"SUM(M11:M14)","v":{"v":0,"d":"0.00"}}]
[null,"projektant, rozpočtár, cenár",{"$nulls":4},"dodávateľ, zhotoviteľ",null,null,"D","ON - ostatné náklady"]
[null,null,"dátum:","2018-02-27","podpis:",{"$nulls":4},16," Ostatné náklady uvedené v rozpočte",null,{"v":0,"d":"0.00"}]
[null,null,"pečiatka:",{"$nulls":4},"dátum:",null,17," Inžinierska činnosť",null,{"v":0,"d":"0.00"}]
[{"$nulls":9},18," Projektové práce",null,{"v":0,"d":"0.00"}]
[{"$nulls":7},"podpis:",null,19," Komplet. činnosť",null,{"v":0,"d":"0.00"}]
[{"$nulls":7},"pečiatka:",null,20,null,"Súčet riadkov 16 až 19: ",{"$f":"SUM(M17:M20)","v":{"v":0,"d":"0.00"}}]
[null,"odberateľ, obstarávateľ",{"$nulls":7},"E","Celkové náklady"]
[null,null,"dátum:",null,"podpis:",{"$nulls":4},21,null,"Súčet riadkov 5, 10, 15 a 20: ",{"$f":"SUM(M21+M15+I15+F15)","v":{"v":0,"d":"0.00"}}]
[null,null,"pečiatka:",{"$nulls":6},22," DPH   20% z:",{"$f":"M23","v":{"v":0,"d":"0.00"}},{"$f":"SUM(L24*0.2)","v":{"v":0,"d":"0.00"}}]
[{"$nulls":9},23," DPH    0% z:",{"$f":"M23-L24","v":{"v":0,"d":"0.00"}},{"v":0,"d":"0.00"}]
[{"$nulls":9},24,null,"Súčet riadkov 21 až 23: ",{"$f":"SUM(M23:M25)","v":{"v":0,"d":"0.00"}}]
[{"$nulls":9},"F"," Odpočet - prípočet",null,{"v":0,"d":"0 "}]

{"sheet":"P16","index":14,"n_rows":45,"n_cols":30,"rows_kept":45}
["Odberateľ: ",null,"OZ DŽK, o.z. ",{"$nulls":5},"Spracoval: Ing. Milan GAJDOŠ, stavebný cenár       ",{"$nulls":16},"V module","Hlavička1","Mena","Hlavička2","Obdobie"]
["Projektant: MGR. ART. TOMÁŠ HAVIAR MGR. ART. TOMÁŠ HAVIAR ",{"$nulls":7},"JKSO : ",{"$nulls":16},"Rozpočet","Prehľad rozpočtových nákladov v","EUR"]
["Dodávateľ: ",{"$nulls":7},"Dátum: 27.02.2018",{"$nulls":16},"Čerpanie","Súpis vykonaných prác a dodávok v","EUR","za obdobie","Mesiac 2011"]
[{"$nulls":25},"VK","Prehľad kalkulovaných nákladov v","EUR"]
["Stavba : PREVÁDZKOVÁ BUDOVA DŽK - STANICA ĎERMEĽ",{"$nulls":24},"VF","Súpis vykonaných prác a dodávok v","EUR","za obdobie","Mesiac 2011"]
["Objekt : 01_Prevádzková budova"]
["Časť : Zabezpečovacie zariadenie"]
[{"$nulls":3},"Prehľad rozpočtových nákladov v EUR  "]
["P.","Kód","Kód položky","Popis položky, stavebného dielu, remesla,","Množstvo","Mer.","Jednotková","Konštrukcie","Špecifikovaný","Spolu","Hmotnosť v tonách",null,"Suť v tonách",null,"DPH","Pozícia","Množstvo","Množstvo","Množstvo","Vyňatý","Vysoká sadzba","Typ","Nh","X","Y","Klasifikácia","Katalógové","Typ"]
["č.:","cen.",null,"výkaz-výmer","výmera","jed.","cena",null,"materiál",null,"Jednotková","Spolu","Jednotková","Spolu","%",null,"rozpočtované","od začiatku","dodatok","z režimu stavba","DPH ( materiál )","položky",{"$nulls":3},"produkcie","číslo","Ceny"]
[]
[null,"PRÁCE A DODÁVKY M"]
[null,"M22 - 156 Montáž oznamovacích, signalizačných a zabezpečovacích zariadení    "]
[null,"Zabezpečovací systém"]
[1,"922","22027-0012   ","Montáž, vodič Up 3x0,5 uložený pod omietku",{"v":100,"d":"100.000"},"m",null,{"$f":"ROUND(E15*G15,2)","v":{"v":0,"d":"0.00"}},null,{"$f":"ROUND(I15+H15,2)","v":{"v":0,"d":"0.00"}}]
[2,"MAT","341 810M005  ","Kábel na prenos dát CAT3 : PCEHY 100 1x2x0,5",{"v":100,"d":"100.000"},"m",null,null,{"$f":"ROUND(G16*E16,2)","v":{"v":0,"d":"0.00"}},{"$f":"ROUND(I16+H16,2)","v":{"v":0,"d":"0.00"}}]
[3,"922","2200 -       ","Montáž zabezpečovacieho zariadenia",{"v":1,"d":"1.000"},"kompl",null,{"$f":"ROUND(E17*G17,2)","v":{"v":0,"d":"0.00"}},null,{"$f":"ROUND(I17+H17,2)","v":{"v":0,"d":"0.00"}},{"$nulls":4},20]
[4,"MAT","382 **00001  ","Paradox SPECTRA SP5500 5(10) zónová ústredňa",{"v":1,"d":"1.000"},"kpl",null,null,{"$f":"ROUND(G18*E18,2)","v":{"v":0,"d":"0.00"}},{"$f":"ROUND(I18+H18,2)","v":{"v":0,"d":"0.00"}},{"$nulls":4},20]
[{"$nulls":3},"\"Set obsahuje:\"  1 =   1,000"]
[{"$nulls":3},"\"Paradox SPECTRA SP5500 5(10) zónová ústredňa \""]
[{"$nulls":3},"\"1 ks klávesnica LCD TM50\""]
[{"$nulls":3},"\"kovová skrinka \""]
[{"$nulls":3},"napájací zdroj"]
[{"$nulls":3},"\"10ks PIR pohybové čidlo Paradox 476 alebo AMC SMILE 19/P- PIR PET  \""]
[{"$nulls":3},"\"GSM modul PCS250G\""]
[{"$nulls":3},"\"externá siréna SP 5010R \""]
[{"$nulls":3},"\"akumulátor 12V 7,2Ah.\""]
[5,"MAT","382 **00099","Čidlo",{"v":6,"d":"6.000"},"ks",null,null,{"$f":"ROUND(G28*E28,2)","v":{"v":0,"d":"0.00"}},{"$f":"ROUND(I28+H28,2)","v":{"v":0,"d":"0.00"}},{"$nulls":4},20]
[6,"MAT","382 **00020  ","Klávesnica LCD TM50",{"v":2,"d":"2.000"},"kpl",null,null,{"$f":"ROUND(G29*E29,2)","v":{"v":0,"d":"0.00"}},{"$f":"ROUND(I29+H29,2)","v":{"v":0,"d":"0.00"}},{"$nulls":4},20]
[7,"MAT","374 9223A07  ","Siréna : SR150, rádiová, vonkajšia pre MAGELLAN, MG a SPECTRA SP",{"v":1,"d":"1.000"},"kus",null,null,{"$f":"ROUND(G30*E30,2)","v":{"v":0,"d":"0.00"}},{"$f":"ROUND(I30+H30,2)","v":{"v":0,"d":"0.00"}}]
[8,"948","48000-0001","Revízia",{"v":1,"d":"1.000"},"kpl",null,{"$f":"ROUND(E31*G31,2)","v":{"v":0,"d":"0.00"}},null,{"$f":"ROUND(I31+H31,2)","v":{"v":0,"d":"0.00"}}]
[{"$nulls":3},"Zabezpečovací systém",{"$nulls":3},{"$f":"SUM(H15:H31)","v":{"v":0,"d":"0.00"}},{"$f":"SUM(I15:I31)","v":{"v":0,"d":"0.00"}},{"$f":"SUM(J15:J31)","v":{"v":0,"d":"0.00"}}]
[null,"Kamerový systém"]
[9,"921","21080-3511   ","Montáž, kábel koaxiálny uložený pevne VCEOY 50-1,5",{"v":100,"d":"100.000"},"m",null,{"$f":"ROUND(E34*G34,2)","v":{"v":0,"d":"0.00"}},null,{"$f":"ROUND(I34+H34,2)","v":{"v":0,"d":"0.00"}},0.00203,{"v":0.203,"d":"0.20300"},null,null,20,"                    ",{"$nulls":5},"M",{"v":7.9,"d":"7.900"},null,null,"45.31.1*",null,"A"]
[10,"MAT","341 802M010  ","Kábel koaxiálny VCCKY 75-3,7",{"v":100,"d":"100.000"},"m",null,null,{"$f":"ROUND(G35*E35,2)","v":{"v":0,"d":"0.00"}},{"v":0,"d":"0.00"},{"$nulls":4},20,"                    ",{"$nulls":5},"D",{"$nulls":3},"31.30.12","VCCKY 75-3,7        ",2]
[11,"922","22027-0012   ","Montáž, vodič Up 3x0,5 uložený pod omietku",{"v":100,"d":"100.000"},"m",null,{"$f":"ROUND(E36*G36,2)","v":{"v":0,"d":"0.00"}},null,{"v":0,"d":"0.00"}]
[12,"MAT","341 810M005  ","Kábel na prenos dát CAT3 : PCEHY 100 1x2x0,5",{"v":100,"d":"100.000"},"m",null,null,{"$f":"ROUND(G37*E37,2)","v":{"v":0,"d":"0.00"}},{"v":0,"d":"0.00"}]
[13,"922","22032-0706   ","Montáž kamery",{"v":8,"d":"8.000"},"kus",null,{"$f":"ROUND(E38*G38,2)","v":{"v":0,"d":"0.00"}},null,{"v":0,"d":"0.00"}]
[14,"MAT","374 92J0272  ","GSM kamera s rýchlým 3G prenosom dát;",{"v":8,"d":"8.000"},"kus",null,null,{"$f":"ROUND(G39*E39,2)","v":{"v":0,"d":"0.00"}},{"v":0,"d":"0.00"}]
[15,"MAT","405 M000DVR  ","Nahrávač DVR",{"v":1,"d":"1.000"},"kus",null,null,{"$f":"ROUND(G40*E40,2)","v":{"v":0,"d":"0.00"}},{"v":0,"d":"0.00"}]
[16,"MAT",310040,"Legrand UPS KEOR MP 600VA, off-line, 600VA / 360W , FR, USB komunikacia",{"v":1,"d":"1.000"},"kpl",null,null,{"$f":"ROUND(G41*E41,2)","v":{"v":0,"d":"0.00"}},{"v":0,"d":"0.00"}]
[17,"948","48000-0001","Revízia",{"v":1,"d":"1.000"},"kpl",null,{"$f":"ROUND(E42*G42,2)","v":{"v":0,"d":"0.00"}},null,{"v":0,"d":"0.00"}]
[{"$nulls":3},"Kamerový systém",{"$nulls":3},{"$f":"SUM(H36:H42)","v":{"v":0,"d":"0.00"}},{"$f":"SUM(I36:I42)","v":{"v":0,"d":"0.00"}},{"$f":"SUM(J36:J42)","v":{"v":0,"d":"0.00"}}]
[{"$nulls":3},"M22 - 156 Montáž oznamovacích, signalizačných a zabezpečovacích zariadení    ",{"$nulls":3},{"$f":"SUM(H43+H32)","v":{"v":0,"d":"0.00"}},{"$f":"SUM(I43+I32)","v":{"v":0,"d":"0.00"}},{"$f":"SUM(J43+J32)","v":{"v":0,"d":"0.00"}}]
[{"$nulls":3},"PRÁCE A DODÁVKY M",{"$nulls":3},{"$f":"SUM(H44)","v":{"v":0,"d":"0.00"}},{"$f":"SUM(I44)","v":{"v":0,"d":"0.00"}},{"$f":"SUM(J44)","v":{"v":0,"d":"0.00"}}]

{"sheet":"KL2","index":15,"n_rows":27,"n_cols":30,"rows_kept":27}
[{"$nulls":7},"Krycí list rozpočtu v EUR  ",{"$nulls":17},"V module","Hlavička1","Mena","Hlavička2","Obdobie"]
[null," Stavba : PREVÁDZKOVÁ BUDOVA DŽK - STANICA ČERMEĽ",{"$nulls":4},"Miesto:","DŽK, ČERMEĽ",null,"Rozpočet:",{"$nulls":15},"Rozpočet","Krycí list rozpočtu v","EUR"]
[null," Objekt : 02_Splášková kanalizácia",{"$nulls":4},"KS :",null,null,"Spracoval:","Ing. Milan GAJDOŠ, stavebný cenár",{"$nulls":14},"Čerpanie","Krycí list splátky v","EUR","za obdobie","Mesiac 2011"]
[null," Časť : ",{"$nulls":7},"Dňa:","2018-02-27","Zmluva č.:",{"$nulls":13},"VK","Krycí list výrobnej kalkulácie v","EUR"]
[null," Odberateľ:",null,"OZ DŽK, o.z. ",null,null,"04013","KOŠICE",null,"IČO:",{"$f":"'KL16'!K5","v":42241189},"DIČ:",{"$nulls":13},"VF","Krycí list splátky v","EUR","za obdobie","Mesiac 2011"]
[null," Dodávateľ:",null,"vybraný výberovým konaním",{"$nulls":5},"IČO:",null,"DIČ:"]
[null," Projektant:",null,"MGR. ART. TOMÁŠ HAVIAR ",null,null,"03601","MARTIN",null,"IČO:",null,"DIČ:"]
[{"$nulls":5},0,null,null,0,{"$nulls":3},0]
[{"$nulls":5},0,null,null,0,{"$nulls":3},0]
[null,"A"," ZRN","Konštrukcie","Špecifikovaný materiál","Spolu ZRN","B","IN - Individuálne náklady",null,"C","NUS - náklady umiestnenia stavby"]
[null,1," HSV:",{"$f":"'P2'!H105","v":{"v":0,"d":"0.00"}},{"$f":"'P2'!I101","v":{"v":0,"d":"0.00"}},{"$f":"SUM(D11:E11)","v":{"v":0,"d":"0.00"}},6," Práce nadčas",{"v":0,"d":"0.00"},11," Zariadenie staveniska",{"v":0.02,"d":"2.00%"},{"$f":"L11*F15","v":{"v":0,"d":"0.00"}}]
[null,2," PSV:",null,null,{"$f":"SUM(D12:E12)","v":{"v":0,"d":"0.00"}},7," Murárske výpomoce",{"v":0,"d":"0.00"},12," Prevádzkové vplyvy",{"v":0,"d":"0.00%"},{"$f":"L12*F15","v":{"v":0,"d":"0.00"}}]
[null,3," MCE:",{"v":0,"d":"0.00"},null,{"$f":"SUM(D13:E13)","v":{"v":0,"d":"0.00"}},8," Bez pevnej podlahy",{"v":0,"d":"0.00"},13," Sťažené podmienky",{"v":0,"d":"0.00%"},{"$f":"L13*F15","v":{"v":0,"d":"0.00"}}]
[null,4,"Iiné:",null,null,{"v":0,"d":"0.00"},9," HZS",{"v":0,"d":"0.00"},14," Vplyv zmien cien vstupov",{"v":0,"d":"0.00%"},{"$f":"L14*F15","v":{"v":0,"d":"0.00"}}]
[null,5," Súčet:",{"$f":"SUM(D11:D14)","v":{"v":0,"d":"0.00"}},{"$f":"SUM(E11:E14)","v":{"v":0,"d":"0.00"}},{"$f":"SUM(F11:F14)","v":{"v":0,"d":"0.00"}},10,"Súčet riadkov 6 až 9: ",{"$f":"SUM(I11:I14)","v":{"v":0,"d":"0.00"}},15,null,"Súčet riadkov 11 až 14: ",{"$f":"SUM(M11:M14)","v":{"v":0,"d":"0.00"}}]
[null,"projektant, rozpočtár, cenár",{"$nulls":4},"dodávateľ, zhotoviteľ",null,null,"D","ON - ostatné náklady"]
[null,null,"dátum:","2018-02-27","podpis:",{"$nulls":4},16," Ostatné náklady uvedené v rozpočte",null,{"v":0,"d":"0.00"}]
[null,null,"pečiatka:",{"$nulls":4},"dátum:",null,17," Inžinierska činnosť",null,{"v":0,"d":"0.00"}]
[{"$nulls":9},18," Projektové práce",null,{"v":0,"d":"0.00"}]
[{"$nulls":7},"podpis:",null,19," Komplet. činnosť",null,{"v":0,"d":"0.00"}]
[{"$nulls":7},"pečiatka:",null,20,null,"Súčet riadkov 16 až 19: ",{"$f":"SUM(M17:M20)","v":{"v":0,"d":"0.00"}}]
[null,"odberateľ, obstarávateľ",{"$nulls":7},"E","Celkové náklady"]
[null,null,"dátum:",null,"podpis:",{"$nulls":4},21,null,"Súčet riadkov 5, 10, 15 a 20: ",{"$f":"SUM(M21+M15+I15+F15)","v":{"v":0,"d":"0.00"}}]
[null,null,"pečiatka:",{"$nulls":6},22," DPH   20% z:",{"$f":"M23","v":{"v":0,"d":"0.00"}},{"$f":"SUM(L24*0.2)","v":{"v":0,"d":"0.00"}}]
[{"$nulls":9},23," DPH    0% z:",{"$f":"M23-L24","v":{"v":0,"d":"0.00"}},{"v":0,"d":"0.00"}]
[{"$nulls":9},24,null,"Súčet riadkov 21 až 23: ",{"$f":"SUM(M23:M25)","v":{"v":0,"d":"0.00"}}]
[{"$nulls":9},"F"," Odpočet - prípočet",null,{"v":0,"d":"0 "}]

{"sheet":"P2","index":16,"n_rows":106,"n_cols":30,"rows_kept":106}
["Odberateľ: ",null,"OZ DŽK, o.z. ",{"$nulls":5},"Spracoval: Ing. Milan GAJDOŠ, stavebný cenár       ",{"$nulls":16},"V module","Hlavička1","Mena","Hlavička2","Obdobie"]
["Projektant: MGR. ART. TOMÁŠ HAVIAR ",{"$nulls":7},"JKSO : ",{"$nulls":16},"Rozpočet","Prehľad rozpočtových nákladov v","EUR"]
["Dodávateľ: ",{"$nulls":7},"Dátum:16.03.2018",{"$nulls":16},"Čerpanie","Súpis vykonaných prác a dodávok v","EUR","za obdobie","Mesiac 2011"]
[{"$nulls":25},"VK","Prehľad kalkulovaných nákladov v","EUR"]
["Stavba : PREVÁDZKOVÁ BUDOVA DŽK - STANICA ĎERMEĽ",{"$nulls":24},"VF","Súpis vykonaných prác a dodávok v","EUR","za obdobie","Mesiac 2011"]
["Objekt : 02_Areálová splášková kanalizácia"]
[]
[{"$nulls":3},"Prehľad rozpočtových nákladov v EUR  "]
["P.","Kód","Kód položky","Popis položky, stavebného dielu, remesla,","Množstvo","Mer.","Jednotková","Konštrukcie","Špecifikovaný","Spolu","Hmotnosť v tonách",null,"Suť v tonách",null,"DPH","Pozícia","Množstvo","Množstvo","Množstvo","Vyňatý","Vysoká sadzba","Typ","Nh","X","Y","Klasifikácia","Katalógové","Typ"]
["č.:","cen.",null,"výkaz-výmer","výmera","jedn.","cena",null,"materiál",null,"Jednot.","Spolu","Jednot.","Spolu","%",null,"rozpočtované","od začiatku","dodatok","z režimu stavba","DPH ( materiál )","položky",{"$nulls":3},"produkcie","číslo","Ceny"]
[]
[null,"PRÁCE A DODÁVKY HSV"]
[null,"1 - ZEMNE PRÁCE"]
[1,"272","13120-1101   ","Hĺbenie jám nezapaž. v horn. tr. 3 do 100 m3",77.952,"m3",null,{"$f":"ROUND(G14*E14,2)","v":{"v":0,"d":"0.00"}},null,{"$f":"ROUND(I14+H14,2)","v":{"v":0,"d":"0.00"}},{"$nulls":4},20,"                    ",{"$nulls":5},"E",44.822,null,null,"45.11.21",null,"A"]
[{"$nulls":3},"(3,600+2*0,600)*(2,800+2*0,600)*(2,100-0,200+1,860+0,150+0,03+0,120) =   77,952",{"$nulls":17},"a"]
[{"$nulls":3},".",{"$nulls":17},"a"]
[2,"272","13120-1109   ","Príplatok za lepivosť v horn. tr. 3",23.386,"m3",null,{"$f":"ROUND(G17*E17,2)","v":{"v":0,"d":"0.00"}},null,{"$f":"ROUND(I17+H17,2)","v":{"v":0,"d":"0.00"}},{"$nulls":4},20,"                    ",{"$nulls":5},"E",0.935,null,null,"45.11.21",null,"A"]
[{"$nulls":3},"(3,600+2*0,600)*(2,800+2*0,600)*(2,100-0,200+1,860+0,150+0,03+0,120)*30/100 =   23,386",{"$nulls":17},"a"]
[3,"272","13220-1101   ","Hĺbenie rýh šírka do 60 cm v horn. tr. 3 do 100 m3",17.813,"m3",null,{"$f":"ROUND(G19*E19,2)","v":{"v":0,"d":"0.00"}},null,{"$f":"ROUND(I19+H19,2)","v":{"v":0,"d":"0.00"}},{"$nulls":4},20,"                    ",{"$nulls":5},"E",34.985,null,null,"45.11.21",null,"A"]
[{"$nulls":3},"(1,200+1,250)/2*0,600*2,000 =   1,470",{"$nulls":17},"a"]
[{"$nulls":3},"(1,250+2,000)/2*0,600*15,500 =   15,113",{"$nulls":17},"a"]
[{"$nulls":3},"(2,000+2,100)/2*0,600*1,000 =   1,230",{"$nulls":17},"a"]
[4,"272","13220-1109   ","Príplatok za lepivosť horniny tr. 3 v rýhach š. do 60 cm",5.344,"m3",null,{"$f":"ROUND(G23*E23,2)","v":{"v":0,"d":"0.00"}},null,{"$f":"ROUND(I23+H23,2)","v":{"v":0,"d":"0.00"}},{"$nulls":4},20,"                    ",{"$nulls":5},"E",{"v":1.47,"d":"1.470"},null,null,"45.11.21",null,"A"]
[{"$nulls":3},"(1,200+1,250)/2*0,600*2,000*30/100 =   0,441",{"$nulls":17},"a"]
[{"$nulls":3},"(1,250+2,000)/2*0,600*15,500*30/100 =   4,534",{"$nulls":17},"a"]
[{"$nulls":3},"(2,000+2,100)/2*0,600*1,000*30/100 =   0,369",{"$nulls":17},"a"]
[5,"272","15110-1101   ","Zhotovenie paženia rýh pre podz. vedenie príložné hl. do 2 m",59.375,"m2",null,{"$f":"ROUND(G27*E27,2)","v":{"v":0,"d":"0.00"}},null,{"$f":"ROUND(I27+H27,2)","v":{"v":0,"d":"0.00"}},0.00021,{"$f":"ROUND(K27*E27,5)","v":0.01247},null,null,20,"                    ",{"$nulls":5},"E",14.013,null,null,"45.11.21",null,"B"]
[{"$nulls":3},"2*(1,200+1,250)/2*2,000 =   4,900",{"$nulls":17},"a"]
[{"$nulls":3},"2*(1,250+2,000)/2*15,500 =   50,375",{"$nulls":17},"a"]
[{"$nulls":3},"2*(2,000+2,100)/2*1,000 =   4,100",{"$nulls":17},"a"]
[6,"272","15110-1111   ","Odstránenie paženia rýh pre podz. vedenie príložné hl. do 2 m",59.375,"m2",null,{"$f":"ROUND(G31*E31,2)","v":{"v":0,"d":"0.00"}},null,{"$f":"ROUND(I31+H31,2)","v":{"v":0,"d":"0.00"}},{"$nulls":4},20,"                    ",{"$nulls":5},"E",4.156,null,null,"45.11.21",null,"A"]
[7,"272","15110-1201   ","Zhotovenie paženia stien výkopu príložné hl. do 4 m",71.456,"m2",null,{"$f":"ROUND(G32*E32,2)","v":{"v":0,"d":"0.00"}},null,{"$f":"ROUND(I32+H32,2)","v":{"v":0,"d":"0.00"}},0.00025,{"$f":"ROUND(K32*E32,5)","v":0.01786},null,null,20,"                    ",{"$nulls":5},"E",11.147,null,null,"45.11.21",null,"B"]
[{"$nulls":3},"2*((3,600+2*0,600)+(2,800+2*0,600))*(2,100-0,200+1,860+0,150+0,03+0,120) =   71,456",{"$nulls":17},"a"]
[8,"272","15110-1211   ","Odstránenie paženia stien výkopu príložné hl. do 4 m",71.456,"m2",null,{"$f":"ROUND(G34*E34,2)","v":{"v":0,"d":"0.00"}},null,{"$f":"ROUND(I34+H34,2)","v":{"v":0,"d":"0.00"}},{"$nulls":4},20,"                    ",{"$nulls":5},"E",6.788,null,null,"45.11.21",null,"A"]
[9,"001","15110-1301   ","Zhotovenie rozopretia stien príložného paženia hĺbka do 4 m",71.456,"m3",null,{"$f":"ROUND(G35*E35,2)","v":{"v":0,"d":"0.00"}},null,{"$f":"ROUND(I35+H35,2)","v":{"v":0,"d":"0.00"}},0.00045,{"$f":"ROUND(K35*E35,5)","v":0.03216},null,null,20,"                    ",{"$nulls":5},"E",9.003,null,null,"45.11.21",null,"A"]
[10,"001","15110-1311   ","Odstránenie rozopretia stien príložného paženia hĺbka do 4 m",71.456,"m3",null,{"$f":"ROUND(G36*E36,2)","v":{"v":0,"d":"0.00"}},null,{"$f":"ROUND(I36+H36,2)","v":{"v":0,"d":"0.00"}},{"$nulls":4},20,"                    ",{"$nulls":5},"E",2.715,null,null,"45.11.21",null,"A"]
[11,"272","16110-1101   ","Zvislé premiestnenie výkopu horn. tr. 1-4 nad 1 m do 2,5 m",95.765,"m3",null,{"$f":"ROUND(G37*E37,2)","v":{"v":0,"d":"0.00"}},null,{"$f":"ROUND(I37+H37,2)","v":{"v":0,"d":"0.00"}},{"$nulls":4},20,"                    ",{"$nulls":5},"E",30.358,null,null,"45.11.24",null,"A"]
[{"$nulls":3},"77,952+17,813 =   95,765",{"$nulls":17},"a"]
[12,"272","16230-1102   ","Vodorovné premiestnenie výkopu do 1000 m horn. tr. 1-4",24.015,"m3",null,{"$f":"ROUND(G39*E39,2)","v":{"v":0,"d":"0.00"}},null,{"$f":"ROUND(I39+H39,2)","v":{"v":0,"d":"0.00"}},{"$nulls":4},20,"                    ",{"$nulls":5},"E",0.264,null,null,"45.11.24",null,"A"]
[{"$nulls":3},"\"výkop\"  95,765 =   95,765",{"$nulls":17},"a"]
[{"$nulls":3},"\"obsyp\" -8,326 =   -8,326",{"$nulls":17},"a"]
[{"$nulls":3},"\"zásyp\" -63,424 =   -63,424",{"$nulls":17},"a"]
[13,"001","16610-1101   ","Prehodenie výkopku v horn. tr. 1-4",8.326,"m3",null,{"$f":"ROUND(G43*E43,2)","v":{"v":0,"d":"0.00"}},null,{"$f":"ROUND(I43+H43,2)","v":{"v":0,"d":"0.00"}},{"$nulls":4},20,"                    ",{"$nulls":5},"E",2.415,null,null,"45.11.24",null,"B"]
[{"$nulls":3},"(1,200+1,250)/2*0,600*(0,200+0,300)*2,000-3,14*0,200*0,200/4*2,000 =   0,672",{"$nulls":17},"a"]
[{"$nulls":3},"(1,250+2,000)/2*0,600*(0,200+0,300)*15,500-3,14*0,200*0,200/4*15,500 =   7,070",{"$nulls":17},"a"]
[{"$nulls":3},"(2,000+2,100)/2*0,600*(0,200+0,300)*1,000-3,14*0,200*0,200/4*1,000 =   0,584",{"$nulls":17},"a"]
[{"$nulls":3},".",{"$nulls":17},"a"]
[14,"272","16710-1101   ","Nakladanie výkopku do 100 m3 v horn. tr. 1-4",24.015,"m3",null,{"$f":"ROUND(G48*E48,2)","v":{"v":0,"d":"0.00"}},null,{"$f":"ROUND(I48+H48,2)","v":{"v":0,"d":"0.00"}},{"$nulls":4},20,"                    ",{"$nulls":5},"E",14.409,null,null,"45.11.21",null,"A"]
[14,"272","17120-1201   ","Uloženie sypaniny na skládku",24.015,"m3",null,{"$f":"ROUND(G49*E49,2)","v":{"v":0,"d":"0.00"}},null,{"$f":"ROUND(I49+H49,2)","v":{"v":0,"d":"0.00"}},{"$nulls":4},20,"                    ",{"$nulls":5},"E",0.216,null,null,"45.11.24",null,"A"]
[16,"272","17410-1101   ","Zásyp zhutnený jám, rýh, šachiet alebo okolo objektu",63.424,"m3",null,{"$f":"ROUND(G50*E50,2)","v":{"v":0,"d":"0.00"}},null,{"$f":"ROUND(I50+H50,2)","v":{"v":0,"d":"0.00"}},{"$nulls":4},20,"                    ",{"$nulls":5},"E",17.505,null,null,"45.11.21",null,"A"]
[{"$nulls":3},"77,952+17,813 =   95,765",{"$nulls":17},"a"]
[{"$nulls":3},"-0,150*(2,000+15,500+1,000)*0,600*0,150 =   -0,250",{"$nulls":17},"a"]
[{"$nulls":3},"-(0,120+0,030)*2,800*3,600 =   -1,512",{"$nulls":17},"a"]
[{"$nulls":3},"-0,150*2,800*3,600 =   -1,512",{"$nulls":17},"a"]
[{"$nulls":3},"-8,326 \"prehodenie výkopku - obsyp potrubia\" =   -8,326",{"$nulls":17},"a"]
[{"$nulls":3},"\"kubatúra potrubia\"   -3,14*0,200*0,200/4*(2,000+15,500+1,000) =   -0,581",{"$nulls":17},"a"]
[{"$nulls":3},"\"kubatúra žumpy\"  -2,800*3,600*2,000 =   -20,160",{"$nulls":17},"a"]
[17,"001","17510-1101   ","Obsyp potrubia bez prehodenia sypaniny",8.326,"m3",null,{"$f":"ROUND(G58*E58,2)","v":{"v":0,"d":"0.00"}},null,{"$f":"ROUND(I58+H58,2)","v":{"v":0,"d":"0.00"}},{"$nulls":4},20,"                    ",{"$nulls":5},"E",12.156,null,null,"45.11.21",null,"B"]
[18,"272","18110-1102   ","Úprava pláne v zárezoch v horn. tr. 1-4 so zhutnením",{"v":41.4,"d":"41.400"},"m2",null,{"$f":"ROUND(G59*E59,2)","v":{"v":0,"d":"0.00"}},null,{"$f":"ROUND(I59+H59,2)","v":{"v":0,"d":"0.00"}},{"$nulls":4},20,"                    ",{"$nulls":5},"E",0.704,null,null,"45.11.21",null,"B"]
[{"$nulls":3},"(2,000+15,500+1,000)*1,200 =   22,200",{"$nulls":17},"a"]
[{"$nulls":3},"(3,600+2*0,600)*(2,800+2*0,600) =   19,200",{"$nulls":17},"a"]
[{"$nulls":3},".",{"$nulls":17},"a"]
[{"$nulls":3},"1 - ZEMNE PRÁCE  spolu: ",{"$nulls":3},{"$f":"SUM(H14:H59)","v":{"v":0,"d":"0.00"}},{"$f":"SUM(I14:I59)","v":{"v":0,"d":"0.00"}},{"$f":"SUM(J14:J59)","v":{"v":0,"d":"0.00"}},null,{"$f":"SUM(L14:L59)","v":{"v":0.062490000000000004,"d":"0.06249"}},null,{"$f":"SUM(N14:N59)","v":{"v":0,"d":"0.000"}},{"$nulls":8},{"v":208.06100000000004,"d":"208.061"}]
[null,"2 - ZÁKLADY"]
[19,"272","21275-2112   ","Trativody z drenážnych rúrok DN do 100 so štrkopieskovým lôžkom a obsypom",{"v":18.5,"d":"18.500"},"m",null,{"$f":"ROUND(G65*E65,2)","v":{"v":0,"d":"0.00"}},null,{"$f":"ROUND(I65+H65,2)","v":{"v":0,"d":"0.00"}},0.23566,{"$f":"ROUND(K65*E65,5)","v":4.35971},null,null,20,"                    ",{"$nulls":5},"E",3.682,null,null,"45.25.21",null,"B"]
[{"$nulls":3},"(2,000+15,500+1,000) =   18,500",{"$nulls":17},"a"]
[{"$nulls":3},"2 - ZÁKLADY  spolu: ",{"$nulls":3},{"$f":"SUM(H65:H66)","v":{"v":0,"d":"0.00"}},{"$f":"SUM(I65)","v":{"v":0,"d":"0.00"}},{"$f":"SUM(J65)","v":{"v":0,"d":"0.00"}},null,{"$f":"SUM(L65:L66)","v":4.35971},null,{"$f":"SUM(N65)","v":{"v":0,"d":"0.000"}},{"$nulls":8},3.682]
[null,"4 - VODOROVNÉ KONŠTRUKCIE"]
[20,"271","45157-3111   ","Lôžko pod potrubie, stoky v otvorenom výkope z piesku a štrkopiesku",3.177,"m3",null,{"$f":"ROUND(G69*E69,2)","v":{"v":0,"d":"0.00"}},null,{"$f":"ROUND(I69+H69,2)","v":{"v":0,"d":"0.00"}},1.89077,{"$f":"ROUND(K69*E69,5)","v":6.00698},null,null,20,"                    ",{"$nulls":5},"E",3.851,null,null,"45.21.41",null,"B"]
[{"$nulls":3},"0,150*0,600*2,000 =   0,180",{"$nulls":17},"a"]
[{"$nulls":3},"0,150*0,600*15,500 =   1,395",{"$nulls":17},"a"]
[{"$nulls":3},"0,150*0,600*1,000 =   0,090",{"$nulls":17},"a"]
[{"$nulls":3},"3,600*2,800*(0,120+0,030) =   1,512",{"$nulls":17},"a"]
[21,"271","45211-3112   ","Osadenie betónových dielcov do 100 kg",{"v":1,"d":"1.000"},"kus",null,{"$f":"ROUND(G74*E74,2)","v":{"v":0,"d":"0.00"}},null,{"$f":"ROUND(I74+H74,2)","v":{"v":0,"d":"0.00"}},{"$nulls":4},20,"                    ",{"$nulls":5},"E",0.147,null,null,"45.21.41",null,"B"]
[22,"271","45231-1131   ","Podkladové dosky z betónu prostého tr. C 12/15 v otvorenom výkope pod potrubie",{"v":2.33,"d":"2.330"},"m3",null,{"$f":"ROUND(G75*E75,2)","v":{"v":0,"d":"0.00"}},null,{"$f":"ROUND(I75+H75,2)","v":{"v":0,"d":"0.00"}},2.35435,{"$f":"ROUND(K75*E75,5)","v":5.48564},null,null,20,"                    ",{"$nulls":5},"E",3.376,null,null,"45.21.41",null,"B"]
[{"$nulls":3},"(3,600+2*0,250)*(2,800+2*0,250)*0,150\" pod žumpu\" =   2,030",{"$nulls":17},"a"]
[{"$nulls":3},"2*1,000*1,000*0,150 =   0,300",{"$nulls":17},"a"]
[{"$nulls":3},"4 - VODOROVNÉ KONŠTRUKCIE  spolu: ",{"$nulls":3},{"$f":"SUM(H69:H75)","v":{"v":0,"d":"0.00"}},{"v":0,"d":"0.00"},{"$f":"SUM(J69:J75)","v":{"v":0,"d":"0.00"}},null,{"$f":"SUM(L69:L75)","v":11.49262},null,{"v":0,"d":"0.000"},{"$nulls":8},7.374]
[]
[null,"8 - RÚROVÉ VEDENIA"]
[23,"271","87138-3120   ","Montáž potrubia z kan. rúr korugovaných PVC-U v otvor. výkope do 20 % DN 200, tesnenie gum. krúžkami",{"v":18.5,"d":"18.500"},"m",null,{"$f":"ROUND(G81*E81,2)","v":{"v":0,"d":"0.00"}},null,{"$f":"ROUND(I81+H81,2)","v":{"v":0,"d":"0.00"}},{"v":1e-05,"d":"0.00001"},{"$f":"ROUND(K81*E81,5)","v":0.00019},null,null,20,"                    ",{"$nulls":5},"E",1.998,null,null,"45.21.41",null,"A"]
[{"$nulls":3},"2,000+15,500+1,000 =   18,500",{"$nulls":17},"a"]
[24,"MAT","286 3N8711   ","Rúra kanalizačná korug. PRAGMA ID PR 200, dĺ.6m - 41 52 091",{"v":3.37,"d":"3.370"},"kus",null,null,{"$f":"ROUND(E83*G83,2)","v":{"v":0,"d":"0.00"}},{"$f":"ROUND(I83+H83,2)","v":{"v":0,"d":"0.00"}},{"$nulls":4},20,"                    ",{"$nulls":5},"D",{"$nulls":3},"25.21.22","41 52 091           ",2]
[{"$nulls":3},"(2,0+15,5+1)/6,000*1,093 =   3,370",{"$nulls":17},"a"]
[25,"MAT","436 1G0321   ","Šachta kanalizačná EKOPROG 1000 - výška 1250 mm",{"v":1,"d":"1.000"},"kus",null,null,{"$f":"ROUND(E85*G85,2)","v":{"v":0,"d":"0.00"}},{"$f":"ROUND(I85+H85,2)","v":{"v":0,"d":"0.00"}},{"v":0.02,"d":"0.02000"},{"$f":"ROUND(K85*E85,5)","v":{"v":0.02,"d":"0.02000"}},null,null,20,"                    ",{"$nulls":5},"D",{"$nulls":3},"29.24.12","                    ",2]
[26,"MAT","436 1G0323   ","Šachta kanalizačná EKOPROG 1000 - výška 2000 mm",{"v":1,"d":"1.000"},"kus",null,null,{"v":0,"d":"0.00"},{"v":0,"d":"0.00"},{"$nulls":4},20,"                    ",{"$nulls":5},"D",{"$nulls":3},"29.24.12","                    ",2]
[27,"271","89210-1111   ","Skúška tesnosti kanalizačného potrubia DN do 200 vodou",{"v":18.5,"d":"18.500"},"m",null,{"$f":"ROUND(G87*E87,2)","v":{"v":0,"d":"0.00"}},null,{"$f":"ROUND(I87+H87,2)","v":{"v":0,"d":"0.00"}},{"$nulls":4},20,"                    ",{"$nulls":5},"E",{"v":1.48,"d":"1.480"},null,null,"45.21.41",null,"A"]
[{"$nulls":3},"(2,000+15,500+1,000) =   18,500",{"$nulls":17},"a"]
[28,"271","89261-1020   ","Monitoring potrubia inšpekčnou kamerou do DN 200 mm",{"v":18.5,"d":"18.500"},"m",null,{"$f":"ROUND(G89*E89,2)","v":{"v":0,"d":"0.00"}},null,{"$f":"ROUND(I89+H89,2)","v":{"v":0,"d":"0.00"}},{"$nulls":4},20,"                    ",{"$nulls":5},"E",{"v":1.11,"d":"1.110"},null,null,"  .  .  ",null,"B"]
[{"$nulls":3},"2,000+15,500+1,000 =   18,500",{"$nulls":17},"a"]
[29,"271","89262-1020   ","Monitoring kanalizačnej šachty inšpekčnou kamerou do DN 200 mm",{"v":3.25,"d":"3.250"},"m",null,{"$f":"ROUND(G91*E91,2)","v":{"v":0,"d":"0.00"}},null,{"$f":"ROUND(I91+H91,2)","v":{"v":0,"d":"0.00"}},{"$nulls":4},20,"                    ",{"$nulls":5},"E",0.491,null,null,"  .  .  ",null,"B"]
[{"$nulls":3},"1,250+2,000 =   3,250",{"$nulls":17},"a"]
[30,"271","89410-3202   ","Osadenie ŽB stropu prečerpávacej stanice, hmotnosť nad 1 t",{"v":1,"d":"1.000"},"kus",null,{"$f":"ROUND(G93*E93,2)","v":{"v":0,"d":"0.00"}},null,{"$f":"ROUND(I93+H93,2)","v":{"v":0,"d":"0.00"}},{"$nulls":4},20,"                    ",{"$nulls":5},"E",0.763,null,null,"  .  .  ",null,"A"]
[31,"271","89410-3302   ","Osadenie ŽB nádstavca alebo prstenca prečerpávacej stanice, hmotnosť do 2 t",{"v":1,"d":"1.000"},"kus",null,{"$f":"ROUND(G94*E94,2)","v":{"v":0,"d":"0.00"}},null,{"$f":"ROUND(I94+H94,2)","v":{"v":0,"d":"0.00"}},{"$nulls":4},20,"                    ",{"$nulls":5},"E",2.036,null,null,"  .  .  ",null,"A"]
[32,"271","89410-3410   ","Osadenie akumulačnej nádrže ŽB, hmotnosť nad 4 do 10 t",{"v":1,"d":"1.000"},"kus",null,{"$f":"ROUND(G95*E95,2)","v":{"v":0,"d":"0.00"}},null,{"$f":"ROUND(I95+H95,2)","v":{"v":0,"d":"0.00"}},{"$nulls":4},20,"                    ",{"$nulls":5},"E",4.841,null,null,"  .  .  ",null,"A"]
[33,"MAT","4361KL101","Akumulačná nádrž - KL AN 14 dĺž.3 700, šír.2400, výš.2000 mm, hr. stropnej dosky 120 mm     ",{"v":1,"d":"1.000"},"kus",null,null,{"$f":"ROUND(G96*E96,2)","v":{"v":0,"d":"0.00"}},{"$f":"SUM(H96+I96)","v":{"v":0,"d":"0.00"}},{"v":12.29,"d":"12.29000"},{"$f":"ROUND(K96*E96,5)","v":{"v":12.29,"d":"12.29000"}},null,null,20,"                    ",{"$nulls":5},"D",{"$nulls":3},"29.24.12","                    ",2]
[34,"MAT","592 241260   ","Skruž prechodová TBS625/9-SPK62,5/100x60x9",{"v":1,"d":"1.000"},"kus",null,null,{"$f":"ROUND(G97*E97,2)","v":{"v":0,"d":"0.00"}},{"$f":"SUM(H97+I97)","v":{"v":0,"d":"0.00"}},{"v":0.0396,"d":"0.03960"},{"$f":"ROUND(K97*E97,5)","v":{"v":0.0396,"d":"0.03960"}}]
[35,"MAT","592 241370   ","Prstenec vyrovnávací TBS10/9 62,5x10x9",{"v":1,"d":"1.000"},"kus",null,null,{"$f":"ROUND(G98*E98,2)","v":{"v":0,"d":"0.00"}},{"v":0,"d":"0.00"},{"v":0.046,"d":"0.04600"},{"v":0.046,"d":"0.04600"}]
[36,"271","89910-4111   ","Osadenie poklopov liatinových, oceľových s rámom nad 150 kg",{"v":1,"d":"1.000"},"kus",null,{"$f":"ROUND(G99*E99,2)","v":{"v":0,"d":"0.00"}},null,{"$f":"ROUND(I99+H99,2)","v":{"v":0,"d":"0.00"}},0.00702,{"$f":"ROUND(K99*E99,5)","v":0.00702},null,null,20,"                    ",{"$nulls":5},"D",{"$nulls":3},"29.24.12","                    ",2]
[37,"MAT","553 4G0104   ","Poklop liatinový DN 600, tr.záťaž.D 400 KN - 161773",{"v":1,"d":"1.000"},"kus",null,null,{"$f":"ROUND(E100*G100,2)","v":{"v":0,"d":"0.00"}},{"$f":"ROUND(I100+H100,2)","v":{"v":0,"d":"0.00"}},0.13497,{"$f":"ROUND(K100*E100,5)","v":0.13497},null,null,20,"                    ",{"$nulls":5},"D",{"$nulls":3},"29.24.12","                    ",2]
[{"$nulls":3},"8 - RÚROVÉ VEDENIA  spolu: ",{"$nulls":3},{"$f":"SUM(H81:H100)","v":{"v":0,"d":"0.00"}},{"$f":"SUM(I81:I100)","v":{"v":0,"d":"0.00"}},{"$f":"SUM(J81:J100)","v":{"v":0,"d":"0.00"}},null,{"$f":"SUM(L81:L100)","v":{"v":12.537779999999998,"d":"12.53778"}},null,{"$f":"SUM(N81:N100)","v":{"v":0,"d":"0.000"}},{"$nulls":8},47.869]
[null,"9 - OSTATNÉ KONŠTRUKCIE A PRÁCE"]
[38,"271","99827-6101   ","Presun hmôt pre potrubie z rúr plastových alebo sklolaminátových v otvorenom výkope",{"$f":"SUM(L105)","v":{"v":28.4526,"d":"28.453"}},"t",null,{"$f":"ROUND(G103*E103,2)","v":{"v":0,"d":"0.00"}},null,{"$f":"ROUND(I103+H103,2)","v":{"v":0,"d":"0.00"}},{"$nulls":4},20,"                    ",{"$nulls":5},"E",57.651,null,null,"45.21.41",null,"A"]
[{"$nulls":3},"9 - OSTATNÉ KONŠTRUKCIE A PRÁCE  spolu: ",{"$nulls":3},{"$f":"SUM(H103)","v":{"v":0,"d":"0.00"}},{"$f":"SUM(I103)","v":{"v":0,"d":"0.00"}},{"$f":"SUM(J103)","v":{"v":0,"d":"0.00"}},{"$nulls":12},57.651]
[{"$nulls":3},"PRÁCE A DODÁVKY HSV  spolu: ",{"$nulls":3},{"$f":"SUM(H104+H101+H78+H67+H63)","v":{"v":0,"d":"0.00"}},{"$f":"SUM(I104+I101+I78+I67+I63)","v":{"v":0,"d":"0.00"}},{"$f":"SUM(J104+J101+J78+J67+J63)","v":{"v":0,"d":"0.00"}},null,{"$f":"SUM(L104+L101+L78+L67+L63)","v":{"v":28.4526,"d":"28.45260"}},null,{"$f":"SUM(N104+N101+N78+N67+N63)","v":{"v":0,"d":"0.000"}},{"$nulls":8},324.637]
[{"$nulls":3},"Za rozpočet celkom",{"$nulls":3},{"$f":"SUM(H105)","v":{"v":0,"d":"0.00"}},{"$f":"SUM(I105)","v":{"v":0,"d":"0.00"}},{"$f":"SUM(J105)","v":{"v":0,"d":"0.00"}},null,{"$f":"SUM(L105)","v":{"v":28.4526,"d":"28.45260"}},null,{"$f":"SUM(N105)","v":{"v":0,"d":"0.000"}},{"$nulls":8},326.469]